UEFA Champions League players of the 00s - Statistics

General Stats
  • This quiz has been taken 43 times
  • The average score is 359 of 3280
Answer Stats
Ranking Player Positions Nationality Matches Goals (assists) Periods Clubs % Correct
17 Andriy Shevchenko ST 74 33 (11) 2000-2001, 2002-2007, 2009-2010
97%
7 Carles Puyol CB 85 2 (1) 2000-2002, 2004-2010
97%
2317 Ibrahim Bá RM 4 0 (0) 2000-2001
97%
2 Iker Casillas GK 89 0 (0) 2000-2010
97%
5 Roberto Carlos LB 86 10 (13) 2000-2009
97%
1 Thierry Henry ST 98 42 (22) 2000-2010
97%
13 Luís Figo RW 79 17 (27) 2000-2009
94%
2601 Luis Ramos DM 3 0 (0) 2009-2010
94%
1817 Michael Ball LB 6 0 (1) 2003-2004
94%
10 Michael Ballack CM 81 15 (9) 2000-2010
94%
203 Sergio Ramos CB 35 3 (1) 2005-2010
94%
3263 Victor Ramos CB 1 0 (0) 2009-2010
94%
9 Paul Scholes CM 81 15 (10) 2000-2010
91%
3 Raúl CF 88 45 (20) 2000-2010
91%
6 Ryan Giggs LM 85 16 (29) 2000-2010
91%
2387 Tobias Rau LB 3 0 (0) 2003-2005
91%
8 Xavi CM 83 5 (19) 2000-2002, 2004-2010
91%
2761 Andreas Beck RB 2 0 (2) 2007-2008
88%
66 Andrés Iniesta CM 59 5 (8) 2002-2003, 2004-2010
88%
18 Clarence Seedorf CM 73 8 (17) 2002-2007, 2009-2010
88%
71 Cristiano Ronaldo ST 58 22 (13) 2003-2010
88%
44 David Beckham CM 64 9 (19) 2000-2006, 2009-2010
88%
2562 Mikkel Beck ST 3 0 (0) 2001-2002
88%
19 Paolo Maldini LB 73 1 (3) 2000-2001, 2002-2008
88%
216 Ronaldo ST 34 13 (7) 2002-2007
88%
1783 Ronaldo CB 6 1 (0) 2003-2004
88%
27 Zlatan Ibrahimović ST 70 19 (13) 2002-2010
88%
811 Andy Cole ST 14 5 (1) 2000-2002
84%
98 Arjen Robben RW 50 10 (5) 2002-2010
84%
14 Ashley Cole LB 76 1 (9) 2000-2010
84%
2766 Carlton Cole ST 2 0 (0) 2005-2006
84%
21 Frank Lampard CM 72 19 (18) 2003-2010
84%
97 Joe Cole AM 50 6 (7) 2003-2010
84%
34 Steven Gerrard CM 67 19 (14) 2001-2002, 2004-2010
84%
4 Claude Makélélé DM 87 1 (5) 2000-2008
81%
314 Cristiano Zanetti DM 28 0 (3) 2002-2005, 2008-2010
81%
2889 Gökhan Zan CB 2 0 (0) 2007-2008
81%
16 Javier Zanetti RB 74 0 (2) 2002-2010
81%
48 Kaká AM 63 24 (16) 2003-2007, 2009-2010
81%
124 Lionel Messi RW 44 25 (9) 2004-2010
81%
36 Víctor Valdés GK 67 0 (0) 2002-2003, 2004-2010
81%
86 Xabi Alonso DM 54 3 (2) 2003-2010
81%
2774 Alejandro Alonso RM 2 1 (0) 2006-2007
78%
22 Dida GK 72 0 (0) 2000-2001, 2002-2007, 2009-2010
78%
1163 Diego Alonso ST 10 4 (0) 2000-2001
78%
394 Karim Benzema ST 24 13 (4) 2005-2010
78%
3004 Mohamed Zidan CF 1 0 (0) 2006-2007
78%
42 Petr Cech GK 65 0 (0) 2001-2002, 2004-2010
78%
81 Samuel Eto'o ST 56 19 (13) 2001-2002, 2004-2010
78%
2565 Adrien Silva CM 3 0 (0) 2007-2009
75%
20 Andrea Pirlo DM 73 7 (10) 2002-2007, 2009-2010
75%
2435 Antônio da Silva AM 3 1 (0) 2007-2008
75%
1523 David Mendes da Silva DM 6 1 (0) 2009-2010
75%
750 David Silva AM 15 2 (2) 2006-2008
75%
47 Deco AM 64 10 (18) 2001-2002, 2003-2010
75%
62 Didier Drogba ST 60 31 (7) 2003-2010
75%
732 Franck Ribéry LW 15 5 (10) 2008-2010
75%
325 Gerard Piqué CB 27 5 (1) 2004-2005, 2007-2010
75%
92 Gilberto Silva DM 52 4 (1) 2002-2009
75%
11 Guti CM 81 15 (14) 2000-2010
75%
28 John Terry CB 69 6 (2) 2003-2010
75%
1527 Jorge Silva DM 6 0 (0) 2001-2002
75%
2556 Marcelo Silva DM 3 0 (0) 2002-2003
75%
731 Marek Cech LB 15 0 (0) 2004-2008
75%
975 Mário Silva LB 12 1 (1) 2001-2002, 2003-2004
75%
161 Mauro Silva DM 39 0 (0) 2000-2005
75%
3086 Pedro Silva RB 1 0 (0) 2008-2009
75%
1844 Ricardo Silva CB 5 0 (0) 2001-2002
75%
25 Rio Ferdinand CB 71 2 (2) 2000-2001, 2002-2010
75%
137 Ronaldinho LW 42 17 (10) 2004-2007, 2009-2010
75%
987 Silva ST 11 4 (2) 2001-2002
75%
1387 Thiago Silva CB 7 0 (0) 2009-2010
75%
89 Wayne Rooney ST 53 20 (6) 2004-2010
75%
15 Alessandro Nesta CB 76 0 (0) 2000-2007, 2009-2010
72%
100 Cesc Fàbregas CM 50 10 (12) 2004-2010
72%
195 Fernando Hierro CB 36 1 (0) 2000-2003
72%
91 Gianluigi Buffon GK 53 0 (0) 2001-2005, 2008-2010
72%
12 Jamie Carragher CB 80 0 (2) 2001-2002, 2004-2010
72%
37 Oliver Kahn GK 66 0 (1) 2000-2007
72%
50 Pavel Nedved LM 63 14 (15) 2000-2005, 2008-2009
72%
143 Philipp Lahm RB 41 0 (4) 2002-2003, 2005-2006, 2008-2010
72%
52 Ruud van Nistelrooy ST 62 48 (17) 2001-2010
72%
101 Zinédine Zidane AM 49 9 (13) 2000-2006
72%
995 Daniel Carvalho AM 11 1 (2) 2004-2005, 2006-2007, 2009-2010
69%
96 Edwin van der Sar GK 50 0 (0) 2000-2001, 2005-2010
69%
77 Fabio Cannavaro CB 57 2 (2) 2002-2010
69%
31 Gennaro Gattuso CM 69 1 (0) 2000-2001, 2002-2007, 2009-2010
69%
1964 ST 5 2 (0) 2006-2008
69%
82 Lilian Thuram CB 55 0 (0) 2001-2008
69%
3061 Marcel ST 1 0 (0) 2005-2006
69%
1344 Mark De Man CB 8 0 (0) 2005-2007
69%
33 Ricardo Carvalho CB 68 3 (2) 2001-2002, 2003-2010
69%
68 Alessandro Del Piero CF 58 22 (14) 2000-2005, 2008-2010
66%
84 Cafu RB 55 2 (11) 2001-2008
66%
74 Claudio Pizarro ST 57 16 (8) 2001-2009
66%
316 David Pizarro CM 28 3 (2) 2005-2009
66%
1004 Diego Milito ST 11 6 (3) 2009-2010
66%
494 Fernando Torres ST 21 8 (2) 2007-2010
66%
846 Gabriel Milito CB 14 0 (0) 2007-2008, 2009-2010
66%
56 Kolo Touré CB 61 2 (1) 2002-2009
66%
1095 Manuel Neuer GK 10 0 (0) 2007-2008
66%
165 Wesley Sneijder AM 39 5 (12) 2002-2005, 2007-2010
66%
225 Yaya Touré CM 33 1 (3) 2005-2006, 2007-2010
66%
178 Bruno Alves CB 37 2 (1) 2005-2010
63%
2145 Cândido Costa RW 4 0 (0) 2001-2002
63%
774 Curro Torres RB 15 1 (2) 2002-2003, 2004-2005, 2006-2007
63%
290 Dani Alves RB 29 2 (7) 2007-2010
63%
130 Francesco Totti CF 43 13 (10) 2001-2002, 2004-2005, 2006-2009
63%
150 Ji-sung Park AM 41 3 (2) 2003-2010
63%
3010 João Alves CM 1 0 (0) 2006-2007
63%
570 Jorge Costa CB 19 1 (0) 2001-2002, 2003-2005
63%
1981 Manuel da Costa CB 5 0 (0) 2006-2008
63%
1410 Miguel Torres RB 7 0 (0) 2006-2009
63%
69 Patrice Evra LB 58 1 (2) 2003-2004, 2006-2010
63%
208 Patrick Müller CB 35 0 (1) 2000-2003, 2005-2007
63%
1767 Paulo Costa RW 6 0 (0) 2001-2002, 2008-2009
63%
241 Pepe CB 32 2 (2) 2004-2010
63%
617 Ricardo Costa CB 18 1 (0) 2003-2006, 2009-2010
63%
171 Ricardo Quaresma RW 38 4 (5) 2004-2010
63%
24 Robert Pirès LM 71 12 (13) 2000-2005, 2008-2009
63%
147 Rui Costa AM 41 0 (7) 2002-2005, 2007-2008
63%
801 Sergio Agüero ST 14 5 (1) 2008-2010
63%
882 Thomas Müller CF 13 3 (3) 2008-2010
63%
956 Tomás Costa DM 12 0 (0) 2008-2010
63%
2690 Tom De Mul RM 2 0 (0) 2004-2005, 2007-2008
63%
125 Diego Forlán ST 44 6 (3) 2001-2003, 2005-2006, 2008-2010
59%
70 Filippo Inzaghi ST 58 32 (4) 2000-2001, 2002-2007, 2009-2010
59%
30 Gary Neville RB 69 2 (4) 2000-2010
59%
1465 Giuseppe Reina RW 6 0 (0) 2002-2003
59%
63 Hernán Crespo ST 59 23 (6) 2000-2008
59%
3113 José Crespo CB 1 0 (0) 2007-2008
59%
2169 Josep Lluís Martí DM 4 0 (0) 2007-2008
59%
39 Lúcio CB 66 5 (2) 2001-2002, 2004-2006, 2008-2010
59%
647 Marcelo LB 17 0 (1) 2007-2010
59%
75 Michael Essien DM 57 10 (5) 2003-2010
59%
2931 Okon Flo Essien ST 2 0 (0) 2002-2003
59%
99 Pepe Reina GK 50 0 (0) 2001-2002, 2005-2010
59%
217 Phil Neville RB 34 1 (2) 2000-2005
59%
1949 Robbie Keane ST 5 2 (1) 2008-2009
59%
183 Robin van Persie ST 37 12 (7) 2002-2003, 2004-2010
59%
170 Roy Keane CM 38 2 (2) 2000-2005
59%
524 Simone Inzaghi ST 20 6 (2) 2000-2001, 2003-2004
59%
3102 Adrián Martín AM 1 0 (0) 2005-2006
56%
575 Alou Diarra DM 18 2 (0) 2006-2007, 2008-2010
56%
1700 Ángel Di María RW 6 0 (1) 2007-2008
56%
2051 César LM 5 0 (0) 2001-2002, 2005-2006
56%
425 César Martín CB 23 1 (0) 2000-2005
56%
2334 Christian Vander GK 4 0 (0) 2007-2009
56%
152 Dimitar Berbatov ST 41 11 (2) 2001-2002, 2004-2005, 2008-2010
56%
59 Esteban Cambiasso DM 61 4 (3) 2002-2010
56%
43 Fernando Morientes ST 65 23 (7) 2000-2007, 2009-2010
56%
51 Gianluca Zambrotta RB 63 0 (6) 2001-2007, 2009-2010
56%
162 Júlio César GK 39 0 (0) 2005-2010
56%
721 Júlio César ST 15 3 (0) 2002-2003, 2006-2007
56%
925 Júlio César CB 12 2 (0) 2000-2001, 2006-2008
56%
632 Lassana Diarra DM 17 0 (2) 2005-2010
56%
1616 Leandro Vieira LB 6 0 (0) 2005-2006
56%
94 Mahamadou Diarra DM 52 5 (3) 2002-2010
56%
1804 Marcos Martín DM 6 0 (0) 2001-2002
56%
35 Patrick Vieira DM 67 3 (5) 2000-2010
56%
607 Sergio Busquets DM 18 2 (1) 2008-2010
56%
78 Zé Roberto LM 57 4 (12) 2000-2005, 2008-2009
56%
349 Anderson CM 26 0 (3) 2006-2010
53%
684 Anderson CB 16 0 (0) 2005-2008
53%
110 Bastian Schweinsteiger CM 47 5 (6) 2002-2006, 2008-2010
53%
847 David Villa ST 14 6 (3) 2006-2008
53%
1589 Edin Džeko ST 6 4 (0) 2009-2010
53%
1962 François Marque CB 5 0 (0) 2008-2009
53%
1657 Henning Berg RB 6 0 (0) 2003-2004
53%
308 Javier Mascherano DM 28 0 (2) 2006-2010
53%
54 Jens Lehmann GK 61 0 (0) 2001-2007, 2009-2010
53%
3239 Miguel Albiol RM 1 0 (0) 2002-2003
53%
117 Ole Gunnar Solskjær ST 46 12 (10) 2000-2003, 2006-2007
53%
525 Ørjan Berg CM 20 1 (2) 2000-2002, 2004-2006
53%
3207 Pep Guardiola DM 1 0 (0) 2002-2003
53%
407 Raúl Albiol CB 23 2 (0) 2006-2007, 2009-2010
53%
458 Robinho LW 21 5 (8) 2005-2008
53%
549 Sonny Anderson ST 19 9 (1) 2000-2003
53%
1218 Alexandre Pato ST 9 2 (0) 2007-2008, 2009-2010
50%
309 Álvaro Arbeloa RB 28 0 (1) 2006-2010
50%
479 Carlos Tevez ST 21 6 (2) 2007-2009
50%
705 César Sánchez GK 16 0 (0) 2000-2004
50%
266 Daniele De Rossi DM 31 3 (2) 2001-2002, 2004-2005, 2006-2009
50%
2979 David Sánchez DF 1 0 (0) 2002-2003
50%
3203 David Sánchez CM 1 0 (0) 2002-2003
50%
104 David Trezeguet ST 49 25 (5) 2000-2005, 2008-2010
50%
1532 Derek Boateng DM 6 0 (0) 2000-2002
50%
139 Éric Abidal LB 42 0 (2) 2000-2001, 2004-2010
50%
913 Erwin Sánchez AM 12 3 (0) 2001-2002
50%
2010 Federico Higuaín AM 5 0 (0) 2007-2008
50%
41 Florent Malouda LW 65 7 (17) 2003-2010
50%
475 Gonzalo Higuaín ST 21 2 (2) 2006-2010
50%
72 Hans Jörg Butt GK 57 3 (1) 2000-2002, 2004-2005, 2008-2010
50%
1978 Javi García DM 5 0 (1) 2005-2006, 2008-2009
50%
2973 Jimmy Juan CM 1 0 (0) 2004-2005
50%
32 John Arne Riise LB 68 3 (2) 2000-2002, 2004-2009
50%
40 John O'Shea CB 65 2 (3) 2001-2010
50%
435 Juan CB 22 5 (0) 2002-2003, 2004-2005, 2007-2009
50%
519 Juan Román Riquelme AM 20 3 (4) 2002-2003, 2005-2006
50%
426 Juan Sánchez ST 23 8 (1) 2000-2001, 2002-2003
50%
658 Mario Gómez ST 17 4 (2) 2003-2004, 2007-2008, 2009-2010
50%
345 Michael Owen ST 26 11 (2) 2001-2002, 2004-2005, 2009-2010
50%
227 Nemanja Vidic‎ CB 33 2 (0) 2006-2010
50%
228 Nicky Butt DM 33 2 (1) 2000-2004
50%
207 Patrick Kluivert ST 35 13 (6) 2000-2002, 2006-2007
50%
121 Rafa Márquez CB 45 1 (3) 2000-2001, 2004-2010
50%
2988 Robert Boateng ST 1 0 (0) 2000-2001
50%
90 Sami Hyypiä CB 53 4 (2) 2001-2002, 2004-2008
50%
2521 Sergio Sánchez CB 3 0 (0) 2009-2010
50%
972 Tomas Jun CF 12 2 (1) 2000-2001, 2003-2005
50%
2548 Vicente Sánchez LW 3 0 (0) 2007-2008
50%
153 Víctor Sánchez RW 41 4 (8) 2000-2005
50%
2586 Víctor Sánchez CM 3 0 (0) 2008-2009
50%
3178 Yohann Gomez DM 1 0 (0) 2004-2005
50%
2240 Aleandro Rosi RB 4 0 (1) 2006-2007
47%
128 Alex CB 43 6 (2) 2004-2010
47%
369 Alex AM 25 5 (10) 2004-2005, 2007-2009
47%
2551 Arnaud Gonzalez ST 3 0 (0) 2002-2003
47%
1439 Cani LW 7 0 (1) 2008-2009
47%
1596 César Navas CB 6 0 (0) 2009-2010
47%
888 Dani García ST 13 2 (2) 2000-2002, 2005-2006
47%
173 Edgar Davids CM 38 1 (6) 2000-2005
47%
1928 Eren Şen ST 5 0 (0) 2005-2006
47%
914 Ezequiel González AM 12 4 (0) 2004-2006
47%
180 Fabien Barthez GK 37 0 (0) 2000-2003
47%
3253 Gerardo García RB 1 0 (0) 2000-2001
47%
636 Giorgio Chiellini CB 17 1 (0) 2005-2006, 2008-2010
47%
311 Henrik Larsson ST 28 7 (4) 2001-2002, 2003-2007
47%
310 Jerzy Dudek GK 28 0 (0) 2001-2002, 2004-2005, 2006-2007, 2008-2009
47%
677 Jesús Navas RB 16 2 (4) 2007-2008, 2009-2010
47%
360 Kily González LM 26 3 (2) 2000-2001, 2002-2006
47%
373 Laurent Robert LW 25 3 (6) 2000-2001, 2002-2003, 2005-2006
47%
204 Lucho González CM 35 11 (4) 2005-2010
47%
302 Luis García RW 29 10 (2) 2004-2006, 2008-2009
47%
991 Lukas Podolski ST 11 3 (2) 2006-2007, 2008-2009
47%
464 Mariano González RW 21 1 (0) 2006-2010
47%
1003 Mark González LW 11 1 (0) 2006-2007, 2009-2010
47%
49 Mark van Bommel CM 63 6 (8) 2000-2006, 2008-2010
47%
148 Michael Carrick DM 41 3 (1) 2006-2010
47%
2672 Miguel Garcia RB 2 0 (0) 2006-2007
47%
177 Miroslav Klose ST 37 13 (4) 2004-2006, 2008-2010
47%
1806 Óscar González AM 6 0 (0) 2009-2010
47%
95 Owen Hargreaves DM 50 0 (5) 2000-2009
47%
2094 Pablo García DM 5 0 (0) 2000-2001, 2005-2006
47%
1299 Radamel Falcao ST 8 4 (1) 2009-2010
47%
1215 Raúl García AM 9 1 (0) 2008-2010
47%
111 Rivaldo AM 47 14 (8) 2000-2007
47%
1364 Robert ST 7 0 (0) 2004-2006
47%
1807 Roger García LM 6 0 (0) 2005-2006
47%
191 Roque Santa Cruz ST 36 6 (2) 2000-2003, 2005-2007
47%
58 Roy Makaay ST 61 29 (7) 2000-2007
47%
2083 Rubén González CB 5 0 (0) 2000-2001, 2003-2004
47%
115 Santiago Cañizares GK 47 0 (0) 2000-2001, 2002-2003, 2004-2005, 2006-2008
47%
3071 Sebastian Larsson CM 1 0 (0) 2005-2006
47%
2911 Sergio García ST 2 0 (0) 2002-2003
47%
1125 Stefan Klos GK 10 0 (0) 2000-2001, 2003-2004
47%
213 Tomas Rosicky AM 34 6 (9) 2000-2002, 2006-2007, 2009-2010
47%
80 William Gallas CB 56 2 (1) 2003-2010
47%
357 Adriano ST 26 14 (4) 2004-2006, 2008-2009
44%
1126 Adriano LB 10 1 (1) 2007-2008, 2009-2010
44%
1856 Adriano ST 5 0 (0) 2006-2008
44%
413 Alex Song DM 23 1 (1) 2005-2010
44%
2892 Andrea Barzagli CB 2 0 (0) 2009-2010
44%
1690 Chong-gug Song RB 6 0 (0) 2002-2003
44%
172 Cristian Chivu CB 38 0 (2) 2002-2003, 2004-2005, 2006-2010
44%
245 Dennis Bergkamp CF 32 5 (7) 2000-2006
44%
182 Dirk Kuyt RW 37 9 (5) 2006-2010
44%
67 Freddie Ljungberg RM 58 12 (3) 2000-2007
44%
102 Juan Sebastián Verón CM 49 5 (16) 2000-2006
44%
1155 Luca Toni ST 10 3 (3) 2008-2010
44%
427 Luis Enrique RM 23 9 (5) 2000-2003
44%
2022 Luiz Adriano ST 5 0 (1) 2008-2009
44%
109 Marco Materazzi CB 48 1 (0) 2002-2010
44%
144 Martín Demichelis CB 41 2 (2) 2003-2006, 2008-2010
44%
129 Maxwell LB 43 0 (5) 2002-2004, 2006-2010
44%
1131 Mesut Özil AM 10 0 (4) 2007-2009
44%
988 Rigobert Song CB 11 0 (0) 2002-2003, 2006-2007
44%
564 Sávio LW 19 4 (6) 2000-2001, 2008-2009
44%
600 Aaron Hunt AM 18 1 (2) 2004-2009
41%
1676 Abdou Traoré AM 6 0 (0) 2007-2008
41%
2882 Abdou Traoré CM 2 0 (1) 2009-2010
41%
381 Adrian Mutu LW 25 6 (3) 2003-2004, 2005-2006, 2008-2010
41%
2895 Alberto López GK 2 0 (0) 2003-2004
41%
114 Aleksandr Hleb AM 47 2 (6) 2003-2004, 2005-2010
41%
729 Ángel López RB 15 0 (1) 2003-2004, 2008-2009
41%
1162 Antonio López LB 10 0 (1) 2008-2010
41%
2772 Armand Traoré LB 2 0 (0) 2007-2008
41%
136 Bixente Lizarazu LB 42 0 (2) 2000-2006
41%
335 Christian Vieri ST 27 6 (2) 2002-2006
41%
815 Claudio López ST 14 6 (1) 2000-2001, 2003-2004
41%
2442 Clemente Rodríguez LB 3 0 (0) 2006-2007
41%
472 Cristian Rodríguez LM 21 1 (1) 2007-2010
41%
1383 Darío Rodríguez LB 7 0 (0) 2005-2006, 2007-2008
41%
118 Darren Fletcher CM 46 1 (3) 2002-2010
41%
46 Dejan Stanković CM 64 7 (8) 2000-2001, 2003-2010
41%
1020 Diego López GK 11 0 (0) 2005-2006, 2008-2009
41%
518 Djimi Traoré CB 20 0 (0) 2002-2003, 2004-2006
41%
175 Emmanuel Adebayor ST 38 9 (3) 2003-2004, 2006-2009
41%
2473 Francisco Rodríguez CB 3 0 (0) 2008-2009
41%
450 Gerard López CM 22 2 (2) 2000-2002, 2004-2005
41%
690 Glen Johnson RB 16 0 (1) 2003-2004, 2009-2010
41%
630 Gonzalo Rodríguez CB 17 0 (1) 2005-2006, 2008-2009
41%
1797 Gustavo López LW 6 0 (0) 2003-2004
41%
215 Heurelho Gomes GK 34 0 (0) 2004-2008
41%
506 Hugo Lloris GK 20 0 (0) 2008-2010
41%
83 Iván Córdoba CB 55 1 (0) 2002-2010
41%
23 Iván Helguera CB 72 13 (5) 2000-2008
41%
229 Jaap Stam CB 33 2 (1) 2000-2001, 2003-2006
41%
187 Javier Saviola CF 37 15 (3) 2001-2002, 2004-2005, 2006-2009
41%
2984 Jordi López CM 1 0 (0) 2003-2004
41%
2096 Jorge López RW 5 0 (0) 2006-2007
41%
249 Julien Rodriguez CB 32 1 (3) 2000-2001, 2003-2005, 2007-2008, 2009-2010
41%
64 Juninho Pernambucano AM 59 18 (20) 2001-2009
41%
1443 Lamine Traoré CB 7 0 (0) 2001-2002, 2004-2006
41%
168 Lisandro López ST 38 16 (7) 2005-2010
41%
3044 Luis Fabio Gomes ST 1 0 (0) 2005-2006
41%
154 Maicon RB 40 4 (3) 2004-2005, 2006-2010
41%
3260 Maicon CB 1 0 (0) 2009-2010
41%
53 Massimo Ambrosini CM 62 1 (5) 2000-2001, 2002-2007, 2009-2010
41%
2465 Maxi López ST 3 1 (1) 2004-2006
41%
968 Maxi Rodríguez LW 12 3 (1) 2008-2010
41%
29 Mikaël Silvestre LB 69 2 (3) 2000-2010
41%
2128 Moussa Traoré ST 4 1 (0) 2009-2010
41%
246 Nani LW 32 3 (8) 2006-2010
41%
163 Nicolas Anelka ST 39 10 (4) 2000-2001, 2005-2006, 2007-2010
41%
928 Niko Kovac DM 12 2 (1) 2000-2003
41%
552 Nuno Gomes ST 19 2 (3) 2005-2008
41%
1780 Óscar Córdoba GK 6 0 (1) 2003-2004
41%
2097 Óscar López RB 5 0 (0) 2005-2006
41%
531 Radoslav Kovac CB 20 1 (2) 2003-2004, 2006-2007
41%
277 Rafael van der Vaart AM 30 7 (4) 2002-2004, 2006-2007, 2008-2010
41%
2021 Ricardo Gomes DM 5 0 (0) 2009-2010
41%
142 Robert Kovac CB 42 0 (2) 2000-2006
41%
3257 Rodri CB 1 0 (0) 2004-2005
41%
1012 Sami Khedira CM 11 0 (3) 2007-2008, 2009-2010
41%
2074 Samuel Johnson DM 5 0 (0) 2001-2002
41%
1092 Santi Cazorla CM 10 0 (1) 2005-2006, 2008-2009
41%
859 Scott Brown CM 13 0 (0) 2007-2009
41%
1668 Sebastián Martínez CM 6 0 (0) 2005-2006
41%
145 Sol Campbell CB 41 2 (0) 2001-2005, 2009-2010
41%
2275 Tiago Gomes CM 4 0 (0) 2008-2009
41%
3073 Toni Kroos CM 1 0 (0) 2008-2009
41%
73 Wes Brown CB 57 1 (3) 2000-2010
41%
548 Abdul Kader Keita RW 19 2 (3) 2005-2009
38%
1530 André Cruz CB 6 2 (2) 2000-2001
38%
2351 Borja Fernández DM 4 0 (0) 2003-2004
38%
107 Bosingwa RB 49 0 (3) 2001-2002, 2003-2009
38%
644 Bülent Akın DM 17 1 (0) 2000-2002
38%
122 Eidur Gudjohnsen ST 45 7 (8) 2003-2009
38%
691 Fernando Gago DM 16 0 (0) 2006-2010
38%
521 Flavio Roma GK 20 0 (0) 2003-2005
38%
205 Frank de Boer CB 35 2 (1) 2000-2004
38%
155 Giovanni van Bronckhorst LB 40 3 (4) 2000-2002, 2004-2007
38%
1192 Giuseppe Rossi ST 9 3 (1) 2005-2006, 2008-2009
38%
2429 İbrahim Akın LW 3 0 (0) 2007-2008
38%
366 Igor Akinfeev GK 25 0 (0) 2004-2005, 2006-2007, 2009-2010
38%
273 Jan Koller ST 30 13 (5) 2000-2003
38%
2599 Javi de Pedro LM 3 1 (0) 2003-2004
38%
138 John Carew ST 42 13 (6) 2000-2001, 2002-2003, 2005-2007
38%
597 John de Jong AM 18 4 (0) 2000-2001, 2003-2005
38%
2993 Juan Fernández RB 1 0 (0) 2002-2003
38%
220 Julio Cruz ST 34 13 (4) 2003-2009
38%
924 Julio Hernán Rossi ST 12 5 (1) 2002-2003
38%
1996 Klaas-Jan Huntelaar ST 5 1 (0) 2005-2006, 2009-2010
38%
112 Ludovic Giuly RW 47 9 (6) 2000-2001, 2003-2008
38%
1401 Matías Fernández AM 7 0 (0) 2008-2009
38%
2104 Mo Ross RB 5 0 (0) 2003-2004
38%
297 Nigel de Jong DM 29 5 (0) 2002-2007
38%
2067 Orhan Ak CB 5 0 (0) 2003-2004, 2006-2007
38%
884 Pedro RW 13 4 (1) 2008-2010
38%
375 Peter Crouch ST 25 9 (2) 2005-2008
38%
1637 Ronald de Boer RW 6 1 (0) 2000-2001
38%
541 Samir Nasri AM 19 3 (2) 2007-2010
38%
2942 Sebastiano Rossi GK 1 0 (0) 2000-2001
38%
1796 Sergio Fernández CB 6 0 (1) 2003-2004
38%
739 Serhat Akın RW 15 0 (1) 2001-2002, 2004-2007
38%
251 Seydou Keita CM 32 4 (4) 2002-2003, 2007-2010
38%
778 Vincent Kompany CB 15 1 (1) 2003-2007
38%
79 Willy Sagnol RB 56 0 (6) 2000-2007
38%
720 Abel Ferreira RB 15 1 (1) 2006-2009
34%
1984 Aliou Cissé DM 5 0 (0) 2000-2001
34%
1302 Bonaventure Kalou RW 8 0 (0) 2001-2003
34%
232 Daniel Van Buyten CB 33 5 (2) 2003-2004, 2006-2007, 2008-2010
34%
2834 David Luiz CB 2 0 (0) 2007-2008
34%
348 David Seaman GK 26 0 (0) 2000-2003
34%
283 Dietmar Hamann DM 30 1 (1) 2001-2002, 2004-2006
34%
476 Djibril Cissé ST 21 4 (1) 2002-2003, 2004-2005, 2007-2008
34%
181 Édouard Cissé DM 37 2 (0) 2000-2001, 2003-2004, 2007-2008, 2009-2010
34%
1951 Emmanuel Petit DM 5 0 (0) 2000-2001, 2003-2004
34%
193 Gaël Clichy LB 36 0 (0) 2003-2010
34%
2045 Georgi Ivanov ST 5 0 (0) 2006-2007
34%
134 Giovane Élber ST 42 16 (7) 2000-2004
34%
2003 Giovani dos Santos CF 5 1 (1) 2007-2008
34%
55 Hasan Salihamidzic RM 61 7 (12) 2000-2006, 2008-2009
34%
1085 Jermaine Jones DM 10 1 (1) 2004-2005, 2007-2008
34%
562 Joaquín RW 19 0 (3) 2005-2008
34%
347 John Obi Mikel DM 26 0 (1) 2006-2010
34%
3210 Jonathan dos Santos DM 1 0 (0) 2009-2010
34%
656 José Mari ST 17 4 (1) 2000-2001, 2005-2006
34%
2744 Julio dos Santos CM 2 0 (0) 2006-2007
34%
93 Kakhaber Kaladze CB 52 1 (2) 2000-2001, 2002-2007, 2009-2010
34%
2332 Luigi Sala CB 4 0 (0) 2000-2001
34%
2631 Marco Ferreira RW 3 0 (0) 2003-2004
34%
825 Mario Balotelli ST 14 2 (3) 2008-2010
34%
673 Mariusz Lewandowski DM 16 0 (1) 2004-2005, 2006-2009
34%
733 Martin Skrtel CB 15 0 (0) 2007-2010
34%
38 Míchel Salgado RB 66 1 (5) 2000-2009
34%
441 Milan Baros ST 22 3 (2) 2001-2002, 2004-2005, 2006-2008
34%
2805 Miroslav Ivanov AM 2 0 (0) 2006-2007
34%
2020 Nelson Ferreira RM 5 1 (0) 2005-2006
34%
169 Nwankwo Kanu ST 38 3 (3) 2000-2004
34%
167 Paulo Ferreira RB 39 0 (1) 2003-2009
34%
701 Per Mertesacker CB 16 2 (1) 2006-2009
34%
344 Petit DM 26 0 (3) 2001-2002, 2005-2008
34%
1122 Robbie Fowler ST 10 2 (1) 2001-2002, 2005-2007
34%
2252 Rubén de la Red CM 4 0 (0) 2005-2006, 2008-2009
34%
198 Salomon Kalou LW 36 5 (1) 2006-2010
34%
1859 Tiago Ferreira GK 5 0 (0) 2007-2009
34%
65 Walter Samuel CB 59 2 (1) 2001-2002, 2004-2010
34%
911 Andrey Arshavin LW 12 1 (6) 2008-2010
31%
523 Antonio Conte CM 20 0 (0) 2000-2004
31%
509 Bacary Sagna RB 20 0 (2) 2007-2010
31%
1135 Branislav Ivanovic RB 10 2 (1) 2008-2010
31%
638 Carlo Cudicini GK 17 0 (0) 2003-2008
31%
2407 Carlos Martins AM 3 0 (0) 2006-2007
31%
384 Fabio Grosso LB 25 0 (3) 2006-2010
31%
561 Ivica Olic ST 19 8 (2) 2004-2005, 2006-2007, 2009-2010
31%
648 Jari Litmanen AM 17 5 (1) 2001-2004
31%
159 Juliano Belletti RB 40 1 (4) 2004-2010
31%
553 Louis Saha ST 19 4 (2) 2003-2008
31%
2482 Marco Motta RB 3 0 (0) 2005-2006, 2008-2009
31%
551 Marc Overmars LW 19 2 (2) 2000-2003
31%
1639 Mauricio Wright CB 6 0 (0) 2002-2003
31%
1337 Mikel Arteta CM 8 0 (1) 2000-2001, 2003-2004
31%
878 Miralem Pjanić CM 13 4 (4) 2008-2010
31%
298 Obafemi Martins ST 29 9 (3) 2002-2005, 2009-2010
31%
85 Phillip Cocu DM 54 6 (3) 2000-2002, 2004-2007
31%
2231 Richard Wright GK 4 0 (0) 2001-2002
31%
3114 Roberto GK 1 0 (0) 2009-2010
31%
2817 Stephen Wright RB 2 1 (0) 2001-2002
31%
1855 Stjepan Tomas CB 5 0 (0) 2006-2007
31%
157 Thiago Motta DM 40 2 (4) 2001-2002, 2005-2006, 2009-2010
31%
329 Alan Smith CM 27 6 (2) 2000-2001, 2004-2007
28%
166 Alberto Gilardino ST 39 11 (8) 2005-2010
28%
1211 Antonio Valencia RB 9 2 (3) 2009-2010
28%
1899 Arda Turan LW 5 0 (1) 2006-2007
28%
420 Bojan Krkic CF 23 5 (2) 2007-2010
28%
2459 Bruno Fernandes CB 3 0 (1) 2009-2010
28%
2452 Carlos Fernandes GK 3 0 (0) 2006-2007
28%
810 Dwight Yorke ST 14 1 (3) 2000-2002
28%
185 Francesco Toldo GK 37 0 (0) 2002-2006, 2008-2009
28%
233 Gabriel Heinze CB 33 2 (2) 2004-2010
28%
237 Gaizka Mendieta RM 33 3 (6) 2000-2003
28%
1124 Hakan Şükür ST 10 5 (0) 2003-2004, 2006-2007
28%
955 Holger Badstuber CB 12 0 (1) 2009-2010
28%
609 Hulk ST 18 3 (1) 2008-2010
28%
353 Jon Dahl Tomasson ST 26 7 (1) 2001-2005
28%
3144 Juan Mata AM 1 0 (0) 2007-2008
28%
1816 Lamine Sané CB 6 0 (0) 2009-2010
28%
440 Laurent Blanc CB 22 3 (0) 2001-2003
28%
275 Manuel Almunia GK 30 0 (0) 2004-2005, 2007-2010
28%
996 Manuel Fernandes AM 11 1 (0) 2005-2006, 2007-2008
28%
2483 Marek Heinz ST 3 0 (0) 2000-2001
28%
1537 Mousa Dembélé CM 6 0 (0) 2009-2010
28%
2243 Peter Schmeichel GK 4 0 (0) 2000-2001
28%
2116 Ricardo Fernandes AM 5 0 (0) 2003-2004
28%
1210 Sebastián Viera GK 9 0 (0) 2005-2006, 2008-2009
28%
3196 Serge Blanc LB 1 0 (0) 2000-2001
28%
276 Steve McManaman RM 30 4 (2) 2000-2003
28%
2747 Steven Smith LB 2 0 (0) 2005-2006, 2009-2010
28%
45 Sylvain Wiltord CF 64 11 (13) 2000-2007
28%
261 Sylvinho LB 31 3 (4) 2000-2001, 2003-2009
28%
239 Tiago Mendes CM 33 4 (0) 2004-2006, 2008-2010
28%
1117 Alan Shearer ST 10 6 (1) 2002-2003
25%
398 Antonio Cassano CF 24 5 (0) 2001-2002, 2004-2007
25%
415 Boudewijn Zenden LW 23 0 (1) 2000-2001, 2005-2009
25%
923 Christian Giménez ST 12 5 (2) 2002-2003
25%
1971 Dani DM 5 1 (0) 2008-2009
25%
2902 Dani ST 2 1 (0) 2005-2006
25%
546 Daniel Agger CB 19 1 (1) 2006-2007, 2008-2010
25%
2866 David Alaba CB 2 0 (0) 2009-2010
25%
646 Denis Irwin LB 17 2 (0) 2000-2002
25%
1798 Didier Deschamps DM 6 0 (0) 2000-2001
25%
263 Diego AM 31 5 (2) 2004-2010
25%
1417 Diego Godín CB 7 0 (0) 2008-2009
25%
1864 Fabio Pinto CF 5 1 (1) 2002-2004
25%
2578 Franco Di Santo ST 3 0 (0) 2008-2009
25%
468 Fred ST 21 6 (1) 2005-2009
25%
652 Gabriel Batistuta ST 17 1 (0) 2001-2003
25%
1371 Halil Altıntop AM 7 0 (0) 2007-2008
25%
678 Hamit Altıntop RM 16 1 (1) 2005-2006, 2008-2010
25%
293 Harry Kewell LW 29 0 (7) 2000-2001, 2004-2008
25%
1524 Hélio Pinto CM 6 0 (0) 2009-2010
25%
194 Joan Capdevila LB 36 3 (6) 2000-2004, 2008-2009
25%
1977 João Pinto CF 5 0 (0) 2000-2001
25%
943 Jonny Evans CB 12 0 (0) 2007-2010
25%
2084 José Manuel Pinto GK 5 0 (0) 2003-2004
25%
1244 Juanfran LB 9 1 (1) 2003-2004, 2005-2006
25%
459 Júlio Baptista AM 21 4 (0) 2005-2009
25%
572 Lorik Cana DM 18 1 (0) 2004-2005, 2007-2009
25%
322 Maniche CM 28 4 (2) 2003-2004, 2008-2009
25%
563 Marcos Senna DM 19 3 (0) 2005-2006, 2008-2009
25%
473 Nicklas Bendtner ST 21 8 (3) 2007-2010
25%
1350 Nuno Espírito Santo GK 8 0 (0) 2001-2002, 2004-2005, 2007-2009
25%
410 Paulo Sérgio RW 23 5 (1) 2000-2002
25%
279 Philippe Mexès CB 30 0 (1) 2002-2003, 2004-2005, 2006-2009
25%
595 Philippe Senderos CB 18 0 (0) 2004-2008
25%
744 Rafinha RB 15 1 (2) 2005-2006, 2007-2008
25%
1850 Ricardo Sá Pinto ST 5 3 (0) 2000-2001
25%
135 Samuel Kuffour CB 42 0 (2) 2000-2005
25%
209 Sergio CM 35 2 (1) 2001-2005
25%
26 Sidney Govou RW 71 10 (10) 2000-2010
25%
328 Theo Walcott RW 27 5 (7) 2006-2010
25%
471 Vladimir Smicer AM 21 3 (3) 2001-2002, 2004-2005, 2007-2008
25%
1310 Willian LW 8 1 (2) 2007-2009
25%
370 Yoann Gourcuff AM 25 5 (4) 2006-2010
25%
1143 Aaron Ramsey CM 10 1 (0) 2008-2010
22%
201 Alessandro Costacurta CB 35 0 (0) 2000-2001, 2002-2007
22%
830 Álvaro Pereira LB 14 0 (0) 2008-2010
22%
1808 Álvaro Santos ST 6 1 (0) 2000-2001
22%
307 Anatoliy Tymoshchuk DM 28 1 (3) 2000-2001, 2004-2005, 2006-2007, 2008-2010
22%
61 Antonis Nikopolidis GK 61 0 (1) 2000-2001, 2003-2007, 2009-2010
22%
912 Carlos Alberto AM 12 1 (0) 2003-2004, 2007-2008
22%
543 Carsten Jancker ST 19 2 (2) 2000-2002
22%
618 Christoph Metzelder CB 17 0 (0) 2001-2002, 2007-2009
22%
103 Cris CB 49 3 (2) 2002-2003, 2004-2010
22%
351 Damien Duff RM 26 3 (7) 2003-2006
22%
3165 Daniel Tudor GK 1 0 (0) 2009-2010
22%
3206 David de Gea GK 1 0 (0) 2009-2010
22%
108 Edmílson DM 48 1 (1) 2000-2009
22%
2737 Edmílson RW 2 0 (0) 2000-2001
22%
2604 Edú CF 3 1 (0) 2003-2004, 2005-2006
22%
106 Emerson DM 49 4 (2) 2001-2002, 2004-2008
22%
428 Émerson DM 23 1 (0) 2000-2001, 2003-2004, 2006-2007
22%
512 Emile Heskey ST 20 4 (2) 2001-2003
22%
133 Emmanuel Eboué RB 42 2 (3) 2005-2010
22%
2844 Fabian Frei DM 2 0 (0) 2008-2009
22%
2458 Fábio Santos DM 3 1 (0) 2007-2008
22%
1164 Gheorghe Hagi AM 10 2 (2) 2000-2001
22%
2354 Gonzalo de los Santos DM 4 0 (0) 2002-2003
22%
312 Igor Tudor CB 28 4 (1) 2000-2005
22%
3064 İlhan Şahin AM 1 0 (0) 2000-2001
22%
1654 Jay-Jay Okocha AM 6 1 (0) 2000-2001
22%
214 Jefferson Farfán RW 34 4 (1) 2004-2008
22%
2391 João Pereira RB 3 0 (0) 2005-2006
22%
694 Johnny Heitinga CB 16 0 (1) 2003-2005, 2008-2009
22%
238 José Antonio Reyes RW 33 3 (3) 2003-2006, 2009-2010
22%
826 Kenny Miller ST 14 4 (0) 2000-2001, 2006-2007, 2009-2010
22%
1775 Leonardo Jesus LB 6 1 (0) 2007-2008, 2009-2010
22%
1167 Liam Miller CM 10 2 (1) 2003-2005
22%
581 Luís Fabiano ST 18 6 (6) 2004-2005, 2007-2008, 2009-2010
22%
1943 Lukasz Fabianski GK 5 0 (0) 2008-2010
22%
1611 Marcel Desailly CB 6 0 (0) 2003-2004
22%
517 Marek Jankulovski LB 20 0 (0) 2005-2007, 2009-2010
22%
156 Mateja Kežman ST 40 4 (8) 2000-2004, 2007-2008
22%
243 Mathieu Flamini DM 32 0 (0) 2004-2007, 2009-2010
22%
123 Mauro Camoranesi RM 45 3 (9) 2002-2005, 2008-2010
22%
1750 Maxi Pereira RB 6 1 (1) 2007-2008
22%
179 Mehmet Scholl AM 37 6 (5) 2000-2007
22%
296 Michael Reiziger RB 29 0 (1) 2000-2002, 2005-2007
22%
447 Mirko Vucinić ST 22 8 (1) 2006-2009
22%
396 Naldo CB 24 1 (0) 2005-2009
22%
294 Njitap Geremi RM 29 1 (1) 2000-2001, 2003-2007
22%
1646 Pauleta ST 6 1 (1) 2004-2005
22%
1893 Paulo Santos GK 5 0 (0) 2001-2002
22%
974 Pedro Mendes CM 12 0 (1) 2003-2004, 2009-2010
22%
1845 Pedro Santos CM 5 0 (0) 2001-2002
22%
230 Raúl Bravo CB 33 0 (4) 2001-2007, 2009-2010
22%
242 Ryan Babel LW 32 7 (4) 2004-2005, 2007-2010
22%
660 Selçuk Şahin DM 17 1 (0) 2004-2005, 2007-2009
22%
653 Shunsuke Nakamura AM 17 2 (3) 2006-2009
22%
1932 Stephan Lichtsteiner RB 5 0 (0) 2005-2007
22%
218 Steve Finnan RB 34 0 (5) 2004-2008
22%
1019 Teddy Sheringham ST 11 5 (1) 2000-2001
22%
1139 Tim Howard GK 10 0 (0) 2003-2005
22%
151 Torsten Frings DM 41 5 (6) 2002-2003, 2004-2009
22%
411 Abou Diaby CM 23 4 (1) 2005-2010
19%
356 Álvaro Recoba CF 26 3 (7) 2002-2007
19%
1759 Antonio Di Natale ST 6 3 (2) 2005-2006
19%
3116 Aydın Yılmaz RW 1 0 (0) 2006-2007
19%
501 Barry Ferguson DM 20 1 (1) 2000-2001, 2005-2006, 2007-2008
19%
916 Bent Inge Johnsen CM 12 0 (0) 2000-2002
19%
160 Bernd Schneider RM 40 5 (8) 2000-2002, 2004-2005
19%
2388 Bledar Kola LM 3 0 (0) 2000-2001
19%
1973 Burak Yılmaz ST 5 0 (0) 2007-2009
19%
1933 Charlie Adam CM 5 2 (0) 2007-2008
19%
550 Christian Abbiati GK 19 0 (0) 2000-2001, 2002-2005, 2009-2010
19%
1459 Chun-soo Lee CF 6 0 (0) 2003-2004
19%
1225 Claudio Marchisio CM 9 0 (1) 2008-2010
19%
833 Daniele Bonera CB 14 0 (0) 2006-2007, 2009-2010
19%
2643 Danny Wilson CB 2 0 (0) 2009-2010
19%
433 Darijo Srna RB 22 0 (1) 2004-2005, 2006-2009
19%
1673 Dayro Moreno ST 6 0 (0) 2008-2009
19%
467 Édison Méndez AM 21 1 (2) 2006-2009
19%
1976 El-Hadji Diouf ST 5 0 (0) 2002-2003
19%
901 Espen Johnsen GK 12 0 (0) 2004-2006
19%
2509 Ezequiel Garay CB 3 0 (0) 2009-2010
19%
2267 Fabiano LB 4 0 (0) 2004-2005
19%
578 Fernando DM 18 1 (2) 2006-2007, 2008-2010
19%
695 Fernando DM 16 0 (1) 2008-2010
19%
1878 Fernando AM 5 0 (0) 2005-2006
19%
1926 Fernando LM 5 0 (0) 2000-2001
19%
1751 Fernando Redondo DM 6 0 (1) 2002-2004
19%
359 Flávio Conceição CM 26 0 (1) 2000-2002, 2005-2006
19%
754 Frédéric Kanouté ST 15 7 (4) 2007-2008, 2009-2010
19%
289 Frode Johnsen ST 29 6 (0) 2000-2002, 2004-2006
19%
633 Gerald Asamoah ST 17 2 (1) 2001-2002, 2005-2006, 2007-2008
19%
57 Grégory Coupet GK 61 0 (0) 2000-2009
19%
1719 Héctor Moreno CB 6 0 (0) 2009-2010
19%
248 Hélder Postiga ST 32 1 (1) 2001-2002, 2004-2005, 2006-2009
19%
455 Hugo Almeida ST 22 5 (0) 2003-2009
19%
2348 Jack Wilshere CM 4 0 (0) 2008-2010
19%
291 Jens Jeremies DM 29 4 (0) 2000-2006
19%
280 Jérémy Toulalan DM 30 0 (2) 2001-2002, 2006-2010
19%
3133 José Moreno ST 1 0 (0) 2006-2007
19%
2336 Keisuke Honda AM 4 1 (1) 2009-2010
19%
1697 Kieran Gibbs LB 6 0 (0) 2008-2010
19%
818 Kieran Richardson LB 14 1 (0) 2002-2003, 2004-2007
19%
262 Kim Källström CM 31 3 (5) 2006-2010
19%
1093 Kléber ST 10 0 (0) 2004-2005, 2006-2008
19%
88 Laurén RB 53 1 (1) 2000-2006
19%
2028 Leandro Almeida CB 5 0 (0) 2009-2010
19%
1035 Maarten Stekelenburg GK 11 0 (0) 2002-2003, 2004-2006
19%
346 Mancini LW 26 4 (3) 2004-2005, 2006-2010
19%
2854 Marcelo Moreno ST 2 0 (0) 2008-2009
19%
983 Mark Wilson RB 11 0 (1) 2006-2009
19%
1200 Michael Rensing GK 9 0 (0) 2005-2006, 2008-2009
19%
358 Mohamed Sissoko DM 26 0 (0) 2004-2010
19%
929 Olivier Bernard LB 12 0 (0) 2002-2003, 2005-2006
19%
1437 Quique Álvarez CB 7 0 (1) 2005-2006
19%
1234 Rafael CB 9 0 (0) 2001-2002, 2005-2007
19%
1327 Rafael RB 8 0 (1) 2008-2010
19%
2655 Rafael AM 2 0 (0) 2001-2002
19%
798 Riccardo Montolivo DM 14 1 (0) 2008-2010
19%
301 Roberto Ayala CB 29 3 (0) 2000-2001, 2002-2003, 2006-2007
19%
873 Ronny Johnsen CB 13 0 (0) 2000-2002
19%
1306 Rui Patrício GK 8 0 (0) 2007-2009
19%
593 Rüştü Reçber GK 18 0 (0) 2001-2002, 2004-2005, 2007-2008, 2009-2010
19%
1219 Scott Parker CM 9 0 (0) 2003-2005
19%
2701 Scott Wilson CB 2 0 (0) 2000-2001
19%
883 Sébastien Frey GK 13 0 (0) 2008-2010
19%
105 Serginho LB 49 2 (4) 2000-2001, 2002-2008
19%
664 Sérgio Conceição RW 17 0 (4) 2002-2004
19%
258 Simão LW 32 5 (3) 2000-2001, 2005-2006, 2008-2010
19%
1422 Simão DM 7 0 (0) 2008-2009
19%
582 Steve Mandanda GK 18 0 (0) 2007-2010
19%
796 Thomas Vermaelen CB 14 1 (1) 2005-2006, 2009-2010
19%
1281 Tony Adams CB 8 0 (0) 2000-2001
19%
960 Vincenzo Iaquinta ST 12 8 (0) 2005-2006, 2008-2010
19%
352 Wayne Bridge LB 26 2 (1) 2003-2004, 2006-2009
19%
451 Yossi Benayoun RW 22 6 (4) 2007-2010
19%
606 Young-pyo Lee LB 18 0 (1) 2003-2005
19%
265 André Ooijer CB 31 2 (0) 2000-2006
16%
417 Andy van der Meyde RW 23 3 (1) 2002-2005
16%
1269 Angelos Charisteas ST 8 1 (0) 2004-2006
16%
1876 Antonio Núñez RW 5 0 (1) 2004-2005
16%
434 Artur Boruc GK 22 0 (1) 2006-2009
16%
1196 Bafétimbi Gomis ST 9 2 (0) 2009-2010
16%
937 Bernard Mendy RB 12 0 (0) 2000-2001, 2004-2005
16%
3131 Borja Valero CM 1 0 (0) 2006-2007
16%
2337 Cacá AM 4 1 (1) 2008-2009
16%
725 Cacau ST 15 2 (1) 2003-2004, 2007-2008, 2009-2010
16%
3079 Catilina Aubameyang LM 1 0 (0) 2002-2003
16%
174 Christian Panucci RB 38 5 (3) 2001-2002, 2004-2005, 2006-2009
16%
537 Christian Poulsen DM 19 1 (2) 2005-2006, 2007-2010
16%
2553 Cristian Díaz LB 3 0 (0) 2001-2002
16%
196 David Albelda DM 36 0 (0) 2000-2001, 2002-2003, 2004-2005, 2006-2008
16%
687 Demetrio Albertini DM 16 2 (5) 2000-2001, 2003-2005
16%
554 Denílson DM 19 1 (0) 2006-2010
16%
2524 Diego Contento LB 3 0 (0) 2009-2010
16%
789 Diego Lugano CB 14 1 (0) 2007-2009
16%
1049 Diego Simeone CM 11 1 (0) 2000-2002
16%
2864 Dino Baggio DM 2 0 (0) 2001-2002
16%
1205 Ebbe Sand ST 9 2 (4) 2001-2002, 2005-2006
16%
1005 Eduardo ST 11 3 (1) 2007-2010
16%
2338 Eduardo ST 4 0 (0) 2008-2009
16%
120 Enrique Romero LB 46 0 (2) 2000-2005
16%
2876 Fábio RB 2 0 (0) 2009-2010
16%
682 Fernandinho DM 16 3 (2) 2006-2009
16%
767 Fernando Couto CB 15 1 (0) 2000-2001, 2003-2004
16%
141 Fran LM 42 2 (3) 2000-2005
16%
295 Francesco Coco LB 29 2 (2) 2000-2004
16%
2919 Freddy Adu AM 2 0 (0) 2007-2008
16%
982 Goran Pandev CF 11 4 (1) 2007-2008, 2009-2010
16%
2614 Iván de la Peña AM 3 0 (1) 2000-2001
16%
1416 Jacek Bak CB 7 0 (0) 2000-2001, 2002-2003
16%
1392 Jonathan Woodgate CB 7 1 (0) 2000-2001, 2005-2006
16%
2939 Jorge Couto RW 1 0 (0) 2001-2002
16%
1432 Joseba Llorente ST 7 4 (0) 2008-2009
16%
745 Karel Poborský RW 15 2 (2) 2001-2002, 2003-2006
16%
2780 Kerrea Gilbert RB 2 0 (0) 2005-2006, 2009-2010
16%
461 Léo LB 21 1 (0) 2005-2008
16%
2467 Leonel Núñez LW 3 0 (0) 2007-2008
16%
503 Luisão CB 20 1 (0) 2005-2008
16%
2446 Luis Jiménez AM 3 1 (0) 2007-2008
16%
812 Mark Viduka ST 14 4 (4) 2000-2001
16%
2108 Martin Kolar LB 5 0 (0) 2003-2004
16%
315 Massimo Oddo RB 28 0 (1) 2003-2004, 2006-2010
16%
596 Mido ST 18 2 (3) 2002-2005
16%
337 Oleguer CB 27 0 (0) 2002-2003, 2004-2008
16%
268 Oliver Neuville ST 31 6 (4) 2000-2003
16%
443 Pablo Aimar AM 22 4 (7) 2000-2001, 2002-2003, 2004-2005
16%
2350 Pablo Amo CB 4 0 (0) 2004-2005
16%
2305 Papa Bouba Diop CM 4 0 (0) 2002-2003
16%
2403 Paulo Jorge CB 3 0 (0) 2009-2010
16%
2460 Paulo Jorge RW 3 0 (0) 2006-2007
16%
803 Petre Marin LB 14 0 (0) 2006-2009
16%
202 Raúl Meireles CM 35 1 (5) 2004-2010
16%
2753 Robert Enke GK 2 0 (0) 2002-2003
16%
2503 Roberto Soldado ST 3 1 (0) 2005-2006, 2007-2008
16%
639 Rodrigo Tello LW 17 2 (0) 2006-2007, 2009-2010
16%
1025 Royston Drenthe LM 11 1 (1) 2007-2010
16%
2148 Rui Jorge LB 4 0 (0) 2000-2001
16%
60 Santiago Solari LM 61 7 (4) 2000-2008
16%
1602 Sergio Romero GK 6 0 (0) 2009-2010
16%
2451 Simon Poulsen LB 3 0 (0) 2009-2010
16%
1279 Søren Larsen ST 8 1 (1) 2005-2006, 2007-2008
16%
1708 Stevan Jovetić CF 6 4 (1) 2008-2010
16%
377 Steven Pienaar LM 25 2 (2) 2002-2006
16%
437 Sulley Muntari CM 22 0 (0) 2005-2006, 2008-2010
16%
2692 Theofanis Gekas ST 2 0 (0) 2005-2006
16%
318 Tim Borowski CM 28 3 (1) 2004-2009
16%
1044 Ulrich Ramé GK 11 0 (0) 2006-2007, 2008-2010
16%
3204 Vicente Romero MF 1 0 (0) 2006-2007
16%
299 Vincent Candela LB 29 1 (5) 2001-2002, 2004-2006
16%
436 Yuriy Zhirkov LM 22 1 (2) 2004-2005, 2006-2007, 2009-2010
16%
2738 Zizi Roberts ST 2 0 (0) 2001-2002
16%
3201 Aarón Ñíguez RW 1 0 (0) 2006-2007
13%
463 Aiden McGeady LW 21 2 (2) 2004-2005, 2006-2009
13%
487 Alberto Aquilani CM 21 0 (0) 2004-2005, 2006-2010
13%
1063 Albert Riera LM 11 1 (1) 2001-2002, 2008-2010
13%
2832 Aleksandar Kolarov LB 2 0 (1) 2007-2008
13%
324 Aleksey Berezutskiy CB 27 0 (0) 2004-2005, 2006-2007, 2009-2010
13%
113 Alessio Tacchinardi DM 47 2 (1) 2000-2006
13%
1373 Álvaro Negredo ST 7 1 (0) 2009-2010
13%
699 Aly Cissokho CB 16 1 (1) 2008-2010
13%
838 Amauri ST 14 1 (1) 2008-2010
13%
624 Andreas Ottl DM 17 0 (1) 2006-2007, 2008-2010
13%
707 Andrés Palop GK 16 0 (0) 2000-2001, 2002-2003, 2007-2008, 2009-2010
13%
785 Andriy Voronin CF 14 2 (4) 2004-2005, 2007-2008, 2009-2010
13%
2522 Benedikt Höwedes CB 3 0 (0) 2007-2008
13%
822 Bogdan Lobonț GK 14 0 (0) 2002-2005
13%
491 Carlos Marchena CB 21 0 (0) 2002-2003, 2004-2005, 2006-2008
13%
199 Carsten Ramelow DM 36 2 (2) 2000-2002, 2004-2005
13%
2764 Celestine Babayaro LB 2 0 (0) 2003-2004
13%
978 Christer George RW 11 2 (0) 2000-2002, 2004-2005
13%
2280 Christian Gyan RB 4 0 (0) 2001-2003
13%
1104 Christian Lell RB 10 0 (2) 2006-2007, 2008-2009
13%
1872 Christoffer Andersson RB 5 0 (0) 2000-2001
13%
686 Craig Bellamy LW 16 3 (4) 2002-2003, 2006-2007
13%
3068 Cristian Leiva DM 1 0 (1) 2006-2007
13%
419 Daniel Jensen CM 23 2 (4) 2000-2001, 2004-2009
13%
2835 Daniel Sturridge ST 2 0 (0) 2009-2010
13%
1810 Dani Güiza ST 6 2 (0) 2008-2009
13%
2883 Danny Welbeck ST 2 0 (0) 2009-2010
13%
1672 Darron Gibson CM 6 1 (0) 2008-2010
13%
571 Dedê LB 18 0 (2) 2001-2003
13%
1540 Diego Pérez DM 6 0 (0) 2004-2005
13%
131 Diego Tristán ST 43 15 (2) 2000-2005
13%
853 Dmitriy Alenichev CM 14 3 (2) 2001-2002, 2003-2004
13%
326 Doni GK 27 0 (0) 2006-2009
13%
904 Duda RW 12 1 (1) 2001-2002
13%
2610 Duda LM 3 0 (0) 2007-2008
13%
2826 Ebi Smolarek ST 2 0 (0) 2001-2002
13%
252 Emre Belözoğlu CM 32 1 (7) 2000-2001, 2002-2004, 2008-2009
13%
2966 Ezequias Melo LB 1 0 (0) 2006-2007
13%
282 Faryd Mondragón GK 30 0 (0) 2001-2003, 2006-2007
13%
935 Felipe Melo DM 12 0 (0) 2008-2010
13%
119 Georgios Karagounis CM 46 6 (2) 2000-2001, 2003-2006, 2008-2009
13%
1779 Georgios Samaras LW 6 0 (0) 2007-2009
13%
184 Gianluca Pessotto LB 37 0 (0) 2000-2006
13%
253 Giuseppe Favalli LB 32 1 (2) 2000-2001, 2003-2007, 2009-2010
13%
408 Hatem Ben Arfa AM 23 2 (3) 2004-2010
13%
2236 Henrique CB 4 0 (0) 2006-2007, 2008-2010
13%
3006 Hugo Alcântara CB 1 0 (0) 2008-2009
13%
505 Ibrahim Afellay AM 20 0 (1) 2005-2009
13%
1517 Ignazio Abate RB 6 0 (0) 2003-2004, 2009-2010
13%
819 Jardel ST 14 6 (1) 2000-2001
13%
1013 Jesper Grønkjær LW 11 2 (0) 2003-2004, 2006-2007
13%
164 Johann Vogel DM 39 0 (0) 2000-2006
13%
127 Juan Carlos Valerón AM 44 5 (7) 2000-2005
13%
1250 Juan Manuel Peña CB 9 0 (0) 2005-2006
13%
844 Juan Pablo Sorín LB 14 0 (1) 2005-2007
13%
3085 Kennet Andersson ST 1 0 (0) 2001-2002
13%
1702 Kenneth Pérez ST 6 1 (1) 2007-2008
13%
2238 Kléberson CM 4 0 (1) 2003-2005
13%
2886 Landon Donovan ST 2 0 (0) 2004-2005
13%
723 Liedson ST 15 6 (2) 2006-2009
13%
477 Lucas Leiva DM 21 1 (2) 2007-2010
13%
1860 Luís Filipe RB 5 0 (0) 2007-2008
13%
640 Marcelo Salas ST 17 1 (1) 2000-2003
13%
418 Marco Di Vaio ST 23 8 (3) 2002-2005
13%
1741 Mario Yepes CB 6 0 (0) 2001-2002, 2004-2005
13%
380 Mark Iuliano CB 25 0 (1) 2000-2004
13%
542 Marouane Chamakh ST 19 5 (0) 2006-2007, 2008-2010
13%
470 Martin Keown CB 21 2 (0) 2000-2004
13%
2298 Michael Fink CB 4 0 (0) 2009-2010
13%
857 Michel Bastos LM 13 2 (2) 2006-2007, 2009-2010
13%
722 Miguel RB 15 0 (1) 2006-2008
13%
817 Mohamed Kallon ST 14 1 (0) 2002-2005
13%
363 Neil Lennon CM 26 0 (0) 2001-2002, 2003-2004, 2006-2007
13%
1079 Odd Inge Olsen AM 10 0 (1) 2001-2002, 2004-2005
13%
374 Olivier Dacourt DM 25 0 (0) 2000-2001, 2004-2005, 2006-2008
13%
808 Olof Mellberg CB 14 0 (0) 2008-2010
13%
1707 Óscar Cardozo ST 6 3 (0) 2007-2008
13%
281 Paolo Montero CB 30 3 (0) 2001-2005
13%
508 Patrik Andersson CB 20 1 (1) 2000-2003
13%
907 Pena ST 12 3 (0) 2001-2002
13%
2770 Phil Babb CB 2 0 (0) 2000-2001
13%
1118 Pierre-Yves André ST 10 2 (1) 2001-2002
13%
1578 Piotr Trochowski AM 6 1 (1) 2006-2007
13%
372 Ray Parlour CM 25 2 (0) 2000-2004
13%
224 Roar Strand CM 33 4 (1) 2000-2002, 2004-2005, 2007-2008
13%
2141 Rui Óscar RB 4 0 (0) 2001-2002
13%
871 Sebastian Deisler RM 13 3 (2) 2003-2007
13%
942 Sebastian Kehl DM 12 0 (1) 2002-2003
13%
829 Sébastien Pérez RB 14 1 (0) 2001-2002, 2003-2004
13%
641 Shaun Wright-Phillips RW 17 1 (1) 2005-2008
13%
603 Siniša Mihajlović CB 18 2 (2) 2000-2001, 2003-2006
13%
589 Stiliyan Petrov CM 18 1 (2) 2001-2002, 2003-2005
13%
1492 Sven Andersson GK 6 0 (0) 2000-2001
13%
805 Thomas Gravesen DM 14 0 (0) 2004-2007
13%
832 Thomas Helveg RB 14 1 (0) 2000-2001, 2002-2004
13%
395 Thorsten Fink DM 24 0 (1) 2000-2003
13%
726 Tim Wiese GK 15 0 (0) 2005-2009
13%
769 Traianos Dellas CB 15 0 (1) 2002-2003, 2004-2005, 2006-2007, 2008-2009
13%
840 Ulf Kirsten ST 14 4 (2) 2000-2002
13%
797 Vágner Love ST 14 4 (3) 2004-2005, 2006-2008
13%
392 Vasiliy Berezutskiy CB 24 1 (0) 2004-2005, 2006-2007, 2009-2010
13%
3098 Víctor Vázquez AM 1 0 (0) 2008-2009
13%
383 Vincenzo Montella ST 25 2 (1) 2001-2002, 2004-2005, 2006-2007, 2008-2009
13%
339 Vítor Baía GK 27 0 (0) 2001-2002, 2003-2006
13%
1424 Zé Maria RB 7 0 (1) 2004-2006
13%
1132 Aaron Hughes CB 10 0 (0) 2002-2003
9%
2639 Abel Balbo ST 2 0 (0) 2001-2002
9%
1954 Abel Xavier RB 5 1 (0) 2001-2002
9%
3266 Adrian Ilie ST 1 0 (0) 2000-2001
9%
816 Alan Thompson LM 14 3 (0) 2001-2002, 2003-2005
9%
219 Alessandro Birindelli RB 34 1 (1) 2000-2005
9%
2117 Alexander Farnerud CM 4 0 (0) 2007-2008
9%
545 Alexander Zickler ST 19 1 (1) 2000-2003
9%
319 Amedeo Carboni LB 28 0 (1) 2000-2001, 2002-2003, 2004-2005
9%
1275 Andrea Dossena LM 8 1 (0) 2008-2010
9%
2537 André Ayew ST 3 0 (0) 2007-2008
9%
1140 André Bergdölmo CB 10 0 (0) 2002-2003, 2006-2007
9%
223 Angelos Basinas DM 34 5 (2) 2000-2001, 2003-2005
9%
76 Anthony Réveillère RB 57 1 (1) 2002-2010
9%
794 Anthony Vanden Borre RB 14 1 (0) 2004-2007
9%
1057 Antônio Carlos Zago CB 11 0 (0) 2001-2002, 2003-2004
9%
1084 António Semedo RW 10 1 (0) 2008-2010
9%
3138 Aron Winter CM 1 0 (0) 2002-2003
9%
1800 Asier del Horno LB 6 0 (0) 2005-2007
9%
1636 Axel Witsel CB 6 0 (1) 2009-2010
9%
414 Benni McCarthy ST 23 8 (2) 2003-2006
9%
565 Bobo Baldé CB 19 0 (0) 2001-2002, 2003-2004, 2006-2007
9%
2027 Breno CB 5 0 (0) 2008-2009
9%
872 Carlos Vela RW 13 0 (0) 2008-2010
9%
800 Cicinho RB 14 0 (1) 2005-2009
9%
540 Ciprian Marica ST 19 4 (0) 2004-2005, 2006-2007, 2009-2010
9%
355 Ciro Ferrara CB 26 1 (0) 2000-2004
9%
2941 Ciro Immobile ST 1 0 (0) 2009-2010
9%
1717 Cléber Santana CM 6 0 (0) 2009-2010
9%
1406 Corrêa DM 7 0 (3) 2006-2008
9%
287 Costinha DM 30 4 (1) 2000-2001, 2003-2005
9%
1773 Dacian Varga LM 6 1 (0) 2009-2010
9%
478 Dado Prso ST 21 9 (1) 2000-2001, 2003-2004, 2005-2006
9%
514 Danny Murphy CM 20 3 (5) 2001-2003
9%
465 Dario Simic CB 21 0 (0) 2002-2003, 2005-2008
9%
448 Darko Kovacevic ST 22 6 (2) 2000-2001, 2003-2004, 2007-2008
9%
2788 David May CB 2 0 (0) 2001-2003
9%
1246 David Navarro CB 9 0 (0) 2002-2003, 2004-2005, 2006-2007
9%
1300 Didier Domi LB 8 0 (0) 2000-2001, 2006-2007, 2009-2010
9%
1982 Diego Tardelli ST 5 0 (0) 2006-2007
9%
390 Diogo Rincón AM 25 6 (4) 2002-2004, 2006-2008
9%
688 Dorin Goian CB 16 2 (1) 2006-2009
9%
635 Ederson AM 17 0 (1) 2008-2010
9%
350 Edú Gaspar CM 26 3 (0) 2001-2004, 2006-2008
9%
235 Fábio Aurélio LB 33 3 (5) 2000-2001, 2002-2003, 2006-2010
9%
387 Fábio Rochemback CM 25 1 (1) 2001-2002, 2008-2009
9%
662 Fernando Navarro LB 17 0 (1) 2002-2003, 2004-2005, 2009-2010
9%
757 Florent Sinama-Pongolle CF 15 2 (1) 2004-2005, 2008-2010
9%
3251 Francesc Arnau GK 1 0 (0) 2000-2001
9%
2124 Fredi Bobic ST 4 0 (0) 2001-2002
9%
386 Gabri DM 25 2 (0) 2000-2002, 2005-2006
9%
2901 Gabriel Álvez ST 2 0 (0) 2000-2002
9%
1134 Gary Kelly RB 10 0 (1) 2000-2001
9%
927 Gheorghe Popescu CB 12 0 (0) 2000-2001
9%
2259 Grafite ST 4 3 (0) 2009-2010
9%
1942 Graziano Pellè ST 5 0 (1) 2009-2010
9%
260 Helton GK 31 0 (0) 2006-2010
9%
1987 Henri Camara ST 5 0 (1) 2004-2005
9%
1395 Iván Campo DM 7 0 (0) 2000-2002
9%
659 Ivan Klasnic ST 17 5 (3) 2004-2007
9%
1238 Ivan Pelizzoli GK 9 0 (0) 2001-2002, 2004-2005
9%
1393 Ivan Rakitic CM 7 0 (1) 2007-2008
9%
1436 Jacek Krzynowek LM 7 3 (1) 2004-2005
9%
905 Jan Derek Sørensen RW 12 1 (1) 2000-2002
9%
599 Jan Kromkamp RB 18 1 (1) 2005-2009
9%
149 Jan Vennegoor of Hesselink ST 41 6 (5) 2001-2009
9%
401 Jaroslav Plasil CM 24 2 (3) 2003-2004, 2009-2010
9%
608 Javier Portillo ST 18 4 (0) 2001-2003, 2005-2006
9%
3111 Jens-Kristian Sørensen CB 1 0 (0) 2008-2009
9%
1397 Jermaine Jenas CM 7 0 (0) 2002-2003
9%
513 Jermaine Pennant RW 20 0 (4) 2001-2002, 2006-2008
9%
1391 Jimmy Floyd Hasselbaink ST 7 1 (2) 2003-2004
9%
226 Jiri Jarosik CB 33 6 (2) 2000-2001, 2004-2005, 2006-2008
9%
510 João Moutinho CM 20 2 (0) 2006-2009
9%
2669 João Paulo CB 2 0 (0) 2007-2008
9%
2708 Jonathan Santana CM 2 0 (0) 2009-2010
9%
317 Jonathan Zebina CB 28 0 (0) 2001-2002, 2004-2005, 2009-2010
9%
3205 Jordi Pablo RM 1 0 (0) 2008-2009
9%
140 José Francisco Molina GK 42 0 (2) 2000-2005
9%
1340 Josemi CB 8 0 (0) 2004-2006
9%
3271 Josip Simic ST 1 0 (0) 2003-2004
9%
2349 József Varga DM 4 0 (1) 2009-2010
9%
1484 Karim Zaza GK 6 0 (0) 2008-2009
9%
432 Kevin Kuranyi ST 22 8 (3) 2003-2004, 2005-2006, 2007-2008
9%
1305 Khalid Boulahrouz CB 8 0 (0) 2006-2007, 2009-2010
9%
875 Lee Bowyer CM 13 5 (1) 2000-2001
9%
869 Lee Dixon RB 13 1 (0) 2000-2002
9%
3095 Lee Roche RB 1 0 (0) 2002-2003
9%
87 Lionel Scaloni RB 54 2 (1) 2000-2004, 2007-2008
9%
2830 Loïc Rémy ST 2 0 (0) 2006-2008
9%
2160 Lúcio Wagner LB 4 0 (0) 2006-2007
9%
1362 Maciej Zurawski ST 7 0 (1) 2006-2008
9%
2380 Manolo Sanchís CB 3 0 (0) 2000-2001
9%
300 Manuel Pablo RB 29 0 (1) 2000-2005
9%
313 Marcelo Zalayeta ST 28 6 (2) 2001-2006
9%
2395 Marcin Zewlakow ST 3 1 (0) 2009-2010
9%
903 Márcio Amoroso ST 12 5 (1) 2001-2003
9%
1638 Marco Simone CF 6 6 (1) 2000-2001
9%
2704 Marco Storari GK 2 0 (0) 2009-2010
9%
1950 Mario Melchiot RB 5 0 (1) 2003-2004
9%
1055 Mario Santana RW 11 1 (1) 2008-2010
9%
2909 Martin Kelly RB 2 0 (0) 2008-2010
9%
957 Matías Almeyda DM 12 1 (1) 2002-2004
9%
490 Mehmet Aurélio DM 21 0 (3) 2004-2005, 2007-2008
9%
269 Michal Zewlakow CB 31 0 (1) 2003-2007, 2009-2010
9%
1026 Mickaël Landreau GK 11 0 (0) 2001-2002
9%
1100 Milos Maric CM 10 0 (1) 2004-2007
9%
1193 Mohamed Sarr CB 9 1 (0) 2002-2003, 2009-2010
9%
1867 Moisés Moura CB 5 0 (0) 2002-2003
9%
1423 Morgan De Sanctis GK 7 0 (0) 2005-2006, 2007-2008
9%
679 Nelson Valdez ST 16 4 (4) 2004-2006
9%
834 Nicola Legrottaglie CB 14 0 (0) 2003-2004, 2008-2010
9%
2381 Ode Thompson ST 3 0 (0) 2001-2002
9%
2002 Oleksiy Gay CM 5 0 (1) 2006-2007, 2008-2009
9%
1150 Oliver Bierhoff ST 10 2 (3) 2000-2001
9%
2004 Paolo De Ceglie LB 5 0 (0) 2008-2010
9%
587 Paolo Guerrero ST 18 2 (0) 2004-2007
9%
1288 Patrik Berger AM 8 0 (1) 2001-2003
9%
993 Paulo Sousa CM 11 1 (1) 2000-2002
9%
1648 Paul Robinson GK 6 0 (0) 2000-2001
9%
999 Per Ciljan Skjelbred CM 11 1 (0) 2005-2006, 2007-2008
9%
932 Pontus Farnerud CM 12 1 (0) 2000-2001, 2004-2005, 2006-2008
9%
1284 Robert Huth CB 8 0 (0) 2003-2006
9%
492 Roberto Bonano GK 21 0 (0) 2001-2003
9%
881 Roque Júnior CB 13 1 (1) 2000-2001, 2002-2003, 2004-2005
9%
1295 Roy Carroll GK 8 0 (0) 2001-2005
9%
192 Rubén Baraja CM 36 7 (1) 2000-2001, 2002-2003, 2004-2005, 2006-2008
9%
1994 Samuele Dalla Bona CM 5 0 (0) 2002-2003
9%
2972 Scott Carson GK 1 0 (0) 2004-2005
9%
788 Scott McDonald ST 14 2 (0) 2007-2009
9%
2311 Sebastian Rudy DM 4 1 (1) 2009-2010
9%
250 Sébastien Squillaci CB 32 3 (0) 2003-2004, 2006-2007, 2009-2010
9%
2025 Sergio Asenjo GK 5 0 (0) 2009-2010
9%
934 Shabani Nonda ST 12 4 (2) 2000-2001, 2003-2005
9%
1258 Silvio Maric AM 9 0 (0) 2003-2005
9%
382 Simone Perrotta AM 25 2 (4) 2004-2005, 2006-2009
9%
2847 Souleymane Camara RW 2 0 (0) 2003-2005
9%
970 Stanislav Varga CB 12 1 (0) 2003-2005
9%
629 Stefan Effenberg AM 17 2 (2) 2000-2002
9%
768 Stefano Fiore AM 15 2 (3) 2001-2002, 2003-2005
9%
2248 Stefano Okaka ST 4 0 (0) 2006-2007, 2008-2009
9%
2489 Stephen Hughes CM 3 0 (0) 2003-2004
9%
2109 Steven Thompson ST 5 1 (0) 2005-2006
9%
683 Taye Taiwo LB 16 1 (0) 2007-2010
9%
1367 Thomas Hitzlsperger CM 7 0 (1) 2007-2008, 2009-2010
9%
244 Thomas Linke CB 32 2 (2) 2000-2005
9%
146 Timmy Simons DM 41 2 (1) 2002-2003, 2005-2009
9%
1154 Timo Hildebrand GK 10 0 (0) 2003-2004, 2007-2008
9%
376 Tomas Galasek DM 25 1 (1) 2002-2006
9%
936 Tomasz Radzinski ST 12 5 (0) 2000-2001
9%
2755 Vahid Hashemian ST 2 0 (0) 2004-2005
9%
424 Volkan Demirel GK 23 0 (0) 2004-2005, 2007-2009
9%
158 Walter Pandiani ST 40 12 (2) 2000-2001, 2003-2005
9%
728 Wesley Sonck ST 15 7 (1) 2002-2005
9%
231 Wilfred Bouma LB 33 3 (0) 2000-2005
9%
254 Yıldıray Baştürk AM 32 1 (7) 2001-2002, 2007-2008
9%
255 Zdenek Grygera RB 32 0 (0) 2000-2001, 2003-2005, 2008-2010
9%
1333 Alan Dzagoev CM 8 3 (1) 2009-2010
6%
336 Albert Celades DM 27 2 (2) 2000-2002, 2004-2005
6%
1033 Aldair CB 11 0 (1) 2001-2003
6%
1101 Alejandro Domínguez AM 10 2 (1) 2008-2010
6%
2684 Aleksandr Kerzhakov ST 2 0 (0) 2007-2008
6%
2733 Aleksey Popov CB 2 0 (0) 2009-2010
6%
2034 Aleksey Smertin DM 5 1 (1) 2004-2005
6%
1189 Alessandro Gamberini CB 9 0 (0) 2008-2010
6%
1411 Alexander Manninger GK 7 0 (0) 2000-2001, 2008-2009
6%
1875 Ali Karimi AM 5 1 (0) 2005-2007
6%
969 Allan McGregor GK 12 0 (0) 2007-2008, 2009-2010
6%
2063 Álvaro Domínguez CB 5 0 (0) 2008-2010
6%
1270 Álvaro Mejía CB 8 0 (0) 2003-2004, 2005-2007
6%
1805 Álvaro Novo RM 6 1 (0) 2001-2002
6%
2174 Andreas Görlitz RB 4 0 (0) 2004-2005, 2006-2007
6%
1869 Andreas Johansson CM 5 1 (0) 2008-2009
6%
941 Andriy Pyatov GK 12 0 (0) 2007-2009
6%
791 Andriy Vorobey ST 14 3 (2) 2000-2001, 2004-2005, 2006-2007
6%
3149 Antunes LB 1 0 (0) 2007-2008
6%
3124 Ari ST 1 0 (0) 2009-2010
6%
749 Árni Arason GK 15 0 (0) 2000-2003
6%
665 Arouna Koné ST 17 3 (2) 2005-2007, 2009-2010
6%
1106 Bakari Koné RW 10 1 (2) 2008-2010
6%
747 Bănel Nicoliță RW 15 0 (5) 2006-2009
6%
964 Batista DM 12 0 (0) 2002-2005
6%
555 Benoît Cheyrou DM 19 1 (2) 2001-2002, 2007-2010
6%
614 Bent Skammelsrud DM 18 2 (1) 2000-2003
6%
1186 Beto CM 9 1 (1) 2005-2007
6%
1851 Beto CB 5 0 (0) 2000-2001
6%
3090 Beto GK 1 0 (0) 2009-2010
6%
1919 Bjørn Johansen CM 5 2 (0) 2000-2001
6%
841 Bjørn Tore Kvarme CB 14 0 (0) 2003-2004, 2005-2006, 2007-2008
6%
284 Boris Zivkovic RB 30 1 (2) 2000-2004
6%
813 Boubacar Sanogo ST 14 5 (1) 2006-2009
6%
323 Brandão ST 27 4 (1) 2004-2005, 2006-2010
6%
1452 Branko Savic CB 6 0 (1) 2003-2004
6%
1217 Bruno Cheyrou CM 9 4 (0) 2001-2003
6%
605 Carlos Paredes DM 18 0 (0) 2001-2002, 2006-2008
6%
469 Carlos Salcido CB 21 0 (0) 2006-2009
6%
1228 Cédric Carrasso GK 9 0 (0) 2009-2010
6%
1614 Chris Kirkland GK 6 0 (0) 2001-2002, 2004-2005
6%
704 Chris Sutton ST 16 6 (0) 2001-2002, 2003-2005
6%
288 Christer Basma CB 29 0 (0) 2000-2002, 2004-2005, 2007-2008
6%
566 Christian Wilhelmsson RW 19 2 (1) 2003-2007
6%
671 Christian Wörns CB 16 0 (0) 2001-2003
6%
799 Ciriaco Sforza CM 14 0 (0) 2000-2002
6%
1051 Claudio Taffarel GK 11 0 (0) 2000-2001
6%
620 Clemens Fritz RB 17 0 (1) 2004-2005, 2006-2009
6%
2328 Cribari CB 4 0 (0) 2007-2008
6%
445 Cristian Brocchi CM 22 0 (1) 2002-2004, 2006-2008
6%
2666 Custódio DM 2 0 (0) 2006-2007
6%
439 DaMarcus Beasley LB 22 4 (2) 2004-2005, 2007-2008, 2009-2010
6%
918 Daniel Braaten RW 12 1 (0) 2004-2006
6%
1201 Danijel Pranjic LB 9 0 (0) 2009-2010
6%
1152 Dario Dainelli CB 10 1 (1) 2008-2010
6%
2618 Davide Santon LB 3 0 (0) 2008-2010
6%
3001 David Odonkor RW 1 0 (0) 2002-2003
6%
2091 David Rivas CB 5 0 (0) 2005-2006
6%
1376 David Suazo ST 7 0 (1) 2007-2008, 2009-2010
6%
520 Dennis Rommedahl RW 20 1 (1) 2000-2004
6%
787 Didier Zokora DM 14 0 (0) 2002-2003, 2009-2010
6%
920 Diego Capel LW 12 0 (1) 2007-2008, 2009-2010
6%
1453 Djordje Pantic GK 6 0 (0) 2003-2004, 2009-2010
6%
755 Dominic Matteo LB 15 2 (1) 2000-2001
6%
1525 Dusko Tosic CB 6 0 (1) 2007-2009
6%
2239 Edixon Perea ST 4 0 (0) 2006-2007
6%
2019 Eduard Stăncioiu GK 5 0 (0) 2008-2009
6%
391 Egor Titov AM 24 4 (5) 2000-2001, 2006-2007
6%
2185 Elano AM 4 0 (0) 2006-2007
6%
2269 Emmanuel Koné CM 4 0 (0) 2008-2009
6%
821 Emmanuel Olisadebe ST 14 3 (0) 2001-2002, 2003-2005
6%
580 Enzo Maresca CM 18 1 (4) 2001-2002, 2003-2004, 2007-2008, 2009-2010
6%
764 Eric Djemba Djemba DM 15 1 (0) 2001-2002, 2003-2005
6%
2384 Éver Banega CM 3 0 (0) 2008-2009
6%
672 Ewerthon ST 16 0 (1) 2002-2003, 2007-2008
6%
1060 Fabio Luciano CB 11 1 (1) 2004-2006
6%
654 Fabrizio Miccoli ST 17 5 (2) 2003-2004, 2005-2007
6%
1671 Fabrizio Ravanelli ST 6 2 (1) 2000-2001
6%
2268 Félix Borja ST 4 0 (0) 2006-2007
6%
1402 Fernando Cavenaghi ST 7 0 (0) 2006-2007, 2008-2010
6%
511 Florin Cernat AM 20 3 (0) 2001-2004, 2006-2007, 2008-2009
6%
2871 Francesco Tavano ST 2 0 (0) 2006-2007
6%
446 Francisco Lima CM 22 0 (0) 2001-2003
6%
221 Francisco Pavón CB 34 0 (1) 2000-2006
6%
502 François Clerc RB 20 0 (2) 2005-2010
6%
378 Frank Baumann DM 25 2 (0) 2004-2009
6%
1728 Frank Rost GK 6 0 (0) 2005-2006
6%
1315 Frédéric Da Rocha RW 8 1 (0) 2001-2002
6%
1137 Fredy Guarín CM 10 0 (1) 2008-2010
6%
379 Gaël Givet CB 25 1 (1) 2003-2004, 2007-2008
6%
1177 Gary McAllister CM 9 0 (0) 2001-2002
6%
1482 Gennadiy Zubov RM 6 2 (2) 2000-2001
6%
2705 Giampaolo Pazzini ST 2 0 (0) 2008-2009
6%
3029 Gianluca Curci GK 1 0 (0) 2007-2008
6%
3039 Gigel Coman LM 1 0 (0) 2006-2007
6%
338 Giovanni AM 27 4 (3) 2000-2005
6%
831 Giovanni Pasquale LM 14 0 (0) 2002-2005
6%
1050 Giuliano Giannichedda DM 11 0 (0) 2001-2002, 2003-2004, 2005-2006
6%
422 Giuseppe Pancaro RB 23 0 (4) 2000-2001, 2003-2005
6%
2725 Giuseppe Scurto CB 2 0 (0) 2004-2005
6%
3057 Gonzalo Castro CM 1 0 (0) 2004-2005
6%
1028 Guillermo Franco ST 11 1 (0) 2005-2006, 2008-2009
6%
612 Hannu Tihinen CB 18 2 (0) 2003-2004, 2005-2006, 2009-2010
6%
619 Harald Brattbakk ST 17 3 (1) 2001-2002, 2004-2005
6%
186 Hasan Şaş RW 37 3 (6) 2000-2003, 2006-2007
6%
2211 Héctor Font CM 4 0 (1) 2005-2006
6%
3027 Helgi Sigurdsson ST 1 0 (0) 2000-2001
6%
1854 Hilário GK 5 0 (0) 2006-2007, 2009-2010
6%
1307 Hilton CB 8 1 (0) 2008-2010
6%
1853 Hugo CB 5 0 (0) 2000-2001
6%
753 Ian Harte LB 15 3 (4) 2000-2001
6%
2865 Ignacio Camacho DM 2 0 (0) 2008-2010
6%
689 Igor Biscan DM 16 0 (2) 2001-2002, 2004-2006
6%
1353 Ilija Ivic ST 8 0 (1) 2002-2004
6%
1454 Ivica Iliev CF 6 0 (0) 2003-2004
6%
2385 Jacques Faty CB 3 0 (0) 2007-2008
6%
2163 Jaime Gavilán LW 4 0 (0) 2006-2008
6%
2775 Jamie Redknapp CM 2 0 (0) 2001-2002
6%
2606 Jandro Castro AM 3 0 (0) 2003-2004
6%
979 Jan Gunnar Solli RB 11 0 (0) 2004-2006
6%
234 Jean Makoun DM 33 4 (2) 2005-2006, 2008-2010
6%
2485 Jean Paulista CF 3 0 (0) 2009-2010
6%
877 Jelle Van Damme CB 13 0 (0) 2002-2003, 2006-2007
6%
400 Jens Nowotny DF 24 1 (0) 2000-2001, 2004-2005
6%
278 Jérémie Bréchet CB 30 0 (0) 2000-2003, 2008-2009
6%
2427 Jérémy Ménez ST 3 0 (1) 2008-2009
6%
1214 Johan Djourou CB 9 0 (1) 2006-2007, 2008-2009
6%
466 Johan Micoud AM 21 6 (9) 2004-2007
6%
807 John Hartson ST 14 2 (2) 2001-2002, 2003-2005
6%
256 Jorge Andrade CB 32 0 (0) 2001-2005
6%
1705 Joris Mathijsen CB 6 0 (0) 2006-2007
6%
870 Juan Manuel Vargas LB 13 2 (5) 2008-2010
6%
1161 Juanmi GK 10 0 (0) 2002-2003
6%
643 Julien Escudé CB 17 2 (0) 2003-2004, 2007-2008, 2009-2010
6%
2246 Juninho Paulista AM 4 0 (0) 2004-2005
6%
2060 Kamil Kosowski LM 5 0 (0) 2009-2010
6%
404 Konstantinos Katsouranis DM 24 1 (3) 2002-2003, 2006-2008
6%
2575 Kristijan Djordjevic RM 3 0 (0) 2001-2002
6%
896 Krzysztof Warzycha ST 13 2 (0) 2000-2002
6%
622 Lars Ricken AM 17 1 (2) 2001-2003
6%
961 Leandro Cufré LB 12 0 (0) 2002-2003, 2004-2005
6%
2845 Leandro Lima AM 2 0 (0) 2007-2008
6%
1248 Leo Franco GK 9 0 (0) 2001-2002, 2008-2009
6%
2118 Leonardo AM 4 1 (0) 2000-2001
6%
2825 Leonardo CF 2 0 (0) 2001-2002
6%
3141 Leonardo RB 1 0 (0) 2001-2002
6%
3146 Leonardo CB 1 0 (0) 2006-2007
6%
1032 Levan Kobiashvili LB 11 3 (2) 2005-2006, 2007-2008
6%
2885 Luca Antonini LB 2 0 (0) 2009-2010
6%
2049 Luca Marchegiani GK 5 0 (0) 2000-2001
6%
1892 Luciano de Souza AM 5 0 (2) 2000-2001
6%
921 Luis Amaranto Perea CB 12 0 (0) 2008-2010
6%
2985 Luis Miguel Ramis CB 1 0 (0) 2000-2001
6%
655 Mamadou Niang ST 17 6 (2) 2007-2010
6%
1054 Manuele Blasi CM 11 0 (0) 2004-2006
6%
1906 Manuel Pasqual LB 5 0 (0) 2009-2010
6%
485 Marcelo Bordon CB 21 0 (1) 2003-2004, 2005-2006, 2007-2008
6%
1811 Marcel Schäfer LB 6 0 (2) 2009-2010
6%
1760 Marco Ballotta GK 6 0 (0) 2007-2008
6%
628 Marco Cassetti RB 17 1 (1) 2006-2009
6%
959 Marco Marchionni RM 12 1 (4) 2008-2010
6%
876 Marc-Vivien Foé DM 13 1 (0) 2000-2002
6%
1361 Marjan Markovic RM 7 0 (0) 2006-2008
6%
1489 Martin Pedersen LB 6 0 (0) 2008-2009
6%
412 Mathieu Bodmer DM 23 0 (3) 2005-2010
6%
1236 Matteo Brighi CM 9 3 (1) 2007-2009
6%
486 Matteo Ferrari CB 21 0 (0) 2004-2005, 2006-2007, 2009-2010
6%
1053 Matuzalém DM 11 4 (2) 2004-2005, 2006-2007
6%
320 Mauricio Pellegrino CB 28 0 (0) 2000-2001, 2002-2003, 2004-2005
6%
559 Max Tonetto LB 19 0 (4) 2006-2009
6%
2818 Michael Gray LB 2 0 (0) 2003-2004
6%
2099 Michael Jakobsen CB 5 1 (0) 2008-2009
6%
2908 Miguel Ángel DM 2 0 (0) 2005-2006
6%
1921 Mihai Neşu LB 5 0 (0) 2006-2008
6%
770 Mikael Dorsin LB 15 0 (2) 2004-2005, 2007-2008
6%
3070 Mikael Forssell ST 1 0 (0) 2004-2005
6%
992 Mikael Nilsson RB 11 0 (1) 2005-2006, 2008-2009
6%
3083 Miki Roqué CB 1 0 (0) 2006-2007
6%
438 Milos Krasic RW 22 5 (1) 2004-2005, 2006-2007, 2009-2010
6%
1382 Mirel Rădoi DM 7 0 (0) 2006-2007, 2008-2009
6%
793 Mista ST 14 2 (1) 2002-2003, 2004-2005
6%
860 Nacho Novo RW 13 1 (0) 2005-2006, 2007-2008, 2009-2010
6%
2722 Nano Rivas CB 2 0 (0) 2005-2006
6%
850 Nasief Morris CB 14 1 (0) 2003-2006
6%
3198 Natxo Insa CM 1 0 (0) 2006-2007
6%
2794 Neil Mellor ST 2 1 (1) 2004-2005
6%
2858 Nelson Benítez LB 2 0 (0) 2008-2009
6%
2299 Nelson Rivas CB 4 0 (0) 2007-2009
6%
1834 Nenad Djordjevic CB 5 0 (0) 2003-2004
6%
2743 Nenad Savic AM 2 0 (0) 2002-2003, 2005-2006
6%
909 Nicolae Dică CF 12 4 (2) 2006-2008
6%
1064 Nicolae Mitea LW 11 1 (0) 2003-2005
6%
556 Okan Buruk RM 19 1 (0) 2000-2001, 2002-2003, 2006-2007
6%
1495 Ola Nilsson DF 6 0 (0) 2000-2001
6%
342 Oleg Gusev RM 27 1 (1) 2003-2004, 2006-2007, 2009-2010
6%
271 Oleksandr Shovkovskyi GK 31 0 (0) 2000-2001, 2003-2004, 2006-2007, 2009-2010
6%
1415 Olivier Kapo AM 7 1 (0) 2002-2003, 2004-2005
6%
2602 Orhan Mustafi ST 3 0 (0) 2008-2009
6%
533 Ovidiu Petre DM 20 2 (0) 2003-2004, 2006-2009
6%
786 Øyvind Storflor RW 14 2 (3) 2004-2005, 2007-2008
6%
1440 Pablo Ibáñez CB 7 0 (0) 2008-2010
6%
2560 Pascal Johansen CM 3 0 (0) 2003-2004
6%
1198 Patrick Owomoyela RB 9 0 (1) 2005-2007
6%
2986 Pavel Mares LB 1 0 (0) 2001-2002
6%
2226 Pável Pardo DM 4 1 (1) 2007-2008
6%
211 Pedro Emanuel CB 35 0 (0) 2001-2002, 2003-2005, 2007-2009
6%
2542 Pelé CM 3 0 (0) 2007-2009
6%
706 Peter Luccin DM 16 2 (1) 2000-2001, 2003-2004
6%
264 Petri Pasanen CB 31 1 (0) 2002-2009
6%
2846 Philippe Léonard LB 2 0 (0) 2000-2001
6%
1024 Pierre van Hooijdonk ST 11 3 (1) 2001-2002, 2004-2005
6%
132 Predrag Djordjevic LM 43 7 (8) 2000-2008
6%
724 Quim GK 15 0 (0) 2005-2008
6%
416 Quinton Fortune LB 23 2 (0) 2000-2005
6%
1819 Rab Douglas GK 6 0 (0) 2001-2002
6%
1513 Rade Prica ST 6 1 (0) 2000-2001
6%
1456 Raphael Schäfer GK 6 0 (0) 2007-2008
6%
538 Răzvan Raț LB 19 0 (3) 2004-2005, 2006-2009
6%
576 Ricardo GK 18 0 (0) 2001-2002, 2006-2007
6%
2250 Ricardo GK 4 0 (0) 2002-2003
6%
2496 Ricardo Faty DM 3 0 (0) 2006-2007
6%
1390 Ricardo Osorio RB 7 0 (0) 2007-2008, 2009-2010
6%
574 Ricardo Rocha CB 18 0 (0) 2005-2006, 2009-2010
6%
1433 Roberto Acuña CM 7 0 (0) 2002-2003
6%
954 Róbinson Zapata GK 12 0 (0) 2007-2009
6%
457 Rodrigo Taddei RW 21 3 (4) 2006-2009
6%
1831 Roland Nilsson RB 5 0 (0) 2000-2001
6%
1873 Rolan Gusev RM 5 0 (0) 2004-2005, 2006-2007
6%
1485 Roman Pavlyuchenko ST 6 2 (0) 2006-2007
6%
331 Ronald Waterreus GK 27 0 (0) 2000-2003, 2005-2006
6%
1686 Ronny Venema RB 6 1 (0) 2000-2001
6%
1467 Rubens Júnior LB 6 0 (0) 2001-2002
6%
2656 Rui Lima AM 2 0 (0) 2001-2002
6%
1644 Salif Diao DM 6 1 (0) 2002-2003, 2004-2005
6%
1801 Santiago Ezquerro ST 6 1 (1) 2005-2007
6%
1438 Savo Milošević ST 7 1 (0) 2003-2004
6%
2613 Sebastián Pardo AM 3 1 (0) 2002-2003
6%
966 Semih Şentürk ST 12 2 (0) 2005-2006, 2007-2009
6%
1597 Sergej Barbarez CF 6 1 (0) 2000-2001
6%
116 Sergey Ignashevich CB 47 2 (1) 2001-2004, 2006-2007, 2009-2010
6%
2323 Sergio Almirón CM 4 0 (0) 2008-2009
6%
1862 Sergiy Popov CB 5 0 (0) 2000-2001
6%
1607 Sergiy Rebrov CF 6 1 (0) 2006-2008
6%
1290 Shola Ameobi ST 8 3 (1) 2002-2003
6%
1941 Sigurd Rushfeldt ST 5 1 (0) 2001-2002
6%
2133 Silvio Proto GK 4 0 (0) 2005-2006
6%
2499 Sokratis Papastathopoulos CB 3 0 (0) 2006-2007
6%
1008 Sorin Ghionea CB 11 1 (0) 2006-2007, 2008-2009
6%
306 Sotiris Kyrgiakos CB 29 1 (1) 2001-2002, 2003-2005, 2009-2010
6%
980 Souleymane Diawara CB 11 0 (0) 2008-2010
6%
1259 Souleymane Youla ST 8 1 (1) 2000-2001, 2006-2007
6%
2674 Souza ST 2 0 (0) 2008-2009
6%
2436 Srdjan Andric DM 3 0 (0) 2004-2006
6%
719 Ståle Stensaas LB 15 0 (1) 2000-2002, 2004-2006
6%
1216 Steed Malbranque CM 9 1 (0) 2000-2001
6%
1634 Steffen Iversen CF 6 2 (0) 2007-2008
6%
692 Stelios Giannakopoulos RW 16 3 (3) 2000-2003
6%
685 Stéphane Henchoz CB 16 0 (0) 2001-2003
6%
604 Stephen Appiah DM 18 2 (0) 2003-2005, 2007-2008
6%
1594 Steven Davis CM 6 0 (0) 2009-2010
6%
1560 Stig Johansen ST 6 0 (0) 2000-2001
6%
2976 Stipe Pletikosa GK 1 0 (0) 2006-2007
6%
1123 Sylvain Distin CB 10 0 (0) 2000-2001
6%
1420 Sylvain N'Diaye DM 7 0 (1) 2001-2002, 2003-2004
6%
2405 Taribo West CB 3 0 (0) 2003-2004
6%
332 Theo Lucius DM 27 2 (2) 2000-2006
6%
3088 Thomas Holm CM 1 0 (0) 2000-2001
6%
1643 Tobias Linderoth DM 6 0 (0) 2006-2007
6%
940 Tomas Necid ST 12 2 (4) 2007-2008, 2009-2010
6%
1183 Tomasz Kuszczak GK 9 0 (0) 2007-2010
6%
1590 Tomasz Waldoch CB 6 0 (0) 2001-2002
6%
1758 Tommaso Rocchi ST 6 2 (2) 2007-2008
6%
2352 Tote AM 4 1 (0) 2000-2001, 2002-2003
6%
1380 Turu Flores ST 7 1 (1) 2000-2001
6%
515 Ümit Karan ST 20 6 (2) 2001-2003, 2006-2007
6%
1542 Urby Emanuelson CM 6 0 (1) 2005-2006
6%
1006 Vasilios Torosidis RB 11 1 (0) 2007-2008, 2009-2010
6%
2245 Victoras Iacob ST 4 0 (1) 2007-2008
6%
765 Vidar Riseth CB 15 1 (0) 2004-2005, 2007-2008
6%
354 Vikash Dhorasoo CM 26 0 (2) 2000-2001, 2002-2005
6%
1756 Vincent Laban DM 6 0 (0) 2008-2009
6%
2554 Viorel Moldovan ST 3 2 (0) 2001-2002
6%
2119 Vladimir Ivic AM 4 1 (0) 2003-2004, 2006-2007
6%
421 Vladimír Labant LB 23 2 (3) 2000-2001, 2003-2005
6%
727 Vladyslav Vashchuk CB 15 1 (0) 2000-2001, 2007-2008
6%
2891 Vratislav Gresko LB 2 0 (0) 2000-2001
6%
938 Yssouf Koné ST 12 4 (0) 2007-2009
6%
1240 Zeljko Kalac GK 9 0 (0) 2005-2008
6%
1265 Zlatko Zahovic AM 8 1 (1) 2000-2001
6%
1441 Zvonimir Boban AM 7 0 (0) 2000-2001
6%
2199 Abdoulay Konko RB 4 1 (0) 2009-2010
3%
1036 Abubakari Yakubu DM 11 0 (0) 2002-2004
3%
1986 Adama Coulibaly CB 5 1 (1) 2002-2003
3%
3255 Adam Matysek GK 1 0 (0) 2000-2001
3%
1729 Adamo Coulibaly ST 6 2 (0) 2009-2010
3%
1939 Adam Petrous CB 5 0 (0) 2005-2006
3%
1304 Adil Ramzi LM 8 2 (0) 2000-2003
3%
1159 Ahmed Hassan AM 10 0 (1) 2003-2004, 2006-2007
3%
981 Ahmed Madouni CB 11 0 (0) 2001-2003
3%
1331 Ahmet Dursun ST 8 2 (0) 2000-2001, 2003-2004
3%
663 Aitor Karanka CB 17 0 (0) 2000-2002
3%
481 Akis Zikos DM 21 0 (0) 2003-2004, 2006-2007
3%
2612 Albert Jorquera GK 3 0 (0) 2005-2006, 2007-2009
3%
1278 Alberto Rivera CM 8 0 (0) 2000-2001, 2005-2006
3%
939 Alcides CB 12 0 (0) 2005-2008
3%
206 Aldo Duscher DM 35 0 (1) 2000-2004, 2009-2010
3%
2781 Alejandro Lago CB 2 0 (0) 2005-2006
3%
971 Aleksandar Ilić CB 12 1 (0) 2000-2002
3%
1531 Aleksandr Anyukov RB 6 0 (0) 2008-2009
3%
569 Aleksandr Khatskevich DM 19 2 (1) 2000-2004
3%
1799 Aleksandr Mostovoy AM 6 1 (0) 2003-2004
3%
1927 Alexander Madlung CB 5 0 (0) 2009-2010
3%
2212 Alexander Ødegaard LW 4 0 (0) 2005-2006
3%
1263 Alexander Tettey DM 8 0 (1) 2005-2006, 2007-2008
3%
3135 Alex Rae CM 1 0 (0) 2005-2006
3%
2098 Alfonso ST 5 0 (0) 2000-2002
3%
403 Alin Stoica AM 24 4 (1) 2000-2004
3%
2930 Almen Abdi CM 2 0 (0) 2009-2010
3%
389 Anastasios Pantos RB 25 0 (0) 2003-2007, 2009-2010
3%
536 Ânderson Polga CB 19 2 (0) 2006-2009
3%
1882 Andreas Dober CB 5 0 (0) 2005-2006
3%
3065 Andreas Fischer DM 1 0 (0) 2000-2001
3%
836 Andreas Hinkel RB 14 1 (0) 2003-2004, 2007-2009
3%
1776 Andreas Isaksson GK 6 0 (0) 2008-2009
3%
1207 Andreas Ivanschitz AM 9 0 (0) 2005-2006, 2008-2009
3%
1670 Andreas Konstantinou CB 6 0 (1) 2008-2009
3%
1838 Andreas Möller AM 5 1 (1) 2001-2002
3%
752 Andreas Reinke GK 15 0 (0) 2004-2007
3%
1612 Andrej Panadic CB 6 1 (0) 2000-2001
3%
1318 Andrés Guglielminpietro LM 8 0 (0) 2000-2001, 2002-2003
3%
1448 Andrés Mendoza ST 7 1 (0) 2002-2004
3%
1016 Andrew O'Brien CB 11 0 (0) 2002-2003
3%
2258 Andrey Kanchelskis RM 4 1 (0) 2000-2001
3%
715 Andriy Gusin DM 16 1 (0) 2000-2002, 2004-2005
3%
200 Andriy Nesmachnyi LB 36 0 (0) 2000-2004, 2006-2009
3%
1027 Andy Griffin RB 11 1 (0) 2002-2003
3%
2527 Anthony Le Tallec ST 3 0 (1) 2004-2005
3%
2326 Anthony Seric LB 4 0 (0) 2005-2006
3%
1617 Anthony Yeboah ST 6 2 (0) 2000-2001
3%
2047 Antonio Chimenti GK 5 0 (0) 2002-2005
3%
625 Artem Bezrodnyi LW 17 1 (1) 2000-2003
3%
3163 Artem Dzyuba ST 1 0 (0) 2006-2007
3%
534 Artem Milevskyi ST 20 3 (5) 2003-2004, 2006-2010
3%
2507 Arthuro ST 3 1 (0) 2008-2009
3%
452 Aruna Dindane CF 22 4 (1) 2000-2001, 2003-2005
3%
1359 Avraam Papadopoulos CB 7 0 (0) 2009-2010
3%
2227 Axel Lawarée ST 4 0 (0) 2005-2006
3%
547 Ayila Yussuf CB 19 2 (0) 2004-2005, 2006-2010
3%
1458 Azar Karadas ST 6 2 (0) 2002-2003
3%
616 Badr El Kaddouri LB 18 0 (2) 2002-2003, 2004-2005, 2006-2009
3%
2453 Barreto CF 3 0 (1) 2005-2006
3%
1464 Barry Robson RM 6 2 (0) 2007-2009
3%
402 Bart Goor LM 24 1 (2) 2000-2001, 2005-2007
3%
2204 Baruch Dego LM 4 4 (0) 2004-2005
3%
2343 Bastian Reinhardt CB 4 0 (0) 2006-2007
3%
2398 Ben Foster GK 3 0 (0) 2008-2010
3%
1110 Benjamin Huggel DM 10 0 (0) 2002-2003, 2008-2009
3%
2668 Benjamin Lauth ST 2 0 (0) 2006-2007
3%
1457 Benjani ST 6 2 (0) 2002-2003
3%
1221 Benoît Trémoulinas LB 9 0 (1) 2009-2010
3%
1273 Berkant Göktan ST 8 0 (1) 2001-2002, 2003-2004
3%
958 Bernardo Corradi ST 12 1 (1) 2003-2005
3%
1011 Bernt Haas RB 11 0 (0) 2002-2003
3%
621 Bertrand Crasson RB 17 1 (2) 2000-2002
3%
2700 Besart Berisha ST 2 1 (0) 2006-2007
3%
488 Besnik Hasi DM 21 0 (1) 2000-2001, 2003-2005
3%
2389 Billy Dodds ST 3 1 (0) 2000-2001
3%
3269 Bob Malcolm CB 1 0 (0) 2005-2006
3%
2265 Bogdan Shust GK 4 0 (0) 2006-2007
3%
2291 Bogdan Stancu ST 4 0 (0) 2008-2009
3%
2408 Bojan Brnovic FW 3 0 (0) 2003-2004
3%
697 Brahim Hemdani DM 16 0 (1) 2003-2004, 2005-2006, 2007-2008
3%
945 Brett Emerton RM 12 0 (2) 2001-2003
3%
1550 Brett Holman AM 6 0 (2) 2009-2010
3%
1761 Bruno Cirillo CB 6 1 (0) 2006-2007
3%
1349 Bruno Moraes ST 8 1 (1) 2003-2004, 2006-2007
3%
1554 Bruno Reis AM 6 0 (0) 2004-2005
3%
1408 Bruno Soriano DM 7 0 (0) 2008-2009
3%
247 Bülent Korkmaz CB 32 1 (0) 2000-2004
3%
1476 Cadú CB 6 0 (0) 2008-2009
3%
2033 Camel Meriem AM 5 0 (2) 2003-2004
3%
2356 Capi AM 4 0 (1) 2005-2006
3%
716 Capone RB 16 1 (1) 2000-2002
3%
3069 Carl Cort ST 1 0 (0) 2002-2003
3%
1955 Carlos Diogo RB 5 0 (0) 2005-2006
3%
2315 Carlos Gamarra CB 4 0 (0) 2002-2003
3%
1592 Carlos Varela RW 6 0 (0) 2002-2003
3%
2696 Carlo Zotti GK 2 0 (0) 2004-2005
3%
1045 Cédric Bardon CM 11 1 (1) 2006-2007, 2008-2009
3%
809 César Delgado RW 14 1 (0) 2008-2010
3%
1521 Cesare Natali CB 6 0 (0) 2005-2006, 2009-2010
3%
1147 Charles-Edouard Coridon AM 10 1 (0) 2002-2003, 2004-2005
3%
1094 Chidi Odiah RB 10 0 (0) 2004-2005, 2006-2007, 2009-2010
3%
2728 Chris Eagles RW 2 0 (0) 2004-2005, 2007-2008
3%
931 Christian ST 12 5 (1) 2000-2001, 2002-2003
3%
611 Christian Karembeu DM 18 0 (2) 2001-2004
3%
2321 Christian Manfredini LW 4 1 (0) 2007-2008
3%
1765 Christian Obodo CM 6 0 (0) 2005-2006
3%
2741 Christian Pander LB 2 0 (0) 2007-2008
3%
795 Christian Schulz CB 14 1 (1) 2004-2007
3%
772 Cihan Haspolatlı DM 15 2 (0) 2002-2003, 2006-2007
3%
2821 Ciprian Deac RW 2 0 (0) 2008-2009
3%
333 Cláudio Caçapa CB 27 0 (0) 2000-2007
3%
2244 Claudio Reyna CM 4 0 (0) 2000-2001
3%
2667 Collin Benjamin DM 2 0 (0) 2006-2007
3%
2504 Cornel Cernea GK 3 0 (0) 2006-2007
3%
2378 Craig Moore CB 3 0 (0) 2003-2004
3%
997 Cristian Ledesma CM 11 0 (0) 2007-2008, 2009-2010
3%
2064 Cristian Ledesma DM 5 0 (0) 2007-2008
3%
1195 Cristian Molinaro LB 9 0 (0) 2008-2010
3%
2278 Cristian Panin RB 4 0 (1) 2008-2009
3%
1158 Cristian Zenoni RB 10 0 (1) 2001-2003
3%
1481 Dainius Gleveckas CB 6 1 (0) 2000-2001
3%
558 Damiano Tommasi CM 19 1 (0) 2001-2003
3%
1538 Damiano Zenoni RB 6 0 (1) 2005-2006
3%
2375 Damir Cakar AM 3 0 (0) 2003-2004
3%
1736 Daniel Borimirov CM 6 0 (0) 2006-2007
3%
1421 Daniele Adani CB 7 2 (0) 2002-2004
3%
1738 Daniel Moreira CF 6 4 (1) 2002-2003
3%
1580 Daniel Oprița LW 6 0 (0) 2006-2007
3%
710 Daniel Zitka GK 16 0 (0) 2003-2007
3%
1047 Danijel Ljuboja ST 11 0 (0) 2004-2005, 2006-2007
3%
1241 Danko Lazovic CF 9 2 (0) 2007-2009
3%
1000 Danny Koevermans ST 11 4 (0) 2007-2009
3%
820 Danny Mills RB 14 0 (0) 2000-2001
3%
2515 Danny Simpson RB 3 0 (0) 2007-2008
3%
2718 Darren Potter CM 2 0 (0) 2004-2006
3%
2318 David Abraham CB 4 1 (0) 2008-2009
3%
926 David Bellion ST 12 1 (1) 2003-2004, 2008-2010
3%
3008 David di Tommaso CB 1 0 (0) 2000-2001
3%
2609 David Jarolím CM 3 0 (1) 2006-2007
3%
2032 David Jemmali RB 5 0 (0) 2006-2007
3%
1667 David N'Gog ST 6 2 (0) 2008-2010
3%
2113 David Rozehnal CB 5 0 (0) 2003-2004
3%
2394 Davy Schollen GK 3 0 (0) 2002-2003, 2006-2007
3%
368 Deividas Semberas DM 25 0 (1) 2004-2005, 2006-2007, 2009-2010
3%
500 Derlei ST 21 5 (4) 2003-2004, 2008-2009
3%
2729 Didi CF 2 0 (0) 2008-2009
3%
709 Didier Agathé RM 16 0 (2) 2001-2002, 2003-2005
3%
1069 Didier Dheedene LB 11 1 (3) 2000-2001
3%
1518 Diego Benaglio GK 6 0 (0) 2009-2010
3%
2849 Diego Cavalieri GK 2 0 (0) 2008-2010
3%
1740 Diego Perotti LW 6 1 (1) 2009-2010
3%
267 Diego Placente LB 31 0 (1) 2001-2002, 2004-2005, 2008-2010
3%
2176 Dimas LB 4 0 (0) 2000-2001
3%
1871 Dimitar Telkiyski RW 5 0 (0) 2006-2007
3%
615 Dimitrios Eleftheropoulos GK 18 0 (0) 2000-2004
3%
431 Dimitrios Mavrogenidis RB 23 1 (0) 2000-2006
3%
895 Dimitrios Papadopoulos ST 13 1 (3) 2003-2006
3%
1268 Dimitrios Salpingidis RW 8 1 (1) 2008-2009
3%
2887 Diogo ST 2 0 (0) 2009-2010
3%
854 Dionysis Chiotis GK 14 0 (0) 2002-2003, 2009-2010
3%
430 Dmitriy Loskov AM 23 4 (6) 2001-2004
3%
675 Dmitriy Parfenov RB 16 1 (0) 2000-2002
3%
453 Dmitriy Sennikov CB 22 1 (0) 2001-2004
3%
2270 Dmitriy Sychev ST 4 0 (1) 2003-2004
3%
1174 Edgaras Jankauskas ST 10 0 (0) 2003-2004
3%
504 Edú Dracena CB 20 0 (0) 2002-2003, 2007-2009
3%
1601 Ekrem Dag RB 6 1 (0) 2009-2010
3%
2103 Eliaquim Mangala CB 5 1 (1) 2009-2010
3%
1499 Elin Topuzakov CB 6 0 (0) 2006-2007
3%
367 Elvir Rahimic DM 25 0 (0) 2004-2005, 2006-2007, 2009-2010
3%
3097 Emil Angelov ST 1 0 (0) 2006-2007
3%
2469 Emile Mpenza ST 3 1 (0) 2001-2002
3%
1704 Emiliano Insúa LB 6 0 (0) 2009-2010
3%
522 Emiliano Moretti CB 20 0 (2) 2002-2003, 2004-2005, 2006-2008
3%
1605 Emmanuel Culio CM 6 2 (0) 2008-2009
3%
2016 Eren Derdiyok ST 5 1 (0) 2008-2009
3%
210 Ergün Penbe LB 35 1 (7) 2000-2003, 2006-2007
3%
823 Eric Addo CB 14 0 (0) 2001-2002, 2005-2009
3%
651 Éric Carrière AM 17 6 (4) 2001-2004
3%
444 Eric Deflandre RB 22 0 (0) 2000-2004
3%
405 Erik Hoftun CB 23 1 (0) 2000-2002, 2004-2005
3%
2274 Erol Bulut LB 4 1 (0) 2005-2006
3%
2282 Esteban Granero CM 4 0 (0) 2009-2010
3%
2735 Eugen Baciu CB 2 0 (0) 2007-2009
3%
1920 Eugen Trică AM 5 0 (1) 2008-2009
3%
717 Evanilson RB 15 0 (0) 2001-2003
3%
393 Evgeniy Aldonin DM 24 1 (1) 2004-2005, 2006-2007, 2009-2010
3%
2396 Fabián Carini GK 3 0 (0) 2001-2002, 2004-2005
3%
327 Fabian Ernst DM 27 0 (2) 2004-2005, 2007-2008, 2009-2010
3%
3273 Fabio Borini LW 1 0 (0) 2009-2010
3%
2052 Fabio Liverani DM 5 0 (0) 2003-2004
3%
2062 Fabrice Pancrate RW 5 1 (0) 2004-2005
3%
3216 Fabricio Coloccini CB 1 0 (0) 2004-2005
3%
1839 Fabricio Fuentes CB 5 0 (0) 2008-2009
3%
771 Fatih Akyel RB 15 0 (2) 2000-2001, 2004-2005
3%
2285 Federico Fazio CB 4 0 (0) 2007-2008, 2009-2010
3%
2875 Federico Macheda ST 2 0 (0) 2009-2010
3%
1369 Felipe CB 7 1 (0) 2005-2006, 2009-2010
3%
2086 Fernando Cáceres CB 5 0 (0) 2003-2004
3%
790 Fernando Meira CB 14 0 (0) 2003-2004, 2007-2008
3%
2355 Fernando Varela RB 4 0 (0) 2005-2006
3%
1903 Flavius Stoican RB 5 0 (0) 2004-2005
3%
802 Florin Lovin CM 14 0 (1) 2006-2009
3%
863 França ST 13 5 (1) 2002-2003, 2004-2005
3%
557 Francesco Antonioli GK 19 0 (0) 2001-2003
3%
2762 Francisco Fonseca ST 2 0 (0) 2006-2007
3%
1015 Francis Jeffers ST 11 0 (0) 2001-2002, 2005-2006
3%
828 Franck Jurietti LB 14 0 (0) 2000-2001, 2006-2007, 2008-2010
3%
1328 Frank Fahrenhorst CB 8 0 (0) 2004-2006
3%
1082 Frechaut RB 10 0 (0) 2001-2002
3%
1149 Frédéric Déhu CB 10 1 (1) 2000-2001
3%
573 Fredrik Winsnes CM 18 0 (0) 2000-2001, 2004-2006
3%
1852 Gabriel RB 5 0 (1) 2008-2009
3%
2736 Gabriel Boștină LM 2 0 (0) 2006-2007
3%
1712 Gabriel Mureșan DM 6 0 (0) 2008-2009
3%
2757 Gabriel Paletta CB 2 0 (0) 2006-2007
3%
773 Gabriel Schürrer CB 15 2 (0) 2003-2006
3%
1470 Gaby Mudingayi DM 6 0 (1) 2007-2008
3%
2873 Gaetano D'Agostino CM 2 0 (0) 2004-2005
3%
591 Gary Caldwell CB 18 0 (2) 2006-2009
3%
1022 Gary Speed CM 11 1 (1) 2002-2003
3%
668 Gennadiy Nizhegorodov CB 17 0 (0) 2001-2004
3%
2215 George Ogăraru RB 4 0 (1) 2008-2009
3%
1001 Georgios Amanatidis CB 11 0 (1) 2000-2003
3%
240 Georgios Anatolakis CB 33 0 (0) 2000-2007
3%
1506 Georgios Nasiopoulos ST 6 1 (0) 2000-2001
3%
365 Georgios Seitaridis RB 26 1 (1) 2000-2001, 2003-2004, 2008-2009
3%
851 Georgi Peev RM 14 0 (1) 2001-2005
3%
2159 Georgi Petkov GK 4 0 (0) 2006-2007
3%
493 Geovanni AM 21 2 (1) 2001-2002, 2005-2006
3%
1519 Gianluca Comotto RB 6 0 (1) 2009-2010
3%
190 Giannis Goumas CB 37 3 (1) 2000-2001, 2003-2005, 2008-2009
3%
474 Giannis Okkas ST 21 1 (0) 2003-2007
3%
3156 Giannis Papadopoulos CM 1 0 (0) 2009-2010
3%
1043 Gilbert Prilasnig CB 11 1 (0) 2000-2001
3%
676 Gilles Grimandi DM 16 0 (0) 2000-2002
3%
1558 Giorgi Demetradze ST 6 2 (0) 2000-2001
3%
3018 Gladstone CB 1 0 (0) 2007-2008
3%
259 Goran Gavrancic CB 32 1 (1) 2001-2004, 2006-2008
3%
2370 Goran Lovre CM 4 0 (0) 2004-2006
3%
3188 Goran Rubil RM 1 0 (0) 2001-2002
3%
783 Goran Sablic CB 15 0 (0) 2002-2004, 2006-2007
3%
454 Goran Vlaovic ST 22 2 (1) 2000-2001, 2003-2004
3%
2138 Gregory Dufer RW 4 0 (1) 2005-2006
3%
698 Grégory Tafforeau LB 16 1 (1) 2001-2002, 2005-2007
3%
2293 Grégory Vignal LB 4 0 (0) 2001-2003
3%
1901 Guglielmo Stendardo CB 5 0 (1) 2007-2008
3%
2406 Gustavo Manduca LW 3 0 (1) 2006-2007
3%
2921 Gustavo Munúa GK 2 0 (0) 2003-2005
3%
2216 Gustavo Varela RM 4 0 (0) 2005-2006, 2007-2008
3%
2661 Guy Demel RB 2 0 (0) 2002-2003, 2006-2007
3%
2750 György Garics RB 2 0 (0) 2005-2006
3%
588 György Korsós CB 18 0 (1) 2000-2001, 2005-2006
3%
399 Hakan Ünsal LB 24 2 (4) 2000-2004
3%
899 Hakan Yakin AM 12 3 (2) 2002-2003
3%
3060 Hasan Kabze ST 1 0 (0) 2006-2007
3%
330 Hatem Trabelsi RB 27 0 (0) 2002-2006
3%
1374 Hedwiges Maduro DM 7 0 (0) 2005-2006
3%
1937 Helge Payer GK 5 0 (0) 2005-2006
3%
1114 Hervé Tum ST 10 0 (1) 2002-2003
3%
1774 Hristo Yovov AM 6 0 (1) 2006-2007
3%
748 Hugo Viana CM 15 1 (0) 2002-2003, 2006-2007
3%
2663 Hüzeyfe Doğan AM 2 0 (0) 2002-2003
3%
1336 İbrahim Toraman CB 8 0 (0) 2007-2008, 2009-2010
3%
423 İbrahim Üzülmez LB 23 0 (3) 2000-2001, 2003-2004, 2007-2008, 2009-2010
3%
1486 Ibra Kébé LB 6 0 (0) 2001-2003
3%
1938 Ibson CM 5 0 (0) 2005-2007
3%
188 Ieroklis Stoltidis DM 37 7 (3) 2003-2007, 2009-2010
3%
2933 Igli Tare ST 1 0 (0) 2007-2008
3%
456 Igor Duljaj DM 21 0 (0) 2003-2004, 2006-2009
3%
674 Igor Mitreski CB 16 0 (0) 2000-2003
3%
1890 Igor Sypniewski ST 5 0 (0) 2000-2001
3%
949 Igor Tomasic CB 12 0 (0) 2002-2003, 2006-2007
3%
2068 İlhan Mansız ST 5 0 (0) 2003-2004
3%
741 Imre Szabics CF 15 2 (1) 2000-2001, 2003-2004
3%
2569 Ioannis Amanatidis ST 3 0 (0) 2003-2004
3%
1630 Ionut Rada CB 6 0 (0) 2007-2008
3%
1553 Ishmael Addo ST 6 0 (1) 2004-2005
3%
806 Ismail Aissati AM 14 0 (0) 2005-2008
3%
906 Ivica Dragutinovic CB 12 0 (1) 2007-2008, 2009-2010
3%
3262 Ivica Kralj GK 1 0 (0) 2001-2002
3%
529 Jacob Lekgetho LB 20 0 (1) 2001-2004
3%
637 Jádson AM 17 6 (5) 2006-2009
3%
2785 Jakub Wawrzyniak LB 2 0 (0) 2008-2009
3%
868 James Obiorah ST 13 2 (0) 2001-2004
3%
1626 Jan Kozak AM 6 2 (0) 2005-2006
3%
1588 Jan Lastuvka GK 6 0 (0) 2004-2005
3%
2721 Jan-Pieter Martens AM 2 0 (0) 2000-2001
3%
2995 Jan Rezek CF 1 0 (0) 2004-2005
3%
610 Jan Simak AM 18 0 (1) 2002-2003, 2004-2006
3%
497 Jaromir Blazek GK 21 0 (0) 2000-2001, 2003-2006
3%
507 Jason Culina CM 20 0 (1) 2005-2009
3%
2508 Javier Balboa RW 3 1 (0) 2005-2006, 2007-2008
3%
2850 Jeffrén RW 2 0 (0) 2009-2010
3%
1688 Jeffrey Talan RW 6 1 (0) 2000-2001
3%
1985 Jeremain Lens RW 5 2 (0) 2009-2010
3%
1099 Jérémy Clément DM 10 0 (1) 2004-2006
3%
650 Jérôme Rothen LM 17 1 (7) 2003-2004, 2009-2010
3%
1826 Jiri Homola CB 6 0 (0) 2003-2005
3%
696 Jocelyn Angloma RB 16 1 (1) 2000-2001
3%
2824 Johan Elmander ST 2 2 (0) 2001-2002
3%
1999 Johan Hansma CB 5 0 (0) 2000-2001
3%
1227 Johan Vonlanthen LM 9 0 (1) 2003-2004, 2009-2010
3%
2106 John Kennedy CB 5 0 (0) 2003-2004, 2007-2008
3%
3051 John Lukic GK 1 0 (0) 2000-2001
3%
952 Johnny Ecker CB 12 0 (0) 2001-2002, 2003-2004
3%
1995 John O'Brien DM 5 0 (0) 2002-2003
3%
2235 Jonathan Blondel DM 4 0 (1) 2005-2006
3%
3179 Jonathan Reis ST 1 0 (0) 2007-2008
3%
758 Joonas Kolkka RW 15 1 (0) 2000-2002
3%
2377 Jörg Albertz LM 3 1 (0) 2000-2001
3%
2175 Jorge Bermúdez CB 4 0 (0) 2001-2002
3%
480 Jorge Fucile RB 21 0 (2) 2006-2010
3%
1355 Jörg Heinrich LB 7 0 (1) 2002-2003
3%
2173 Joris Van Hout CB 4 0 (0) 2001-2002
3%
2416 Jørn Jamtfall GK 3 0 (0) 2000-2001
3%
3134 José Castillo ST 1 0 (0) 2009-2010
3%
1319 José Chamot CB 8 0 (0) 2000-2001, 2002-2003
3%
2430 José Luís Vidigal DM 3 0 (0) 2005-2006
3%
3047 José Manuel RM 1 0 (0) 2001-2002
3%
1384 José Manuel Jurado AM 7 0 (0) 2005-2006, 2009-2010
3%
2657 José Moreira GK 2 0 (0) 2005-2006
3%
776 Josico DM 15 0 (0) 2005-2006, 2008-2009
3%
1723 Josué DM 6 0 (0) 2009-2010
3%
1898 Jozef Valachovic CB 5 0 (0) 2005-2006
3%
1247 Juanito CB 9 0 (0) 2005-2006, 2009-2010
3%
3024 Juanlu LM 1 0 (0) 2005-2006
3%
2998 Juan Valera RB 1 0 (0) 2009-2010
3%
2471 Juarez RB 3 0 (0) 2005-2006
3%
2904 Julián Robles LM 2 0 (0) 2001-2002
3%
1533 Julien Faubert RB 6 2 (1) 2006-2007
3%
990 Julius Aghahowa ST 11 2 (0) 2004-2005, 2006-2007
3%
303 Jurica Vranjes DM 29 0 (1) 2000-2003, 2005-2009
3%
1194 Jussiê AM 9 1 (1) 2008-2010
3%
867 Karim Ziani AM 13 0 (0) 2007-2010
3%
824 Kasper Bøgelund RB 14 0 (1) 2001-2003, 2008-2009
3%
693 Kevin Hofland CB 16 1 (0) 2000-2004
3%
1961 Kevin Mirallas RW 5 0 (0) 2005-2007
3%
2112 Kevin Roelandts CM 5 0 (1) 2003-2004, 2005-2006
3%
1119 Kieron Dyer RM 10 0 (3) 2002-2003
3%
2823 Klemi Saban RB 2 0 (0) 2006-2007
3%
2347 Koray Avcı DM 4 0 (0) 2007-2008
3%
1841 Kris Boyd ST 5 0 (0) 2005-2006, 2007-2008, 2009-2010
3%
1925 Ladislav Volesak AM 5 0 (0) 2007-2008
3%
1645 Lars Hirschfeld GK 6 0 (0) 2007-2008
3%
782 László Bodnár RB 15 0 (1) 2000-2002, 2009-2010
3%
680 Laurent Bonnart RB 16 0 (2) 2007-2010
3%
1046 Laurent Leroy ST 11 4 (2) 2000-2001
3%
2179 Leandro CB 4 0 (1) 2009-2010
3%
3017 Léandro LM 1 0 (0) 2002-2003
3%
3270 Leandro ST 1 0 (0) 2003-2004
3%
2286 Leandro Grimi LB 4 0 (0) 2008-2009
3%
994 Leandro Romagnoli AM 11 0 (1) 2006-2009
3%
594 Lee Naylor LB 18 0 (1) 2006-2009
3%
2917 Líbero Parri AM 2 0 (0) 2000-2001
3%
1887 Libor Dosek ST 5 0 (1) 2005-2006
3%
1461 Lincoln AM 6 3 (3) 2005-2006
3%
601 Lionel Létizi GK 18 0 (0) 2000-2001, 2004-2005
3%
2557 Lionel Potillon LB 3 0 (0) 2003-2004
3%
746 Lomana LuaLua ST 15 1 (2) 2002-2003, 2007-2008, 2009-2010
3%
1993 Lorenzo Amoruso CB 5 0 (0) 2000-2001
3%
649 Lucas Bernardi CM 17 0 (3) 2003-2005
3%
1287 Lucas Radebe CB 8 0 (0) 2000-2001
3%
2078 Luciano Figueroa ST 5 0 (0) 2005-2006
3%
886 Luciano Zauri RB 13 1 (2) 2003-2004, 2007-2009
3%
2114 Lucian Sânmărtean CM 5 1 (0) 2003-2005
3%
989 Ludovic Magnin LB 11 0 (2) 2004-2005, 2007-2008
3%
845 Luigi Di Biagio DM 14 2 (1) 2002-2003
3%
2325 Luigi Sartor RB 4 0 (0) 2004-2005
3%
305 Lukas Zelenka AM 29 2 (0) 2001-2002, 2003-2006
3%
1821 Maarten Martens AM 6 0 (0) 2009-2010
3%
1663 Makoto Hasebe DM 6 0 (1) 2009-2010
3%
222 Maksim Shatskikh ST 34 10 (7) 2000-2004, 2006-2009
3%
577 Maksym Kalynychenko LM 18 2 (1) 2000-2001, 2002-2003, 2006-2007
3%
1264 Mantorras ST 8 0 (1) 2005-2007
3%
2969 Manú RW 1 0 (0) 2006-2007
3%
3143 Manuel Fischer ST 1 0 (0) 2007-2008
3%
321 Marat Izmailov AM 28 2 (6) 2001-2003, 2007-2009
3%
986 Marcão ST 11 4 (3) 2000-2001
3%
657 Marco Caneira CB 17 1 (0) 2004-2005, 2006-2009
3%
835 Marco Delvecchio ST 14 2 (0) 2001-2002, 2004-2005
3%
1329 Marco Donadel DM 8 0 (0) 2008-2010
3%
843 Marcos Assunção CM 14 0 (1) 2001-2002, 2005-2006
3%
2441 Marcos Gelabert DM 3 0 (0) 2008-2009
3%
2297 Marco Streller ST 4 0 (0) 2008-2009
3%
1929 Marco van Hoogdalem CB 5 2 (0) 2001-2002
3%
718 Marc Planus CB 15 1 (0) 2006-2007, 2008-2010
3%
1958 Marcus Allbäck ST 5 3 (1) 2006-2007
3%
340 Marek Kincl ST 27 5 (0) 2000-2001, 2003-2004, 2005-2006
3%
1633 Marek Suchy CB 6 0 (0) 2007-2008
3%
3067 Marian Had CB 1 0 (0) 2007-2008
3%
2450 Mariano Pernía LB 3 0 (1) 2008-2009
3%
730 Mario Galinovic GK 15 0 (0) 2004-2005, 2008-2009
3%
2229 Mario Haas ST 4 2 (1) 2000-2001
3%
700 Marko Babic LM 16 6 (2) 2001-2002, 2004-2005
3%
2437 Marko Perovic LW 3 0 (0) 2008-2009
3%
2183 Markus Feulner CM 4 1 (0) 2001-2003
3%
2742 Markus Katzer CB 2 0 (0) 2005-2006
3%
900 Markus Münch LB 12 2 (2) 2000-2001, 2003-2005
3%
585 Markus Rosenberg ST 18 3 (2) 2005-2006, 2007-2009
3%
1153 Markus Schopp RM 10 4 (0) 2000-2001
3%
1313 Martín Cáceres CB 8 0 (1) 2008-2010
3%
2224 Martin Hiden CB 4 0 (0) 2005-2006
3%
1753 Martin Jørgensen LM 6 1 (0) 2008-2010
3%
2444 Martin Klein CB 3 1 (0) 2001-2002
3%
3019 Martin Latka CB 1 0 (0) 2007-2008
3%
1129 Martin Laursen CB 10 0 (0) 2002-2004
3%
2758 Martín Pautasso RB 2 0 (0) 2006-2007
3%
1076 Martin Petras RB 11 1 (0) 2003-2006
3%
1911 Martin Vaniak GK 5 0 (0) 2007-2008
3%
2392 Marvin Andrews CB 3 0 (0) 2005-2006
3%
1632 Matej Krajcik RB 6 0 (1) 2007-2008
3%
2237 Mathieu Robail LM 4 1 (0) 2006-2007
3%
756 Mathieu Valbuena AM 15 1 (0) 2007-2010
3%
1815 Matías Delgado AM 6 0 (1) 2007-2008
3%
3236 Matteo Paro CM 1 0 (0) 2002-2003
3%
3208 Matteo Sereni GK 1 0 (0) 2003-2004
3%
334 Matthieu Chalmé RB 27 0 (0) 2005-2006, 2008-2010
3%
880 Matthieu Delpierre CB 13 0 (0) 2001-2002, 2007-2008, 2009-2010
3%
3021 Mattia Cassani RB 1 0 (0) 2002-2003
3%
1748 Matt Moussilou ST 6 0 (0) 2005-2006
3%
1661 Mauro Lustrinelli ST 6 1 (0) 2005-2006
3%
1276 Mauro Rosales RM 8 1 (1) 2004-2006
3%
2673 Max Houttuin RM 2 0 (0) 2000-2001
3%
784 Mbo Mpenza ST 15 2 (0) 2000-2001, 2004-2007
3%
2512 McDonald Mariga DM 3 0 (0) 2009-2010
3%
1014 Mehdi Mahdavikia RW 11 2 (4) 2000-2001, 2006-2007
3%
2533 Mehmet Topal DM 3 0 (0) 2006-2007
3%
1335 Mehmet Yozgatlı RW 8 0 (0) 2004-2006
3%
579 Mert Nobre ST 18 3 (0) 2004-2005, 2007-2008, 2009-2010
3%
3173 Michael LM 1 0 (0) 2007-2008
3%
2517 Michael Bridges ST 3 0 (0) 2000-2001
3%
2797 Michael Duberry CB 2 0 (0) 2000-2001
3%
3122 Michael Mancienne CB 1 0 (0) 2008-2009
3%
1130 Michael Mols ST 10 3 (0) 2000-2001, 2003-2004
3%
2122 Michal Hornak CB 4 1 (0) 2000-2001
3%
212 Michalis Konstantinou ST 35 11 (2) 2001-2002, 2003-2008
3%
1545 Michal Kadlec CB 6 0 (0) 2005-2006
3%
1895 Michal Meduna FW 5 0 (0) 2004-2005
3%
3078 Michal Vorel GK 1 0 (0) 2007-2008
3%
197 Miguel Ángel Angulo CF 36 4 (1) 2000-2001, 2002-2003, 2004-2005, 2006-2008
3%
1803 Miguel Ángel Nadal CB 6 0 (0) 2001-2002
3%
2037 Miguel de las Cuevas RW 5 0 (0) 2008-2009
3%
598 Miguel Veloso DM 18 1 (2) 2006-2009
3%
2284 Mike Zonneveld LB 4 0 (0) 2007-2008
3%
2191 Milan Ivana RM 4 0 (0) 2007-2008
3%
1861 Milan Jovanovic LW 5 2 (1) 2009-2010
3%
2219 Milan Stepanov CB 4 0 (0) 2007-2008
3%
1832 Milan Stojanoski CB 5 0 (0) 2003-2004
3%
1957 Milenko Acimovic LM 5 1 (0) 2005-2006
3%
2373 Milen Petkov DM 4 0 (0) 2002-2004
3%
2120 Milivoje Cirkovic RB 4 0 (0) 2003-2004
3%
1802 Miquel Soler LB 6 0 (0) 2001-2002
3%
2198 Miroslav Matusovic LW 4 1 (0) 2005-2006
3%
1547 Miroslav Slepicka ST 6 0 (0) 2005-2006
3%
1491 Misko Mirkovic CB 6 0 (0) 2001-2002
3%
953 Mladen Krstajic CB 12 0 (0) 2005-2006, 2007-2008
3%
2228 Moretto GK 4 0 (0) 2005-2006
3%
2327 Mourad Meghni AM 4 0 (1) 2007-2008
3%
1763 Mozart DM 6 0 (0) 2006-2007
3%
1009 Murat Yakin CB 11 0 (0) 2002-2003
3%
1956 Mustafa Dogan CB 5 0 (0) 2001-2002
3%
1863 Mykhaylo Starostyak RB 5 0 (0) 2000-2001
3%
2342 Necati Ateş ST 4 1 (0) 2006-2007
3%
1388 Nelson Vivas RB 7 0 (0) 2000-2001
3%
713 Nery Castillo RW 16 5 (1) 2003-2004, 2006-2008
3%
2486 Nick Barmby LM 3 0 (0) 2001-2002
3%
1669 Nicola Amoruso ST 6 1 (1) 2001-2002
3%
1746 Nicolas Bonnal LM 6 1 (0) 2000-2001
3%
590 Nicolás Burdisso CB 18 0 (0) 2004-2009
3%
1088 Nicolas Plestan CB 10 0 (0) 2005-2007
3%
1930 Nico Van Kerckhoven LB 5 0 (0) 2001-2002
3%
1133 Nigel Martyn GK 10 0 (0) 2000-2001
3%
489 Nihat Kahveci ST 21 0 (2) 2000-2001, 2003-2004, 2008-2010
3%
2023 Niklas Moisander CB 5 0 (0) 2009-2010
3%
1833 Nikola Malbasa LB 5 0 (0) 2003-2004
3%
1354 Nikolaos Georgeas RB 8 0 (1) 2003-2004, 2006-2007
3%
272 Nikolaos Lyberopoulos ST 31 2 (3) 2000-2001, 2003-2004, 2006-2007
3%
2439 Nikola Zigic ST 3 0 (0) 2007-2008
3%
1197 Nilmar ST 9 4 (1) 2004-2005
3%
1127 Nolberto Solano RM 10 1 (1) 2002-2003
3%
2558 Nordin Amrabat RW 3 0 (0) 2008-2009
3%
759 Nourdin Boukhari AM 15 1 (0) 2002-2003, 2004-2006
3%
126 Noureddine Naybet CB 44 4 (0) 2000-2004
3%
2970 Nuno Claro GK 1 0 (0) 2008-2009
3%
922 Ognjen Vukojevic DM 12 0 (1) 2008-2010
3%
2954 Oguchi Onyewu CB 1 0 (0) 2009-2010
3%
2597 Okan Koç RW 3 0 (0) 2003-2004
3%
891 Oleg Iachtchouk LW 13 1 (0) 2000-2001, 2003-2006
3%
742 Oleg Luzhnyi RB 15 0 (0) 2000-2003
3%
1828 Oleksandr Aliev AM 6 1 (0) 2006-2007, 2008-2009
3%
947 Oleksandr Kucher CB 12 0 (0) 2006-2009
3%
1480 Oleksiy Belik ST 6 1 (0) 2000-2001
3%
1586 Oliver Reck GK 6 0 (0) 2001-2002
3%
429 Olivier Deschacht CB 23 0 (0) 2003-2007
3%
2369 Olivier Doll CB 4 0 (0) 2000-2001
3%
1231 Olivier Quint LM 9 1 (2) 2001-2002
3%
862 Önder Turacı CB 13 0 (0) 2004-2005, 2007-2008
3%
2082 Óscar de Paula ST 5 1 (0) 2003-2004
3%
1339 Óscar Miñambres RB 8 0 (2) 2001-2004
3%
1109 Otman Bakkal AM 10 0 (0) 2007-2009
3%
1988 Ousmane Dabo DM 5 0 (0) 2000-2001, 2003-2004
3%
1266 Pablo Contreras CB 8 1 (1) 2000-2001, 2003-2004
3%
2330 Pablo Thiam DM 4 0 (2) 2001-2002
3%
2905 Paco Soler CM 2 0 (0) 2001-2002
3%
530 Pantelis Kafes CM 20 2 (2) 2003-2007
3%
532 Paraskevas Antzas CB 20 1 (0) 2000-2001, 2002-2003, 2007-2008
3%
292 Pär Zetterberg AM 29 1 (1) 2000-2006
3%
371 Pascal Cygan CB 25 0 (0) 2001-2006
3%
777 Pascal Ojigwe DM 15 0 (0) 2000-2003
3%
667 Pascal Zuberbühler GK 17 0 (0) 2000-2001, 2002-2003
3%
1425 Paul Freier RM 7 0 (1) 2004-2005
3%
274 Paulo Assunção DM 30 0 (0) 2005-2010
3%
1814 Paulo Rink ST 6 1 (0) 2000-2001
3%
1619 Paul Telfer RB 6 0 (0) 2006-2007
3%
792 Pavel Pogrebnyak ST 14 3 (2) 2008-2010
3%
3252 Pedro Contreras GK 1 0 (0) 2005-2006
3%
362 Pedro Munitis CF 26 1 (4) 2000-2001, 2003-2005
3%
592 Péguy Luyindula ST 18 4 (2) 2001-2004
3%
1261 Per Kröldrup CB 8 1 (0) 2008-2010
3%
1285 Peter Hlinka DM 8 0 (1) 2000-2001, 2005-2006
3%
528 Peter Løvenkrands ST 20 5 (0) 2000-2001, 2003-2004, 2005-2006, 2007-2008
3%
858 Peter Odemwingie ST 13 2 (2) 2005-2007
3%
645 Peter Ofori-Quaye ST 17 2 (1) 2000-2003
3%
1627 Peter Petras CB 6 1 (1) 2005-2006
3%
1449 Petr Johana CB 7 0 (0) 2003-2004
3%
2194 Petr Lukas CB 4 0 (0) 2005-2006
3%
1512 Petr Vorisek CB 6 0 (0) 2004-2005
3%
526 Philippe Christanval CB 20 0 (0) 2000-2004
3%
779 Philippe Clement CB 15 0 (0) 2002-2003, 2005-2006
3%
482 Philippe Violeau DM 21 0 (0) 2000-2003
3%
766 Pierre Laigle LM 15 2 (1) 2000-2002
3%
930 Pierre Womé LB 12 0 (0) 2005-2007
3%
1267 Quincy Owusu-Abeyie LW 8 0 (0) 2004-2007
3%
2641 Radovan Radakovic GK 2 0 (0) 2003-2004
3%
2799 Raimond van der Gouw GK 2 0 (0) 2000-2001
3%
2316 Raphael Wicky DM 4 0 (0) 2006-2007
3%
568 Rastislav Michalík DM 19 2 (2) 2001-2002, 2003-2004
3%
2915 Raul Rusescu ST 2 0 (0) 2009-2010
3%
2383 Reinaldo Oliveira ST 3 0 (0) 2004-2005
3%
1229 Rémy Vercoutre GK 9 0 (0) 2003-2004, 2005-2008
3%
1090 Renato CM 10 3 (1) 2007-2008, 2009-2010
3%
270 René Henriksen CB 31 0 (0) 2000-2001, 2003-2005
3%
1931 Reto Zanni RB 5 0 (0) 2008-2009
3%
2402 Ricardinho AM 3 0 (0) 2007-2008
3%
1091 Ricardo Oliveira ST 10 1 (0) 2005-2007
3%
1498 Richard Eromoigbe DM 6 0 (0) 2006-2007
3%
1405 Richard Witschge CM 7 0 (0) 2002-2003
3%
1865 Rio Mavuba DM 5 0 (0) 2006-2007
3%
2213 Robbie Russell RB 4 0 (0) 2004-2005
3%
1324 Roberto Baronio DM 8 1 (0) 2000-2001, 2007-2008
3%
1289 Roberto Hilbert RB 8 0 (0) 2007-2008, 2009-2010
3%
3279 Roberto Nanni ST 1 0 (0) 2003-2004
3%
1320 Roberto Sensini CB 8 0 (0) 2000-2001, 2005-2006
3%
583 Robson ST 18 4 (2) 2000-2002
3%
1343 Robson Ponté AM 8 0 (2) 2000-2001, 2004-2005
3%
2210 Rodrigo CB 4 0 (0) 2006-2007
3%
948 Roman Eremenko AM 12 1 (0) 2008-2010
3%
1683 Ronny AM 6 0 (2) 2006-2008
3%
3168 Ronny Hodel LB 1 0 (0) 2008-2009
3%
2748 Ross Turnbull GK 2 0 (0) 2009-2010
3%
1613 Roy Präger ST 6 1 (0) 2000-2001
3%
1316 Rubén Olivera CM 8 0 (0) 2002-2003, 2004-2005
3%
2787 Rui Nereu GK 2 0 (0) 2005-2006
3%
1396 Rune Lange ST 7 2 (0) 2002-2003, 2005-2006
3%
567 Ruslan Pimenov ST 19 1 (3) 2001-2004
3%
2322 Sabri Lamouchi CM 4 0 (0) 2003-2004
3%
3108 Salva Ballesta ST 1 0 (0) 2002-2003
3%
2568 Salvatore Fresi CB 3 0 (0) 2002-2003
3%
1255 Sandy Martens ST 9 1 (1) 2002-2004
3%
3145 Santi Kolk RW 1 0 (0) 2000-2001
3%
898 Sasa Ilic CM 12 2 (0) 2003-2004, 2006-2007
3%
951 Sasa Papac LB 12 0 (0) 2007-2008, 2009-2010
3%
1516 Sascha Riether RB 6 0 (0) 2009-2010
3%
1113 Scott Chipperfield LM 10 0 (1) 2002-2003, 2008-2009
3%
1743 Sebastián Dubarbier LB 6 0 (0) 2008-2009
3%
1309 Sebastian Giovinco CF 8 0 (2) 2008-2010
3%
3127 Sebastián Leto LW 1 0 (0) 2007-2008
3%
1888 Sébastien Pocognoli LB 5 0 (1) 2009-2010
3%
933 Serdar Taşçı CB 12 1 (0) 2007-2008, 2009-2010
3%
388 Sergey Ovchinnikov GK 25 0 (0) 2001-2004
3%
1812 Sergey Yuran ST 6 3 (0) 2000-2001
3%
3009 Serghei Dadu ST 1 0 (0) 2004-2005
3%
1068 Sergi Barjuan LB 11 0 (1) 2000-2002
3%
1857 Serginho Baiano LW 5 0 (0) 2001-2002
3%
2896 Sergio Boris CB 2 0 (0) 2003-2004
3%
1757 Sergiy Atelkin ST 6 1 (1) 2000-2001
3%
1120 Shay Given GK 10 0 (0) 2002-2003
3%
1223 Shinji Ono AM 9 0 (0) 2001-2003
3%
2579 Simone Del Nero LW 3 0 (0) 2007-2008
3%
2713 Simone Loria CB 2 0 (0) 2008-2009
3%
2043 Sixto Peralta CM 5 0 (0) 2008-2009
3%
1381 Sorin Paraschiv DM 7 0 (1) 2006-2007, 2009-2010
3%
3277 Spyros Vallas CB 1 0 (0) 2004-2005
3%
1497 Stanislav Angelov DM 6 0 (0) 2006-2007
3%
2424 Stanislav Vlcek RW 3 0 (1) 2007-2008
3%
1121 Stathis Tavlaridis CB 10 0 (0) 2005-2007
3%
2650 Stavros Tziortziopoulos LB 2 0 (0) 2006-2007
3%
1322 Stefano Mauri AM 8 0 (2) 2005-2006, 2007-2008
3%
1551 Stefano Sorrentino GK 6 0 (0) 2006-2007
3%
670 Stefan Reuter RM 16 0 (1) 2001-2003
3%
1378 Stefan Wessels GK 7 0 (0) 2000-2003
3%
1598 Steffen Hofmann AM 6 1 (0) 2005-2006
3%
2538 Stelian Stancu RB 3 0 (0) 2006-2007
3%
498 Stelios Venetidis LB 21 0 (3) 2001-2005
3%
661 Stéphane Dalmat CM 17 1 (1) 2000-2001, 2002-2003, 2006-2007
3%
1151 Stéphane Pichot RB 10 0 (0) 2001-2002, 2004-2005
3%
1232 Stéphane Ziani AM 9 1 (2) 2001-2002
3%
409 Stephen McManus CB 23 1 (0) 2004-2005, 2006-2009
3%
2516 Stephen McPhail LM 3 0 (0) 2000-2001
3%
1292 Stephen Warnock LB 8 0 (0) 2004-2007
3%
743 Steve Marlet ST 15 5 (4) 2000-2001, 2003-2004
3%
2782 Steven Caldwell CB 2 0 (0) 2002-2003
3%
2960 Steve Sidwell CM 1 0 (0) 2007-2008
3%
3272 Stijn Stijnen GK 1 0 (0) 2005-2006
3%
1952 Stuart Taylor GK 5 0 (0) 2000-2003
3%
1166 Sven Vermant CM 10 1 (0) 2001-2002, 2005-2006
3%
2712 Tal Ben Haim CB 2 0 (0) 2007-2008
3%
763 Taras Mykhalyk CB 15 1 (0) 2006-2010
3%
1077 Theodoros Zagorakis CM 11 0 (0) 2002-2004
3%
2371 Theofanis Katergiannakis GK 4 0 (0) 2003-2004
3%
738 Thimothée Atouba LB 15 1 (1) 2002-2003, 2006-2007
3%
385 Thomas Brdaric ST 25 3 (3) 2000-2003
3%
2717 Thomas Strunz DM 2 0 (0) 2000-2001
3%
1771 Tiberiu Bălan AM 6 0 (1) 2009-2010
3%
189 Tiberiu Ghioane CM 37 2 (3) 2001-2004, 2007-2010
3%
2008 Tijani Belaid AM 5 1 (0) 2007-2008
3%
1610 Titus Bramble CB 6 0 (0) 2002-2003
3%
2890 Tolga Seyhan CB 2 0 (0) 2006-2007
3%
3016 Tomás Guzmán AM 1 0 (0) 2001-2002
3%
176 Tomas Hübschman DM 38 0 (1) 2001-2002, 2003-2004, 2006-2009
3%
736 Tomas Sivok CB 15 0 (0) 2003-2005, 2009-2010
3%
1209 Tomas Ujfalusi CB 9 0 (0) 2008-2010
3%
1653 Tomasz Hajto CB 6 1 (1) 2001-2002
3%
761 Tomasz Rzasa LB 15 0 (0) 2001-2004
3%
2539 Tom Soetaers LW 3 0 (0) 2003-2004
3%
3155 Tom van der Leegte DM 1 0 (0) 2007-2008
3%
623 Tonel CB 17 2 (1) 2006-2009
3%
2181 Tony RB 4 0 (0) 2008-2009
3%
827 Tony Sylva GK 14 0 (0) 2003-2004, 2005-2007
3%
1144 Tony Vairelles ST 10 2 (0) 2000-2001, 2002-2003
3%
2468 Torjus Hansén RB 3 0 (0) 2004-2005
3%
2069 Tümer Metin AM 5 0 (0) 2003-2004, 2007-2008
3%
1058 Tuncay Şanlı LW 11 5 (2) 2004-2006
3%
516 Ümit Davala RM 20 2 (1) 2000-2002, 2004-2005
3%
613 Vadim Evseev RB 18 1 (5) 2002-2004
3%
1038 Valentin Badea ST 11 3 (0) 2006-2008
3%
2779 Valentin Bădoi RB 2 0 (0) 2007-2008
3%
286 Valentin Belkevich AM 30 4 (6) 2000-2004, 2006-2008
3%
2006 Valentin Stocker LW 5 0 (0) 2008-2009
3%
2456 Valeri Domovchiyski ST 3 0 (0) 2006-2007
3%
751 Valérien Ismaël CB 15 3 (1) 2004-2006
3%
2055 Valerio Bertotto CB 5 0 (0) 2005-2006
3%
3032 Valerio Virga RB 1 0 (0) 2006-2007
3%
1338 Valeriy Karpin RM 8 0 (1) 2003-2004
3%
1948 Varela LW 5 1 (0) 2009-2010
3%
1790 Veljko Paunovic ST 6 0 (0) 2001-2002
3%
1837 Vitaliy Abramov AM 5 0 (0) 2000-2001
3%
2494 Vito Mannone GK 3 0 (0) 2009-2010
3%
965 Vladimir Beschastnykh ST 12 4 (1) 2001-2003
3%
1914 Vyacheslav Shevchuk LB 5 0 (0) 2000-2001, 2008-2009
3%
462 Wendel LM 21 1 (5) 2006-2007, 2008-2010
3%
1233 Wilfried Dalmat RW 9 1 (0) 2001-2002, 2009-2010
3%
2156 Wojciech Kowalewski GK 4 0 (0) 2006-2007
3%
2247 Xiang Sun LB 4 0 (0) 2006-2007
3%
2990 Xisco Nadal RW 1 0 (0) 2005-2006
3%
2100 Yakubu Aiyegbeni ST 5 5 (1) 2002-2003
3%
2580 Yevgen Seleznyov ST 3 1 (0) 2008-2009
3%
915 Yoan Gouffran LW 12 0 (1) 2008-2010
3%
304 Yves Vanderhaeghe DM 29 0 (0) 2000-2001, 2003-2007
3%
1546 Zdenek Pospech RB 6 0 (0) 2005-2006
3%
2192 Zdenek Senkerik RW 4 2 (0) 2007-2008
3%
1007 Zdravko Kuzmanovic CM 11 2 (0) 2008-2010
3%
1243 Zlatan Bajramovic DM 9 0 (0) 2005-2006, 2007-2008
3%
2594 Zoran Mirkovic RB 3 0 (0) 2001-2002
3%
1556 Zvjezdan Misimovic AM 6 1 (2) 2009-2010
3%
1325 Zvonimir Soldo DM 8 1 (0) 2003-2004
3%
1745 Abdelilah Fahmi CB 6 0 (0) 2001-2002
0%
3130 Abdeslam Ouaddou CB 1 0 (0) 2006-2007
0%
2329 Abdoulaye Faye CB 4 0 (0) 2002-2003
0%
1724 Abdoulaye Méïté CB 6 0 (0) 2003-2004
0%
2079 Abdullah Ercan LM 5 0 (0) 2001-2002
0%
1067 Abelardo CB 11 0 (1) 2000-2002
0%
2225 Ádám Komlósi CB 4 0 (0) 2009-2010
0%
2309 Adékambi Olufadé RW 4 1 (0) 2001-2002
0%
2880 Admir Mehmedi CF 2 0 (0) 2009-2010
0%
1696 Adoram Keisi LB 6 0 (0) 2002-2003
0%
2214 Adrian Neaga ST 4 0 (0) 2007-2008
0%
2333 Adrian Nikci LW 4 0 (0) 2009-2010
0%
1608 Adriano Pimenta AM 6 1 (0) 2005-2006
0%
3084 Adriano Spadoto RM 1 0 (0) 2005-2006
0%
2977 Adrian Pukanych CM 1 0 (0) 2004-2005
0%
1429 Agustín Aranzabal LB 7 0 (1) 2003-2004
0%
2816 Ahmed Barusso DM 2 0 (0) 2007-2008
0%
1332 Ahmet Yıldırım DM 8 0 (0) 2000-2001, 2003-2004
0%
1793 Aitor López Rekarte RB 6 0 (0) 2003-2004
0%
1848 Akram Roumani LB 5 0 (0) 2002-2003
0%
1715 Alain Rochat CB 6 0 (0) 2009-2010
0%
1474 Alan RW 6 0 (0) 2005-2007
0%
1253 Alan Hutton RB 9 0 (3) 2005-2006, 2007-2008
0%
2253 Alan Kasaev LW 4 0 (0) 2009-2010
0%
3089 Alan Mahon LM 1 0 (0) 2000-2001
0%
2955 Alan Maybury RB 1 0 (0) 2000-2001
0%
257 Albert Luque LW 32 4 (5) 2001-2005
0%
2121 Albert Nadj DM 4 0 (0) 2003-2004
0%
1529 Alberto Acosta ST 6 0 (0) 2000-2001
0%
3153 Alberto Bueno CF 1 0 (0) 2008-2009
0%
2861 Alberto Fontana GK 2 0 (0) 2004-2005
0%
1689 Alecsandro ST 6 0 (0) 2006-2007
0%
2093 Alejandro Campano RM 5 0 (1) 2001-2002
0%
2989 Alejandro Lembo CB 1 0 (0) 2005-2006
0%
2630 Alekos Tatsis ST 3 0 (0) 2003-2004
0%
2287 Aleksandr Bukharov ST 4 0 (1) 2009-2010
0%
1363 Aleksandr Danishevskiy ST 7 1 (0) 2001-2003
0%
3177 Aleksandr Ermakovich CM 1 0 (0) 2008-2009
0%
734 Aleksandr Filimonov GK 15 0 (0) 2000-2002
0%
1866 Aleksandr Pavlenko CM 5 0 (1) 2001-2003
0%
1788 Aleksandr Ryazantsev CM 6 1 (0) 2009-2010
0%
3261 Aleksandr Shchegolev RB 1 0 (0) 2000-2001
0%
2158 Aleksandr Shirko ST 4 0 (2) 2000-2001
0%
2726 Aleksandr Shmarko CB 2 0 (0) 2000-2001
0%
2676 Aleksandr Sonin ST 2 0 (0) 2002-2003
0%
2101 Aleksandr Volodko DM 5 0 (0) 2008-2009
0%
1691 Aleksandr Yurevich LB 6 0 (0) 2008-2009
0%
1479 Aleksey Bakharev CM 6 1 (1) 2000-2001
0%
2660 Aleksey Gerasimenko ST 2 0 (0) 2000-2001
0%
2675 Aleksey Rebko CM 2 0 (0) 2006-2007
0%
2678 Aleksey Zuev GK 2 0 (0) 2006-2007
0%
1463 Alen Orman RM 6 0 (0) 2005-2006
0%
3209 Alessandro Frara DM 1 0 (0) 2001-2002
0%
919 Ales Urbanek LB 12 0 (0) 2004-2006
0%
3054 Alexander Laas LM 1 0 (0) 2006-2007
0%
1555 Alexandre Alphonse ST 6 1 (1) 2009-2010
0%
3013 Alexandre D'Acol ST 1 0 (0) 2005-2006
0%
908 Alexandre Goulart AM 12 1 (0) 2001-2002
0%
2220 Alexandre Quennoz CB 4 0 (0) 2002-2003
0%
1358 Alexandros Tziolis DM 7 1 (1) 2005-2006, 2008-2009
0%
3033 Alexandros Tzorvas GK 1 0 (0) 2008-2009
0%
1102 Alexis Alexandris ST 10 3 (0) 2000-2003
0%
2344 Ali Akdeniz LM 4 0 (0) 2001-2002
0%
1618 Ali Benarbia AM 6 0 (1) 2000-2001
0%
1372 Ali Bilgin CM 7 0 (0) 2007-2009
0%
2374 Ali Eren Beşerler RB 3 0 (0) 2000-2001
0%
1990 Ali Güneş CM 5 0 (1) 2001-2002
0%
3231 Ali Lukunku ST 1 0 (0) 2003-2004
0%
2361 Ali Ottman RB 4 0 (0) 2009-2010
0%
2077 Ali Tandoğan RB 5 0 (0) 2007-2008
0%
2511 Allan Johnston RM 3 0 (0) 2000-2001
0%
1568 Alon Harazi CB 6 0 (1) 2002-2003, 2009-2010
0%
2412 Altin Haxhi LB 3 0 (0) 2009-2010
0%
1414 Amdy Faye DM 7 0 (0) 2002-2003, 2007-2008
0%
3267 Anatoliy Gerk AM 1 0 (0) 2004-2005
0%
2200 Anders Due LM 4 1 (4) 2008-2009
0%
2679 Andrea Luciani MF 2 0 (0) 2000-2001
0%
2784 Andreas Neuendorf CM 2 0 (0) 2000-2001
0%
1171 Andreas Niniadis AM 10 2 (0) 2000-2004
0%
2920 Andreas Papathanasiou ST 2 0 (0) 2009-2010
0%
2018 André Galiassi CB 5 0 (0) 2008-2009
0%
2513 Andrejs Stolcers AM 3 0 (0) 2000-2001
0%
484 Andrés Fleurquín DM 21 1 (1) 2000-2002
0%
2477 Andres Gerber RM 3 0 (0) 2005-2006
0%
3055 Andrés Madrid DM 1 0 (0) 2008-2009
0%
2423 Andrey Karyaka LW 3 1 (0) 2005-2007
0%
2731 Andrey Tikhonov AM 2 0 (0) 2000-2001
0%
1178 Andrija Delibasic ST 9 3 (0) 2003-2004, 2006-2007
0%
1785 Andriy Yarmolenko RW 6 0 (0) 2009-2010
0%
602 Angelo Peruzzi GK 18 0 (0) 2000-2001, 2003-2004
0%
3003 Angelos Georgiou GK 1 0 (0) 2001-2002
0%
2390 Aníbal Matellán CB 3 0 (1) 2001-2002
0%
2030 Anri Khagush RB 5 0 (0) 2008-2009
0%
2001 Ante Rukavina ST 5 0 (0) 2008-2009
0%
1138 Anthony Lurling AM 10 1 (0) 2000-2001, 2002-2003
0%
2312 Anthony Mounier LW 4 0 (1) 2008-2009
0%
1718 Anthony Obodai DM 6 0 (0) 2003-2005
0%
1737 Antoine Sibierski AM 6 0 (0) 2002-2003
0%
1400 Anton Grigorjev CB 7 0 (0) 2006-2007, 2009-2010
0%
1385 Antonio Esposito RM 7 0 (2) 2002-2003
0%
1913 Antônio Géder CB 5 0 (0) 2006-2007
0%
2359 Antonio Guayre RW 4 1 (0) 2005-2006
0%
2300 Aquivaldo Mosquera CB 4 0 (0) 2007-2008
0%
2659 Areias LB 2 0 (0) 2004-2005
0%
1249 Ariel Ibagaza AM 9 1 (1) 2001-2002, 2008-2009
0%
442 Arif Erdem ST 22 2 (3) 2000-2004
0%
1566 Arik Benado CB 6 0 (0) 2002-2003
0%
1884 Arjan Beqaj GK 5 0 (0) 2008-2009
0%
2281 Arjan Ebbinge CB 4 0 (0) 2000-2001
0%
2000 Arkadiusz Radomski DM 5 0 (0) 2000-2001
0%
2296 Armand Deumi CB 4 0 (0) 2005-2006
0%
760 Arnold Bruggink AM 15 4 (2) 2000-2003
0%
2934 Arnor Angeli DM 1 0 (0) 2009-2010
0%
3202 Artem Fedetskyi RB 1 0 (0) 2008-2009
0%
2320 Artem Kravets ST 4 0 (0) 2007-2010
0%
2881 Artem Yashkin LM 2 0 (0) 2000-2001
0%
1181 Arthur Boka LB 9 0 (0) 2007-2008, 2009-2010
0%
2015 Arthur Numan LB 5 0 (2) 2000-2001
0%
2607 Arzu CB 3 1 (0) 2005-2006
0%
2404 Ashkan Dejagah RW 3 0 (0) 2009-2010
0%
781 Athanasios Kostoulas CB 15 0 (0) 2001-2002, 2003-2007
0%
1514 Atiba Hutchinson DM 6 1 (0) 2006-2007
0%
1365 Attilio Lombardo RW 7 0 (0) 2000-2001
0%
1528 Avishai Jano RB 6 0 (0) 2002-2003
0%
1564 Avi Strool CB 6 0 (0) 2004-2005
0%
527 Ayhan Akman CM 20 0 (1) 2000-2003, 2006-2007
0%
2501 Baba Adamu ST 3 0 (0) 2002-2003
0%
2638 Baki Mercimek CB 2 0 (0) 2007-2008
0%
1966 Balázs Borbély DM 5 2 (0) 2005-2006
0%
1974 Balázs Dzsudzsák AM 5 0 (1) 2008-2009
0%
3192 Bartholomew Ogbeche ST 1 0 (0) 2004-2005
0%
3172 Batuhan Karadeniz ST 1 0 (0) 2009-2010
0%
2912 Bayram Bektaş CM 2 0 (0) 2000-2001
0%
2550 Beg Ferati CB 3 0 (0) 2008-2009
0%
1889 Behrang Safari LB 5 0 (0) 2008-2009
0%
1347 Bengt Sæternes ST 8 3 (0) 2002-2004
0%
3120 Ben Hutchinson ST 1 0 (0) 2008-2009
0%
2434 Benjamin Nicaise DM 3 0 (1) 2009-2010
0%
2209 Bennett Mnguni LM 4 1 (0) 2002-2003
0%
2491 Benny Feilhaber CM 3 0 (0) 2006-2007
0%
2035 Benoît Pedretti DM 5 0 (0) 2005-2006
0%
2283 Beram Kayal CM 4 0 (0) 2009-2010
0%
1947 Bernd Hollerbach LB 5 0 (0) 2000-2001
0%
1849 Bernd Thijs DM 5 0 (0) 2002-2003
0%
2059 Bert Konterman CB 5 0 (0) 2000-2001
0%
998 Betão CB 11 0 (0) 2008-2010
0%
1473 Bino CM 6 0 (0) 2000-2001
0%
780 Birger Maertens CB 15 0 (0) 2002-2003, 2005-2006
0%
1435 Bittor Alkiza LM 7 0 (1) 2003-2004
0%
2831 Björn van der Doelen CM 2 0 (0) 2000-2001
0%
1629 Blazej Vascak AM 6 0 (0) 2005-2006
0%
2201 Boban Grncarov CB 4 0 (0) 2009-2010
0%
2493 Bobby Petta LM 3 0 (0) 2001-2002
0%
1029 Bobô ST 11 3 (0) 2007-2008, 2009-2010
0%
2688 Borja Oubiña DM 2 0 (0) 2003-2004
0%
2234 Bosko Balaban ST 4 2 (2) 2005-2006
0%
2828 Bozhidar Mitrev GK 2 0 (0) 2006-2007
0%
2936 Branimir Bajic CB 1 0 (0) 2003-2004
0%
1625 Branislav Fodrek ST 6 0 (0) 2005-2006
0%
1967 Branislav Obzera RW 5 0 (0) 2005-2006
0%
2366 Branko Boskovic CM 4 0 (0) 2004-2005
0%
3031 Bratislav Ristic RW 1 0 (0) 2002-2003
0%
1575 Brede Hangeland CB 6 0 (1) 2006-2007
0%
3075 Brian Kerr CM 1 0 (0) 2002-2003
0%
2997 Bruno Caires DM 1 0 (0) 2000-2001
0%
1722 Bruno Irles CB 6 0 (0) 2000-2001
0%
2382 Bryan Bergougnoux AM 3 1 (0) 2003-2005
0%
2544 Bryce Moon RB 3 0 (0) 2008-2009
0%
2813 Caner Erkin LB 2 0 (0) 2007-2008
0%
666 Capucho RW 17 1 (4) 2001-2002, 2003-2004
0%
1886 Carlitos LW 5 0 (1) 2008-2009
0%
2608 Carlitos ST 3 0 (0) 2001-2002
0%
3254 Carlos Aranda ST 1 0 (0) 2001-2002
0%
2771 Carlos Bueno ST 2 1 (0) 2006-2007
0%
1515 Carlos Cuéllar CB 6 0 (1) 2007-2008
0%
1308 Carlos Grossmüller CM 8 0 (3) 2007-2008
0%
2914 Carlos Roa GK 2 0 (0) 2001-2002
0%
2899 Catanha ST 2 0 (0) 2003-2004
0%
3107 Celsinho AM 1 0 (0) 2007-2008
0%
2165 César Arzo CB 4 0 (0) 2005-2006
0%
1450 César Peixoto LW 7 0 (2) 2003-2006
0%
1059 César Prates RB 11 0 (1) 2000-2001, 2003-2004
0%
1835 César Sampaio DM 5 0 (1) 2000-2001
0%
2593 Ceyhun Eriş AM 3 0 (0) 2001-2002
0%
2897 Changui ST 2 0 (0) 2004-2005
0%
2151 Charles Devineau DM 4 0 (0) 2001-2002
0%
1749 Charles Kaboré DM 6 0 (0) 2008-2010
0%
3080 Cheik Tioté DM 1 0 (0) 2005-2006
0%
1345 Chris Burke RM 8 0 (1) 2003-2004, 2005-2006
0%
1983 Chris Killen ST 5 0 (0) 2007-2008
0%
1535 Christian Gentner CM 6 1 (0) 2009-2010
0%
2386 Christian Nerlinger DM 3 1 (0) 2003-2004
0%
1706 Christian Noboa CM 6 0 (0) 2009-2010
0%
1326 Christian Tiffert CM 8 0 (0) 2003-2004
0%
1659 Christian Träsch DM 6 1 (0) 2009-2010
0%
879 Christophe Delmotte LB 13 2 (1) 2000-2003
0%
2308 Christophe Landrin CM 4 0 (0) 2001-2002
0%
2617 Christoph Preuß DM 3 0 (0) 2002-2003
0%
1080 Christos Kontis CB 10 0 (0) 2000-2001, 2009-2010
0%
1830 Christos Maladenis CM 6 1 (0) 2002-2004
0%
341 Christos Patsatzoglou DM 27 1 (1) 2000-2002, 2006-2008
0%
2011 Chris van der Weerden RB 5 0 (1) 2000-2001
0%
1968 Chrysis Michail CM 5 0 (0) 2009-2010
0%
2372 Chrysostomos Michailidis GK 4 0 (0) 2003-2004
0%
2409 Cillian Sheridan ST 3 0 (0) 2008-2009
0%
2822 Cláudio ST 2 0 (0) 2000-2001
0%
1375 Claudio Maldonado DM 7 0 (1) 2007-2009
0%
2967 Cláudio Pitbull ST 1 0 (0) 2004-2005
0%
1184 Clayton LW 9 3 (1) 2001-2002
0%
2206 Cleyton AM 4 0 (0) 2008-2009
0%
874 Colin Kazım-Richards ST 13 2 (0) 2007-2009
0%
1902 Cosmin Barcauan CB 5 0 (0) 2004-2005
0%
2623 Craig Beattie ST 3 0 (0) 2004-2005, 2006-2007
0%
2042 Cristian Ansaldi LB 5 0 (0) 2009-2010
0%
1549 Cristiano Lucarelli ST 6 3 (0) 2007-2008
0%
917 Cristian Săpunaru CB 12 0 (1) 2008-2010
0%
2962 Csaba Bernáth RB 1 0 (0) 2009-2010
0%
1693 Csaba Fehér DM 6 0 (0) 2004-2005, 2006-2007
0%
2907 Cyriac LW 2 0 (0) 2009-2010
0%
2038 Cyril Rool LB 5 0 (0) 2002-2003
0%
1599 Cyril Théréau ST 6 0 (0) 2006-2007
0%
1262 Dagfinn Enerly RM 8 1 (0) 2001-2003
0%
1220 Dagui Bakari ST 9 2 (0) 2001-2003
0%
1230 Daniel Bierofka LM 9 0 (1) 2002-2003, 2004-2005
0%
3193 Daniel Candeias RW 1 0 (0) 2008-2009
0%
2806 Daniel Carriço CB 2 0 (0) 2008-2009
0%
2061 Daniel Cousin ST 5 1 (0) 2007-2008
0%
2422 Daniël de Ridder LW 3 1 (0) 2004-2005
0%
2426 Daniele Corvia ST 3 0 (0) 2004-2005
0%
2680 Daniele Ruggiu FW 2 0 (0) 2000-2001
0%
2543 Daniel Gygax AM 3 1 (0) 2005-2007
0%
3105 Daniel Maa Boumsong DM 1 0 (0) 2005-2006
0%
3092 Daniel Nardiello ST 1 0 (0) 2002-2003
0%
2514 Daniel Osvaldo ST 3 0 (0) 2008-2009
0%
1784 Daniel Pancu ST 6 2 (0) 2003-2004
0%
1641 Daniel Pudil LB 6 1 (0) 2007-2008
0%
737 Daniel Saric RB 15 0 (1) 2000-2002
0%
2500 Daniel Tchur LB 3 0 (0) 2005-2006
0%
1511 Dániel Tőzsér CM 6 0 (0) 2006-2007
0%
3246 Dani Mallo GK 1 0 (0) 2002-2003
0%
3052 Dani Pacheco DM 1 0 (0) 2009-2010
0%
2900 Dani Tortolero CB 2 0 (0) 2002-2003
0%
1472 Danny AM 6 2 (0) 2008-2009
0%
2999 Danny Guthrie CM 1 0 (0) 2006-2007
0%
2964 Danny Hay CB 1 0 (0) 2000-2001
0%
2506 Danny Pugh LB 3 0 (0) 2002-2003
0%
3096 Danny Webber ST 1 0 (0) 2002-2003
0%
2711 Dan Thomassen CB 2 0 (0) 2006-2007
0%
1169 Dany Verlinden GK 10 0 (0) 2002-2004
0%
3048 Dario Knezevic CB 1 0 (0) 2008-2009
0%
2763 Darren Huckerby ST 2 1 (1) 2000-2001
0%
1656 Darren O'Dea CB 6 0 (0) 2006-2009
0%
2996 Darryl Duffy ST 1 0 (0) 2003-2004
0%
1291 David Batty DM 8 0 (1) 2000-2001
0%
3074 David Bentley RM 1 0 (0) 2003-2004
0%
3038 David Cerra RB 1 0 (0) 2006-2007
0%
3175 David Córcoles RB 1 0 (0) 2006-2007
0%
1764 David Di Michele ST 6 0 (1) 2005-2006
0%
2314 Davide Baiocco DM 4 0 (1) 2002-2003
0%
2576 Davide Bombardini LM 3 0 (0) 2002-2003
0%
3005 Davide Chiumiento AM 1 0 (0) 2003-2004
0%
1582 David Hubacek LB 6 0 (0) 2007-2008
0%
2462 David Kalivoda RW 3 1 (0) 2007-2008
0%
804 David Linarès DM 14 0 (0) 2000-2002
0%
2368 David Marshall GK 4 0 (0) 2004-2005
0%
3045 David Strihavka ST 1 0 (0) 2004-2005
0%
1018 David Weir CB 11 0 (0) 2007-2008, 2009-2010
0%
2637 Davy Oyen LB 3 0 (0) 2000-2002
0%
2490 Dawid Janczyk ST 3 0 (0) 2007-2008
0%
1056 Deivid ST 11 5 (0) 2007-2009
0%
2642 Dejan Ognjanovic RB 2 0 (0) 2003-2004
0%
1569 Dekel Keinan CB 6 0 (0) 2009-2010
0%
2848 Delfim DM 2 0 (0) 2000-2001
0%
1791 Demis Nikolaidis ST 6 1 (0) 2002-2003
0%
2167 Denis Boyarintsev RM 4 2 (1) 2006-2007
0%
1245 Deniz Barış CB 9 0 (0) 2004-2005, 2007-2008
0%
2928 Denys Onyshchenko CM 2 0 (0) 2003-2004
0%
1989 Didier Ya Konan ST 5 0 (0) 2007-2008
0%
3022 Diego De Ascentis DM 1 0 (0) 2000-2001
0%
2057 Diego Fuser RM 5 0 (0) 2001-2003
0%
2859 Diego Váleri AM 2 0 (0) 2009-2010
0%
1694 Dieumerci Mbokani ST 6 1 (0) 2009-2010
0%
1829 Dimitrios Nalitzis ST 6 0 (0) 2002-2004
0%
3159 Dinu Todoran AM 1 0 (0) 2009-2010
0%
1116 Dirk Marcellis CB 10 0 (1) 2006-2009
0%
586 Djalminha AM 18 5 (3) 2000-2001, 2003-2004
0%
2563 Djezon Boutoille ST 3 0 (0) 2001-2002
0%
885 Dmitriy Ananko CB 13 0 (1) 2000-2002
0%
1157 Dmitriy Khlestov RB 10 0 (0) 2000-2001, 2002-2003
0%
1447 Dmitriy Khokhlov CM 7 1 (1) 2003-2004
0%
2687 Dmitriy Kirichenko ST 2 0 (0) 2004-2005
0%
1573 Dmitriy Kudryashov CM 6 0 (0) 2002-2003
0%
1727 Dmitriy Likhtarovich DM 6 0 (1) 2008-2009
0%
2414 Dmitriy Torbinskiy CM 3 0 (0) 2002-2003, 2006-2007
0%
735 Dmytro Chygrynskyi CB 15 0 (0) 2004-2005, 2006-2009
0%
2978 Dmytro Shutkov GK 1 0 (0) 2006-2007
0%
1317 Domenico Morfeo AM 8 1 (0) 2002-2003
0%
361 Donato DM 26 0 (1) 2000-2003
0%
2540 Dorel Zaharia ST 3 1 (0) 2007-2008
0%
1503 Dovani Roso AM 6 0 (4) 2002-2003
0%
3215 Drazen Brncic CM 1 0 (0) 2000-2001
0%
1635 Dudu Aouate GK 6 0 (0) 2002-2003
0%
631 Dudu Cearense CM 17 1 (2) 2006-2007, 2009-2010
0%
1894 Dumitru Mitu RM 5 0 (0) 2004-2005
0%
1603 Dusan Predrag Djuric CM 6 0 (1) 2009-2010
0%
2937 Dzenan Radoncic ST 1 0 (0) 2003-2004
0%
2400 Edcarlos CB 3 0 (0) 2007-2008
0%
3059 Edgar Manucharyan ST 1 0 (0) 2005-2006
0%
2695 Edson Braafheid LB 2 0 (0) 2009-2010
0%
2085 Eduardo Berizzo CB 5 0 (1) 2003-2004
0%
2177 Eduardo Ratinho RB 4 0 (0) 2007-2008
0%
2716 Eduardo Rubio RW 2 0 (0) 2008-2009
0%
1752 Eduard Tsykhmeystruk LW 6 0 (0) 2001-2002
0%
2419 Edvin Murati LM 3 0 (0) 2001-2002
0%
944 Edwin Zoetebier GK 12 0 (0) 2001-2002, 2004-2005
0%
2802 Egil Østenstad ST 2 0 (0) 2003-2004
0%
1017 Eirik Bakke CM 11 1 (0) 2000-2001
0%
2646 Elad Bounfeld AM 2 0 (0) 2004-2005
0%
3224 Elamine Erbate CB 1 0 (0) 2008-2009
0%
1591 Eldin Jakupović GK 6 0 (0) 2005-2006
0%
2727 Eli Biton RW 2 0 (0) 2004-2005
0%
3195 Elliot Grandin AM 1 0 (0) 2008-2009
0%
2749 Élson AM 2 1 (0) 2009-2010
0%
1427 Elvir Baljic LW 7 0 (1) 2001-2004
0%
2878 Emanuel Centurión LM 2 0 (0) 2003-2004
0%
3213 Emanuele Berrettoni CF 1 0 (0) 2000-2001
0%
2571 Emanuele Pesaresi LB 3 0 (0) 2000-2001
0%
1970 Émile Mbamba ST 5 0 (0) 2004-2005
0%
2959 Emmanuel Pirard RB 1 0 (0) 2001-2002
0%
397 Emre Aşık CB 24 0 (0) 2000-2003, 2006-2007
0%
2837 Epaminonda Nicu CB 2 0 (0) 2009-2010
0%
1562 Erez Mesika LM 6 0 (0) 2004-2005
0%
3082 Erhan Güven RB 1 0 (0) 2009-2010
0%
2150 Eric Ejiofor DF 4 0 (0) 2002-2003
0%
2947 Eric Hassli ST 1 0 (0) 2009-2010
0%
2164 Erich Brabec CB 4 0 (0) 2007-2008
0%
1252 Éric Rabésandratana DM 9 0 (0) 2000-2001
0%
3158 Erik Bicfalvi ST 1 0 (0) 2007-2008
0%
2532 Erik Pieters LB 3 0 (0) 2008-2009
0%
2804 Erik Wahlstedt RB 2 0 (0) 2000-2001
0%
1105 Erivan LB 10 0 (0) 2001-2002
0%
2080 Erman Güraçar CB 5 0 (0) 2000-2001
0%
1222 Ernest Faber CB 9 1 (0) 2001-2004
0%
1191 Ernesto Farías ST 9 0 (1) 2007-2010
0%
2420 Ersin Mehmedovic CB 3 0 (0) 2009-2010
0%
1213 Evander Sno DM 9 0 (0) 2006-2008
0%
2605 Everton Giovanella CM 3 0 (0) 2003-2004
0%
3164 Evgeniy Balyajkin DM 1 0 (0) 2009-2010
0%
2923 Evgeniy Bushmanov CB 2 0 (0) 2000-2001
0%
2411 Eyal Almoshnino CB 3 0 (0) 2002-2003
0%
2126 Eyal Golasa CM 4 0 (0) 2009-2010
0%
1695 Eyal Meshumar RB 6 0 (0) 2009-2010
0%
1842 Fabián O'Neill AM 5 0 (0) 2000-2002
0%
1732 Fabien Cool GK 6 0 (0) 2002-2003
0%
2331 Fabio Celestini DM 4 0 (0) 2003-2004
0%
1991 Fabrice Abriel CM 5 1 (0) 2009-2010
0%
2561 Fabrice Ehret LB 3 0 (0) 2004-2006
0%
2992 Fangzhuo Dong ST 1 0 (0) 2007-2008
0%
1716 Faruk Atalay AM 6 0 (0) 2000-2001
0%
3157 Fatih Sonkaya RB 1 0 (0) 2005-2006
0%
2592 Fatih Tekke ST 3 1 (0) 2008-2009
0%
3000 Fausto Rossini ST 1 0 (0) 2005-2006
0%
2893 Fazlı Ulusal ST 2 0 (0) 2000-2001
0%
2196 Federico Balzaretti LB 4 0 (0) 2005-2006
0%
963 Federico Giunti DM 12 0 (2) 2000-2001, 2003-2004
0%
3197 Federico Masi CB 1 0 (0) 2008-2009
0%
2759 Federico Nieto ST 2 0 (0) 2005-2006
0%
1944 Felipe Loureiro LW 5 0 (1) 2002-2003
0%
2070 Felipe Trevizan CB 5 0 (0) 2009-2010
0%
2260 Ferdinand Coly RB 4 0 (0) 2002-2003
0%
2223 Ferdinand Feldhofer CB 4 0 (0) 2000-2001
0%
3118 Ferhat Öztorun LB 1 0 (0) 2006-2007
0%
2851 Fernandão ST 2 0 (0) 2003-2004
0%
2671 Fernando Ávalos CB 2 0 (0) 2001-2002
0%
1579 Fernando Belluschi AM 6 0 (0) 2007-2008, 2009-2010
0%
1747 Fernando D'Amico DM 6 0 (0) 2001-2002
0%
1087 Fernando Galetto DM 10 0 (1) 2000-2002
0%
2357 Fernando Niño CB 4 0 (0) 2001-2002
0%
1071 Fernando Ricksen RB 11 0 (1) 2000-2001, 2003-2004, 2005-2006
0%
3099 Fernando Tissone DM 1 0 (0) 2005-2006
0%
1681 Ferry de Haan CB 6 0 (0) 2001-2003
0%
3234 Fevzi Tuncay GK 1 0 (0) 2000-2001
0%
837 Filip De Wilde GK 14 0 (0) 2000-2002
0%
2968 Filipe Gouveia CM 1 0 (0) 2001-2002
0%
2714 Filip Holosko RW 2 0 (0) 2009-2010
0%
1922 Filippos Darlas LB 5 0 (0) 2005-2006
0%
1136 Florent Laville CB 10 0 (0) 2000-2003
0%
2495 Florian Marange LB 3 0 (0) 2006-2007
0%
1900 Florian Stahel CB 5 0 (0) 2009-2010
0%
2838 Francesco Bolzoni DM 2 0 (0) 2007-2008
0%
2050 Francesco Colonnese CB 5 0 (0) 2000-2002
0%
2991 Francis Banecki CB 1 0 (0) 2004-2005
0%
2940 Francis Bugri AM 1 0 (0) 2001-2002
0%
775 Francisco Rufete RW 15 1 (1) 2002-2003, 2004-2005
0%
1539 Franco Costanzo GK 6 0 (0) 2008-2009
0%
2815 Franco Foda DF 2 0 (0) 2000-2001
0%
2433 François Modesto CB 3 0 (0) 2004-2005
0%
3238 Frankie Hejduk RB 1 0 (0) 2000-2001
0%
2894 Frank Juric GK 2 0 (0) 2002-2003
0%
3137 Fran Mérida CM 1 0 (0) 2009-2010
0%
2559 Frantisek Drizdal RB 3 0 (1) 2007-2008
0%
2303 Frédéric Née ST 4 1 (2) 2001-2002
0%
2566 Frédéric Piquionne ST 3 1 (0) 2008-2009
0%
1709 Fredrik Berglund ST 6 0 (0) 2006-2007
0%
1185 Fredrik Söderström CM 9 0 (0) 2001-2002
0%
2203 Fredrik Stoor Siekkinen RB 4 0 (0) 2007-2008
0%
3259 Gabriele Puccio CM 1 0 (0) 2007-2008
0%
1037 Gabriel Obertan RW 11 0 (2) 2006-2007, 2008-2010
0%
2340 Gabriel Tamaș CB 4 0 (0) 2003-2004
0%
3244 Gaël Kakuta AM 1 0 (0) 2009-2010
0%
708 Gaëtan Englebert CM 16 1 (1) 2002-2003, 2005-2006
0%
3025 Gal Nir GK 1 0 (0) 2004-2005
0%
3123 Garry Bocaly RB 1 0 (0) 2009-2010
0%
2184 Gelson ST 4 0 (0) 2005-2006
0%
2294 Gennadiy Bliznyuk ST 4 0 (1) 2008-2009
0%
2951 Gennadiy Moroz AM 1 0 (0) 2000-2001
0%
1500 Geoffrey Dernis LW 6 0 (0) 2005-2006
0%
1917 George Galamaz CB 5 0 (0) 2009-2010
0%
2481 Georgios Galitsios RB 3 0 (0) 2009-2010
0%
1075 Georgios Georgiadis RW 11 0 (0) 2003-2005
0%
3015 Georgios Georgiou CB 1 0 (0) 2008-2009
0%
2745 Georgios Koumantarakis ST 2 0 (0) 2002-2003
0%
1160 Georgiy Shchennikov LB 10 0 (0) 2009-2010
0%
2765 Georg Niedermeier CB 2 0 (0) 2009-2010
0%
2703 Gérald Cid CB 2 0 (0) 2006-2007
0%
1703 Gerald Sibon ST 6 0 (0) 2004-2006
0%
1286 Gerald Strafner DM 8 0 (1) 2000-2001
0%
1684 Gérard de Nooijer CB 6 0 (0) 2000-2001
0%
2241 Gergely Rudolf ST 4 2 (0) 2009-2010
0%
2677 German Lovchev ST 2 0 (0) 2000-2002
0%
1583 Gerson Magrão LM 6 1 (2) 2009-2010
0%
712 Gert Verheyen RW 16 2 (0) 2002-2003, 2005-2006
0%
2574 Giampiero Pinzi CM 3 0 (0) 2005-2006
0%
2715 Gianni Comandini ST 2 0 (0) 2000-2001
0%
1052 Gianni Guigou DM 11 0 (2) 2001-2003
0%
2012 Giannis Anastasiou ST 5 3 (0) 2004-2006
0%
2956 Giannis Fetfatzidis RW 1 0 (0) 2009-2010
0%
2415 Giannis Skopelitis DM 3 0 (0) 2008-2009
0%
2072 Giedrius Arlauskis GK 5 0 (0) 2009-2010
0%
2310 Gilles Binya CB 4 0 (0) 2007-2008
0%
2130 Gilles De Bilde ST 4 0 (1) 2001-2002
0%
3185 Gilles Sunu RW 1 0 (0) 2009-2010
0%
2913 Gill Swerts RB 2 0 (0) 2009-2010
0%
2279 Giorgi Gakhokidze LW 4 0 (0) 2001-2002
0%
2301 Giorgos Panagi DM 4 1 (0) 2008-2009
0%
2497 Glauber DM 3 0 (0) 2001-2002
0%
496 Glen De Boeck CB 21 0 (0) 2000-2001, 2003-2005
0%
2531 Glenn Loovens CB 3 0 (0) 2002-2003, 2008-2009
0%
2974 Godfrey Nwankpa CB 1 0 (0) 2000-2001
0%
2961 Godwin Okpara CB 1 0 (0) 2000-2001
0%
1782 Gökdeniz Karadeniz LW 6 1 (0) 2009-2010
0%
814 Gökhan Gönül RB 14 0 (0) 2007-2009
0%
2842 Gonzalo Bergessio ST 2 0 (0) 2007-2008
0%
3247 Goran Djorovic CB 1 0 (0) 2002-2003
0%
1206 Grégory Duruz LB 9 0 (0) 2002-2003, 2005-2006
0%
3194 Grégory Malicki GK 1 0 (0) 2006-2007
0%
3221 Grégory Paisley LB 1 0 (0) 2000-2001
0%
2555 Grégory Pujol ST 3 0 (0) 2001-2002, 2005-2006
0%
2615 Grégory Sertic DM 3 0 (1) 2009-2010
0%
1744 Grégory Wimbée GK 6 0 (0) 2001-2002
0%
535 Grigoris Georgatos LB 20 0 (1) 2000-2001, 2002-2007
0%
2319 Guerino Gottardi RM 4 1 (0) 2000-2001, 2003-2004
0%
2853 Guilherme AM 2 0 (1) 2009-2010
0%
1640 Guillaume Warmuz GK 6 0 (0) 2002-2003
0%
2127 Guillermo Israilevich LW 4 0 (0) 2002-2003
0%
1208 Günther Neukirchner LB 9 0 (0) 2000-2001
0%
1940 Gunther Vanaudenaerde RB 5 0 (0) 2005-2006
0%
2208 Gustavo Boccoli CM 4 0 (0) 2009-2010
0%
1787 Gustavo Victoria LB 6 0 (1) 2001-2002
0%
2812 Habib Beye RB 2 0 (0) 2003-2004
0%
1936 Haim Revivo AM 5 1 (0) 2001-2002
0%
1520 Hakan Arıkan GK 6 0 (0) 2007-2008, 2009-2010
0%
2596 Hakan Bayraktar DM 3 0 (0) 2001-2002
0%
1356 Hamed Namouchi AM 7 0 (1) 2005-2006
0%
1341 Hannes Reinmayr AM 8 0 (1) 2000-2001
0%
848 Hanno Balitsch DM 14 0 (0) 2002-2003, 2004-2005
0%
2925 Hans Cornelis RB 2 0 (0) 2003-2004
0%
1501 Hans Eklund ST 6 0 (0) 2000-2001
0%
1142 Hans Vonk GK 10 0 (0) 2000-2001, 2004-2006
0%
1478 Harris Huizingh ST 6 0 (0) 2000-2001
0%
3147 Hárrison Otálvaro AM 1 0 (0) 2006-2007
0%
1342 Haruna Babangida RW 8 1 (0) 2005-2007
0%
2975 Harvey Wijngaarde DF 1 0 (0) 2000-2001
0%
1403 Hassan Ahamada RW 7 1 (0) 2001-2002
0%
2102 Hassan El Fakiri LB 5 0 (0) 2001-2002, 2003-2005
0%
1735 Hawar Mulla Mohammed LW 6 1 (0) 2008-2009
0%
449 Héctor Berenguel RB 22 1 (3) 2001-2005
0%
2868 Heiko Gerber LB 2 0 (0) 2003-2004
0%
2379 Heiko Herrlich ST 3 0 (0) 2001-2003
0%
1096 Heiko Westermann CB 10 0 (0) 2007-2008
0%
2519 Heinz Barmettler CB 3 0 (0) 2009-2010
0%
1360 Hélder Cristóvão CB 7 0 (0) 2000-2001, 2004-2005
0%
2536 Henk Timmer GK 3 0 (0) 2001-2003
0%
3171 Henri Saivet AM 1 0 (0) 2009-2010
0%
3081 Hicham Aboucherouane LW 1 0 (0) 2005-2006
0%
1483 Hjalte Bo Nørregaard CM 6 0 (0) 2006-2007
0%
1407 Horst Heldt AM 7 0 (2) 2003-2004
0%
2616 Horst Siegl ST 3 0 (0) 2000-2001
0%
560 Hugo Ibarra RB 19 1 (1) 2001-2002, 2003-2004
0%
3191 Hugo Leal CM 1 0 (0) 2004-2005
0%
1462 Ian Murray LB 6 0 (0) 2005-2006
0%
1398 İbrahim Kaş CB 7 0 (0) 2007-2008, 2009-2010
0%
1908 Ifeanyi Emeghara LB 5 0 (0) 2007-2008
0%
2800 Ifeanyi Udeze LB 2 0 (0) 2006-2007
0%
2833 Ignacio Tuhuteru LW 2 0 (0) 2000-2001
0%
2065 Igor Cherevchenko CB 5 1 (0) 2001-2002
0%
1778 Igor Chugaynov CB 6 0 (0) 2001-2002
0%
1466 Igor de Camargo ST 6 1 (0) 2002-2003, 2009-2010
0%
1509 Igor Denisov DM 6 0 (0) 2008-2009
0%
1794 Igor Gabilondo LM 6 1 (1) 2003-2004
0%
1409 Igor Gluscevic ST 7 0 (0) 2003-2004
0%
1430 Igor Jauregi CB 7 0 (0) 2003-2004
0%
1953 Igors Stepanovs CB 5 0 (0) 2001-2003
0%
1742 Igor Stasevich LW 6 1 (0) 2008-2009
0%
2161 Igor Yanovskiy CM 4 0 (0) 2000-2001
0%
1960 Ike Shorunmu GK 5 0 (0) 2000-2001
0%
3109 İlhan Parlak ST 1 0 (0) 2008-2009
0%
1368 Ilias Kotsios CB 7 0 (0) 2004-2006
0%
1883 Ilias Kyriakidis CM 5 0 (0) 2006-2007
0%
1526 Ilias Poursanidis DM 6 0 (0) 2000-2002
0%
1311 Ilsinho RM 8 1 (0) 2007-2009
0%
1946 Ingo Hertzsch CB 5 0 (0) 2000-2001
0%
2585 Isaac Okoronkwo CB 3 0 (0) 2000-2001
0%
1021 Ismaël Bangoura ST 11 3 (0) 2007-2009
0%
2603 İsmail Köybaşı LM 3 0 (2) 2009-2010
0%
2789 Israel Bascón RM 2 0 (0) 2005-2006
0%
2645 Israel Zaguri RW 2 0 (0) 2009-2010
0%
1710 Iulian Apostol CM 6 0 (1) 2009-2010
0%
1112 Ivan Ergic CM 10 2 (0) 2002-2003, 2008-2009
0%
1446 Ivan Gvozdenovic CB 7 0 (1) 2003-2004, 2005-2006
0%
3066 Ivanildo RW 1 0 (0) 2005-2006
0%
2095 Ivan Leko AM 5 0 (0) 2005-2006
0%
3169 Ivan Pecha CB 1 0 (0) 2008-2009
0%
2982 Ivan Rezic CM 1 0 (0) 2004-2005
0%
2929 Ivan Rusev AM 2 0 (0) 2003-2004
0%
1972 Ivan Taranov CB 5 0 (0) 2006-2008
0%
2867 Ivan Tomic DM 2 0 (0) 2001-2003
0%
1909 Ivica Krizanac CB 5 0 (0) 2008-2009
0%
1073 Ivica Mornar ST 11 2 (1) 2001-2002, 2003-2004
0%
1297 Ivica Vastic CF 8 0 (1) 2000-2001
0%
1023 Jackie McNamara RB 11 0 (0) 2001-2002, 2003-2005
0%
2271 Jacob Burns DM 4 0 (0) 2000-2001
0%
2935 Jacques Songo'o GK 1 0 (0) 2000-2001
0%
2364 Jafar Irismetov ST 4 0 (0) 2000-2001
0%
2944 Jan de Visser LM 1 0 (0) 2001-2002
0%
1624 Jan Durica CB 6 0 (0) 2005-2006
0%
1170 Jan Flachbart RB 10 0 (0) 2000-2001, 2003-2004
0%
864 Jan Heintze LB 13 0 (1) 2000-2003
0%
2266 Jan-Ingwer Callsen-Bracker CB 4 0 (0) 2002-2003, 2004-2005
0%
893 Jan Michaelsen CM 13 0 (3) 2001-2002, 2003-2004
0%
1847 Jan Moons GK 5 0 (0) 2002-2003
0%
1034 Janne Saarinen LM 11 0 (0) 2001-2003
0%
2295 János Székely AM 4 0 (0) 2008-2009
0%
2820 Jan van Halst DM 2 0 (0) 2002-2003
0%
3268 Jan Van Steenberghe GK 1 0 (0) 2004-2005
0%
1731 Jaouad Zairi RM 6 0 (1) 2009-2010
0%
2773 Jason Vandelannoite RB 2 0 (0) 2005-2006
0%
1959 Jason Wilcox LM 5 1 (0) 2000-2001
0%
2461 Javier Arizmendi ST 3 0 (0) 2007-2008
0%
2358 Javier Calleja LM 4 0 (0) 2005-2006
0%
1772 Javier Chevantón ST 6 2 (0) 2004-2005
0%
3248 Javier Garrido RB 1 0 (0) 2002-2003
0%
2092 Javier Olaizola RB 5 0 (0) 2001-2002
0%
3049 Javito RW 1 0 (0) 2004-2005
0%
2570 Javi Varas GK 3 0 (0) 2009-2010
0%
1066 Javi Venta RB 11 0 (0) 2005-2006, 2008-2009
0%
2841 Jay Spearing DM 2 0 (0) 2008-2009
0%
483 Jean-Alain Boumsong CB 21 0 (0) 2002-2003, 2007-2010
0%
1145 Jean-Claude Darcheville ST 10 2 (1) 2006-2008
0%
2039 Jean-Hugues Ateba LB 5 0 (0) 2001-2002, 2004-2005
0%
3181 Jean-Joël Perrier-Doumbé RB 1 0 (0) 2007-2008
0%
1413 Jean-Marc Chanelet RB 7 0 (0) 2000-2003
0%
2949 Jean-Michel Badiane CB 1 0 (0) 2004-2005
0%
2157 Jean-Paul van Gastel DM 4 0 (0) 2001-2002
0%
1662 Jean-Sébastien Jaurès LB 6 0 (1) 2002-2003
0%
2478 Jeanvion Yulu-Matondo ST 3 1 (0) 2005-2006
0%
1699 Jeffrey Leiwakabessy LB 6 0 (0) 2008-2009
0%
3139 Jelle ten Rouwelaar GK 1 0 (0) 2002-2003
0%
1585 Jeppe Curth ST 6 2 (0) 2008-2009
0%
2769 Jérémie Aliadière ST 2 0 (0) 2003-2004, 2006-2007
0%
856 Jérémy Berthod LB 13 1 (0) 2003-2007
0%
3242 Jérémy Gavanon GK 1 0 (0) 2003-2004
0%
852 Jerko Leko DM 14 0 (2) 2002-2005
0%
681 Jerry-Christian Tchuisse RB 16 0 (0) 2000-2003
0%
1272 Jesper Christiansen GK 8 0 (0) 2000-2001, 2006-2007
0%
1650 Jesper Jansson DM 6 1 (0) 2000-2001
0%
1434 Jesuli AM 7 1 (1) 2003-2004
0%
2756 Jesús Dátolo LM 2 0 (0) 2009-2010
0%
2111 Jhon Culma DM 5 0 (0) 2009-2010
0%
1188 Jimmy Algérino RB 9 1 (1) 2000-2001
0%
2791 Jiri Jeslinek RW 2 0 (0) 2005-2006
0%
1584 Jiri Nemec DM 6 0 (0) 2001-2002, 2003-2004
0%
626 Jiri Novotny CB 17 1 (0) 2000-2002
0%
2686 Jiri Stajner CF 2 0 (0) 2003-2004
0%
2510 Joachim Björklund CB 3 0 (0) 2000-2001
0%
3050 Joan Verdú AM 1 0 (0) 2004-2005
0%
2304 Jocelyn Blanchard DM 4 1 (0) 2002-2003
0%
2595 Jochen Kientz CB 3 0 (0) 2000-2001
0%
1825 Joël Epalle RW 6 0 (1) 2003-2005
0%
2276 Joey Didulica GK 4 0 (0) 2002-2003
0%
3190 Johan Audel LW 1 0 (0) 2006-2007
0%
1389 Johan Mjällby CB 7 0 (0) 2001-2002, 2003-2004
0%
3012 Johann Truchet RB 1 0 (0) 2004-2005
0%
1733 Johan Radet RB 6 0 (0) 2002-2003
0%
2552 John Fleck CM 3 0 (0) 2009-2010
0%
2324 John Mensah CB 4 0 (0) 2008-2009
0%
1469 Johnny Leoni GK 6 0 (0) 2009-2010
0%
1975 John Paintsil RB 5 0 (0) 2004-2005
0%
1739 John Utaka LW 6 2 (4) 2002-2003
0%
3077 John Welsh CM 1 0 (0) 2004-2005
0%
2577 Jonathan Bachini LM 3 0 (1) 2000-2001
0%
2808 Jonathan Greening CM 2 0 (0) 2000-2001
0%
1879 Jonathan Legear RW 5 0 (0) 2004-2005, 2006-2007
0%
3036 Jonathan Spector CB 1 0 (0) 2004-2005
0%
2288 Joost Broerse CB 4 0 (0) 2009-2010
0%
889 Joos Valgaeren CB 13 1 (0) 2001-2002, 2003-2006
0%
1916 Jörg Böhme LM 5 0 (0) 2001-2002
0%
2058 Jorge Teixeira CB 5 0 (0) 2009-2010
0%
1190 Jorginho AM 9 0 (1) 2005-2007
0%
2620 Jörg Reeb DM 3 0 (0) 2000-2001
0%
842 José Amavisca LM 14 0 (1) 2001-2004
0%
2262 Josef Obajdin ST 4 0 (0) 2000-2001
0%
1945 Josef Schicklgruber GK 5 0 (0) 2000-2001
0%
1541 José Gonçalves CB 6 0 (1) 2005-2006
0%
2088 José Ignacio DM 5 2 (0) 2003-2004
0%
3245 José Javier Barkero AM 1 0 (0) 2003-2004
0%
1622 José-Karl Pierre-Fanfan CB 6 0 (0) 2004-2005
0%
2397 Joseph Enakarhire CB 3 0 (0) 2006-2007
0%
2186 José Sosa AM 4 0 (0) 2008-2010
0%
1789 Josip Skoko CM 6 0 (0) 2002-2003
0%
1386 Josu Sarriegi CB 7 1 (0) 2008-2009
0%
1494 Jozo Matovac CB 6 0 (0) 2000-2001
0%
3226 Juan Cala CB 1 0 (0) 2009-2010
0%
2523 Juan Carlos Toja CM 3 0 (0) 2008-2009
0%
3104 Juande Prados DM 1 0 (0) 2005-2006
0%
3125 Juan Esnáider ST 1 0 (0) 2001-2002
0%
2087 Juan Velasco CB 5 0 (0) 2003-2004
0%
2048 Julian Schieber ST 5 0 (0) 2009-2010
0%
1399 Junichi Inamoto DM 7 1 (0) 2001-2002, 2006-2007
0%
3274 Juraj Bucek GK 1 0 (0) 2003-2004
0%
1623 Juraj Cobej GK 6 0 (0) 2005-2006
0%
1548 Juraj Halenar ST 6 0 (0) 2005-2006
0%
1692 Jürgen Colin CB 6 0 (0) 2001-2002, 2003-2004
0%
2840 Jürgen Gjasula DM 2 0 (0) 2008-2009
0%
2129 Jürgen Kohler CB 4 0 (0) 2001-2002
0%
2685 Juris Laizans DM 2 0 (0) 2004-2005
0%
2144 Justice Wamfor DM 4 0 (0) 2002-2003
0%
1428 Justin Hoyte RB 7 0 (0) 2004-2005, 2006-2008
0%
3167 Kakhaber Mzhavanadze RB 1 0 (0) 2001-2002
0%
2149 Karlheinz Pflipsen AM 4 0 (0) 2000-2001
0%
2445 Karol Kisel CM 3 0 (0) 2005-2006
0%
1868 Kasper Risgård CM 5 0 (0) 2008-2009
0%
1271 Kazimierz Sidorczuk GK 8 0 (0) 2000-2001
0%
3128 Kees Luijckx CB 1 0 (0) 2009-2010
0%
1301 Kees van Wonderen CB 8 0 (0) 2001-2003
0%
3232 Keirrison ST 1 0 (0) 2009-2010
0%
2345 Kemal Aslan CM 4 0 (0) 2004-2006
0%
2682 Kenneth Storvik LM 2 0 (0) 2000-2001
0%
2598 Kerem İnan GK 3 0 (0) 2000-2001
0%
984 Kevin Thomson CM 11 0 (1) 2007-2008, 2009-2010
0%
2652 Kevin Vanbeuren RB 2 0 (0) 2002-2003
0%
2958 Kevin Vandenbergh ST 1 0 (0) 2002-2003
0%
2009 Kew Jaliens CB 5 0 (0) 2009-2010
0%
1660 Khalilou Fadiga LW 6 1 (0) 2002-2003
0%
2625 Ki-hyeon Seol RW 3 0 (0) 2001-2002, 2003-2004
0%
2795 Kirill Kochubey RW 2 0 (0) 2006-2007
0%
3275 Kleopas Giannou GK 1 0 (0) 2005-2006
0%
2746 Klimenti Tsitaishvili ST 2 0 (0) 2008-2009
0%
2651 Kobi Musa RB 2 0 (0) 2004-2005
0%
1846 Koen Daerden CM 5 0 (0) 2002-2003
0%
2636 Kofi Amponsah CB 3 0 (0) 2003-2004
0%
1089 Konstantinos Chalkias GK 10 0 (0) 2000-2001, 2003-2005
0%
1377 Konstantinos Charalampidis RW 7 1 (1) 2005-2006, 2009-2010
0%
3115 Konstantinos Kiassos CM 1 0 (0) 2000-2001
0%
2629 Konstantinos Mendrinos CM 3 0 (0) 2007-2008
0%
1128 Konstantinos Mitroglou ST 10 2 (0) 2007-2008, 2009-2010
0%
1487 Konstantin Zyryanov CM 6 0 (1) 2008-2009
0%
3228 Kyle Bartley CB 1 0 (0) 2009-2010
0%
2255 Kyle Lafferty ST 4 0 (0) 2009-2010
0%
3034 Lachezar Baltanov CM 1 0 (0) 2006-2007
0%
1031 Lamine Diatta CB 11 0 (0) 2004-2005, 2007-2008
0%
2581 Lamine Gassama RB 3 0 (0) 2008-2010
0%
1827 Lampros Choutos ST 6 1 (1) 2000-2001, 2002-2004
0%
2432 Landry Mulemo LB 3 0 (0) 2009-2010
0%
2952 Lars Blixt RB 1 0 (0) 2002-2003
0%
1475 Lars Jacobsen RB 6 0 (0) 2006-2007
0%
1912 Lasha Salukvadze CB 5 0 (0) 2009-2010
0%
2819 Lasse Nielsen CB 2 0 (0) 2008-2009
0%
2654 Laurent Delorge RW 2 0 (0) 2005-2006
0%
3152 Lautaro Acosta LW 1 0 (0) 2009-2010
0%
2498 Lazaros Christodoulopoulos RW 3 0 (0) 2008-2009
0%
2529 Leandro Bonfim AM 3 0 (0) 2002-2003
0%
3230 Leandro Machado ST 1 0 (0) 2002-2003
0%
977 Lee McCulloch CB 11 2 (1) 2007-2008, 2009-2010
0%
3121 Lee Peltier RB 1 0 (0) 2006-2007
0%
2906 Leo Biagini ST 2 1 (0) 2001-2002
0%
1277 Leon Andreasen CM 8 0 (0) 2005-2008
0%
460 Leonidas Vokolos CB 21 0 (0) 2000-2002
0%
499 Libor Sionko RW 21 5 (2) 2000-2001, 2003-2004
0%
1858 Lilian Laslandes ST 5 1 (1) 2006-2007
0%
2464 Lino LB 3 1 (0) 2008-2009
0%
2856 Lionel Mathis DM 2 0 (0) 2002-2003
0%
1570 Lior Refaelov AM 6 0 (0) 2009-2010
0%
1907 Liran Cohen RM 5 0 (0) 2004-2005
0%
1905 Liran Strauber GK 5 0 (0) 2004-2005
0%
1647 Ljubinko Drulovic LW 6 0 (1) 2003-2004
0%
1934 Ljubo Milicevic CB 5 0 (0) 2005-2006
0%
3187 Loïc Pailleres DM 1 0 (0) 2001-2002
0%
2054 Lolo DM 5 0 (0) 2007-2008, 2009-2010
0%
1212 Lorenzo De Silvestri RB 9 0 (0) 2007-2008, 2009-2010
0%
1507 Lorenzo Staelens DM 6 0 (0) 2000-2001
0%
627 Loukas Vyntra CB 17 0 (0) 2004-2005, 2008-2009
0%
2591 Lubomir Moravcik AM 3 0 (2) 2001-2002
0%
3219 Luca Castiglia CM 1 0 (0) 2008-2009
0%
2872 Luca Saudati ST 2 0 (0) 2000-2001
0%
1581 Lucas Biglia DM 6 0 (1) 2006-2007
0%
2572 Lucas Castromán RM 3 0 (3) 2000-2001
0%
1165 Luciano Galletti RW 10 3 (1) 2007-2008, 2009-2010
0%
2056 Lucky Idahor ST 5 1 (0) 2001-2002
0%
2946 Ludovic Butelle GK 1 0 (0) 2006-2007
0%
2648 Ludovic Obraniak AM 2 0 (0) 2006-2007
0%
2152 Luis Milla CM 4 0 (0) 2000-2001
0%
3222 Luis Páez ST 1 0 (0) 2007-2008
0%
865 Lukas Hartig ST 13 1 (0) 2001-2002, 2005-2006
0%
2492 Lukasz Sosin ST 3 0 (0) 2008-2009
0%
1651 Luke Chadwick AM 6 0 (1) 2000-2001, 2002-2003
0%
2994 MacBeth Sibaya DM 1 0 (0) 2002-2003
0%
2518 Madjid Bougherra CB 3 1 (0) 2009-2010
0%
3094 Mads Timm CF 1 0 (0) 2002-2003
0%
1294 Magnus Hedman GK 8 0 (0) 2003-2005
0%
711 Maksim Buznikin ST 16 4 (2) 2001-2004
0%
2810 Maksim Kabanov GK 2 0 (0) 2001-2002
0%
3256 Maksim Skavysh ST 1 0 (0) 2008-2009
0%
3176 Maksim Zhavnerchik RB 1 0 (0) 2008-2009
0%
1404 Maksym Levitsky GK 7 0 (0) 2001-2003
0%
1444 Malkhaz Asatiani CB 7 0 (0) 2003-2004, 2008-2009
0%
2525 Mamadou Samassa ST 3 0 (0) 2008-2009
0%
1664 Marama Vahirua CF 6 1 (1) 2001-2002
0%
3180 Marc Crosas DM 1 0 (0) 2007-2008
0%
1609 Marcel Ketelaer LM 6 0 (2) 2000-2001
0%
2313 Marcell Fodor LB 4 0 (0) 2009-2010
0%
2740 Marcelo Carrusca AM 2 0 (0) 2006-2007
0%
2547 Marcelo Gallardo AM 3 0 (1) 2000-2001
0%
2843 Marcelo Mattos DM 2 0 (0) 2008-2009
0%
1072 Marc Hendrikx LM 11 1 (0) 2001-2002, 2003-2004
0%
2222 Marcin Adamski CB 4 0 (0) 2005-2006
0%
1471 Márcio Giovanini CB 6 0 (0) 2004-2005
0%
861 Márcio Mixirica ST 13 0 (0) 2000-2002
0%
2528 Marco Ambrosio GK 3 0 (0) 2003-2004
0%
2798 Marco Andreolli CB 2 0 (0) 2005-2007
0%
1235 Marco Borriello ST 9 1 (1) 2002-2003, 2006-2007, 2009-2010
0%
2393 Marco Ingrao LB 3 0 (0) 2002-2003
0%
2963 Marco Negri ST 1 0 (0) 2000-2001
0%
1701 Marcos Camozzato RB 6 0 (0) 2009-2010
0%
3161 Marco Schönbächler LM 1 0 (0) 2009-2010
0%
2870 Marco Zanchi CB 2 0 (0) 2000-2001
0%
1187 Marco Zwyssig CB 9 0 (0) 2002-2003
0%
3101 Marcus Lindberg CB 1 0 (0) 2000-2001
0%
2476 Marc Wilmots AM 3 0 (0) 2001-2002
0%
1604 Marek Saganowski ST 6 1 (1) 2008-2009
0%
1666 Marek Sapara AM 6 0 (3) 2007-2008
0%
1256 Marek Spilar CB 9 0 (0) 2002-2003, 2005-2006
0%
2475 Marian Aliuta AM 3 0 (0) 2000-2001
0%
2230 Mariano Barbosa GK 4 0 (0) 2005-2006
0%
2362 Mariano Bombarda ST 4 1 (0) 2002-2003
0%
3136 Marian Savu ST 1 0 (0) 2000-2001
0%
2443 Marinos Satsias DM 3 0 (0) 2009-2010
0%
2751 Marinus Bester ST 2 0 (0) 2000-2001
0%
2545 Mario Bolatti DM 3 0 (0) 2007-2008, 2009-2010
0%
2187 Mario Breska RW 4 0 (0) 2009-2010
0%
1010 Mario Cantaluppi DM 11 1 (1) 2002-2003
0%
2879 Mario Fillinger LM 2 0 (0) 2006-2007
0%
1843 Mário Loja LB 5 0 (0) 2001-2002
0%
2360 Mario Regueiro LW 4 0 (0) 2006-2007
0%
2188 Marios Ilia RB 4 0 (0) 2009-2010
0%
1874 Maris Verpakovskis ST 5 1 (0) 2004-2005
0%
1711 Marius Bilașco ST 6 1 (2) 2009-2010
0%
2290 Marius Croitoru RW 4 0 (0) 2007-2008
0%
2292 Marius Onofraș RW 4 1 (0) 2009-2010
0%
2869 Marius Stankevicius CB 2 0 (0) 2009-2010
0%
2811 Mariyan Ognyanov AM 2 1 (0) 2006-2007
0%
3093 Mark Lynch RB 1 0 (0) 2002-2003
0%
3150 Mark Randall CM 1 0 (0) 2008-2009
0%
3225 Markus Daun ST 1 0 (0) 2001-2002
0%
1097 Markus Schupp AM 10 1 (1) 2000-2001
0%
1182 Martelinho RW 9 1 (0) 2001-2002
0%
2154 Martin Bergvold DM 4 0 (0) 2006-2007
0%
1980 Martin Djetou CB 5 0 (1) 2000-2001
0%
2754 Martin Groth RM 2 0 (0) 2000-2001
0%
2760 Martin Harnik RW 2 0 (0) 2007-2008
0%
740 Martin Hasek DM 15 0 (2) 2000-2001, 2005-2006
0%
1762 Martin Jiránek CB 6 0 (0) 2006-2007
0%
2778 Martin Mikulic AM 2 0 (0) 2005-2006
0%
2587 Martin Prohaszka ST 3 0 (0) 2000-2001
0%
2046 Martin Stranzl CB 5 0 (0) 2006-2007
0%
3278 Martin Zboncak LB 1 0 (0) 2003-2004
0%
1237 Massimo Donati DM 9 1 (0) 2007-2009
0%
1587 Massimo Gobbi LB 6 0 (0) 2008-2010
0%
1544 Massimo Mutarelli CM 6 0 (0) 2007-2008
0%
1148 Mathieu Berson DM 10 0 (0) 2001-2002
0%
1203 Mathieu Debuchy RB 9 0 (0) 2005-2007
0%
2619 Mathieu Valverde GK 3 0 (0) 2008-2009
0%
2681 Matt Derbyshire ST 2 0 (0) 2009-2010
0%
3106 Matteo Momentè ST 1 0 (0) 2005-2006
0%
1394 Matthew Upson CB 7 0 (0) 2000-2002
0%
2588 Matthias Dollinger LM 3 0 (1) 2005-2006
0%
3110 Mattias Lindström RM 1 0 (0) 2000-2001
0%
2874 Mauricio Pinilla ST 2 0 (0) 2003-2004
0%
2307 Mauro Cetto CB 4 0 (0) 2001-2002
0%
1543 Mauro Esposito RW 6 0 (0) 2007-2008
0%
1323 Maxime Gonalons DM 8 1 (0) 2009-2010
0%
1992 Mehdi Carcela-González RW 5 0 (0) 2009-2010
0%
3117 Mehmet Güven CM 1 0 (1) 2006-2007
0%
1885 Mehmet Özdilek AM 5 0 (0) 2000-2001
0%
3214 Mehmet Polat CB 1 0 (0) 2002-2003
0%
3119 Mehmet Sedef CB 1 0 (0) 2007-2008
0%
1078 Mehrdad Minavand LB 10 0 (1) 2000-2001
0%
1877 Melli CB 5 0 (0) 2005-2006
0%
1534 Mémé Tchité ST 6 0 (1) 2006-2007
0%
2809 Michael Beauchamp CB 2 0 (0) 2008-2009
0%
2796 Michael Büskens LM 2 0 (1) 2001-2002
0%
2783 Michael Chopra ST 2 0 (0) 2002-2003
0%
1180 Michaël Ciani CB 9 3 (0) 2009-2010
0%
1552 Michael Gravgaard CB 6 0 (1) 2006-2007
0%
1881 Michael Hansson LM 5 0 (0) 2000-2001
0%
1303 Michael Lamey RB 8 0 (0) 2004-2007
0%
1490 Michael Silberbauer CM 6 0 (0) 2006-2007
0%
2768 Michael Stewart CM 2 0 (0) 2001-2003
0%
544 Michael Tarnat LB 19 2 (1) 2000-2003
0%
1904 Michael Wiesinger RM 5 0 (1) 2000-2001
0%
1571 Michael Zandberg LM 6 0 (0) 2002-2003
0%
855 Michalis Kapsis CB 14 0 (0) 2002-2003, 2005-2006
0%
1352 Michalis Kasapis LB 8 0 (0) 2002-2004
0%
2193 Michal Svec CB 4 0 (0) 2007-2008
0%
2945 Michelangelo Rampulla GK 1 0 (0) 2000-2001
0%
1239 Michele Paramatti LB 9 0 (0) 2000-2002
0%
2635 Michel Kreek LB 3 0 (0) 2003-2004
0%
3162 Michel Morganella RB 1 0 (0) 2008-2009
0%
2938 Mickaël Madar ST 1 0 (0) 2000-2001
0%
2005 Mickaël Tavares DM 5 0 (1) 2007-2008
0%
3154 Miguel Ángel Nieto LW 1 0 (0) 2006-2007
0%
2801 Miguel Pallardó CM 2 0 (0) 2006-2007
0%
3199 Miguel Vítor CB 1 0 (0) 2007-2008
0%
3041 Mihăiță Pleșan CM 1 0 (0) 2008-2009
0%
2734 Miika Koppinen CB 2 1 (0) 2007-2008
0%
1687 Mika Nurmela RM 6 0 (0) 2000-2001
0%
1224 Mika Väyrynen CM 9 1 (1) 2005-2007
0%
1431 Mikel Aranburu CM 7 0 (0) 2003-2004
0%
1346 Mikhail Ashvetia ST 8 1 (0) 2003-2004
0%
1649 Mikhail Sivakov CB 6 0 (0) 2008-2009
0%
3250 Miki GK 1 0 (0) 2001-2002
0%
1713 Milan Gajic CM 6 1 (1) 2009-2010
0%
2502 Milan Koprivarov AM 3 0 (0) 2006-2007
0%
2457 Milan Lesnjak DF 3 0 (0) 2002-2003
0%
1070 Milan Obradovic RB 11 1 (0) 2001-2003
0%
1896 Milan Pacanda FW 5 0 (0) 2004-2005
0%
2242 Milan Purovic ST 4 0 (0) 2007-2008
0%
1460 Milan Rapaic LM 6 0 (0) 2001-2002
0%
2044 Mile Sterjovski LM 5 0 (0) 2001-2002
0%
2438 Milivoje Vitakic CB 3 0 (0) 2005-2007
0%
1042 Milos Ninkovic AM 11 0 (0) 2007-2010
0%
2115 Miltiadis Sapanis CM 5 0 (0) 2003-2005
0%
3007 Mimoun Azaouagh AM 1 0 (0) 2007-2008
0%
2693 Minas Pitsos LB 2 0 (0) 2001-2002
0%
2683 Miran Pavlin AM 2 0 (0) 2001-2002
0%
3276 Mirko Poledica LB 1 0 (0) 2003-2004
0%
3043 Mirnes Sisic RW 1 0 (0) 2007-2008
0%
2232 Miroslav Baranek AM 4 0 (0) 2003-2005
0%
887 Miroslav Djukic CB 13 0 (0) 2000-2001, 2002-2003
0%
1840 Miroslav Karhan CM 5 0 (0) 2000-2001
0%
3046 Miroslav Radovic RW 1 0 (0) 2003-2004
0%
2146 Miroslav Stevic DM 4 0 (0) 2001-2002
0%
1468 Mirsad Beslija RM 6 0 (0) 2002-2003
0%
2707 Mirsad Mijadinoski CB 2 0 (0) 2009-2010
0%
1156 Modeste M'Bami DM 10 0 (0) 2004-2005, 2007-2009
0%
1455 Mohammad Ghadir ST 6 0 (0) 2009-2010
0%
1818 Momo Sylla RW 6 0 (1) 2001-2002, 2003-2005
0%
2132 Morten Knutsen FW 4 0 (0) 2000-2001
0%
1563 Moshe Mishaelof CB 6 0 (0) 2004-2005
0%
1557 Moubarak Boussoufa AM 6 0 (2) 2006-2007
0%
2339 Moumouni Dagano ST 4 0 (0) 2002-2003
0%
2195 Mounir El Hamdaoui ST 4 1 (0) 2009-2010
0%
1769 Muhammet Akagündüz ST 6 0 (1) 2005-2006
0%
3063 Murat Alaçayır RM 1 0 (0) 2000-2001
0%
3240 Murat Sözkesen ST 1 0 (0) 2001-2002
0%
2862 Mykola Ishchenko CB 2 0 (0) 2008-2009
0%
2724 Nadir Belhadj LB 2 0 (0) 2007-2008
0%
2626 Narvik Sirkhaev AM 3 0 (0) 2002-2003
0%
1168 Nastja Ceh AM 10 0 (0) 2002-2004
0%
2081 Neil McCann LW 5 0 (0) 2000-2001
0%
2189 Nektarios Alexandrou LW 4 0 (1) 2009-2010
0%
866 Nélson RB 13 1 (2) 2005-2008
0%
2665 Nélson GK 2 0 (0) 2000-2001
0%
2926 Nemanja Vucicevic LW 2 0 (0) 2001-2002
0%
1442 Nenad Jestrovic ST 7 0 (0) 2001-2002, 2004-2006
0%
2971 Nenad Lalatovic RB 1 0 (0) 2004-2005
0%
1918 Nenad Mirosavljevic ST 5 2 (0) 2009-2010
0%
1577 Nenad Pralija DM 6 1 (1) 2002-2003
0%
1146 Néstor Fabbri CB 10 1 (0) 2001-2002
0%
1496 Nicklas Persson DF 6 1 (0) 2000-2001
0%
1606 Nico-Jan Hoogma CB 6 0 (0) 2000-2001
0%
3200 Nicola Beati DM 1 0 (1) 2002-2003
0%
1204 Nicolas Fauvergue ST 9 2 (1) 2005-2007
0%
2505 Nicolás Frutos ST 3 2 (0) 2006-2007
0%
1314 Nicolas Gillet CB 8 0 (0) 2001-2002
0%
1418 Nicolas Laspalles RB 7 0 (1) 2001-2002
0%
2710 Nicolas Lombaerts CB 2 0 (0) 2008-2009
0%
2272 Nicolás Pareja CB 4 1 (0) 2006-2007
0%
2302 Nicolas Puydebois GK 4 0 (0) 2003-2005
0%
2041 Nicolas Savinaud RB 5 0 (0) 2001-2002
0%
2470 Niels Oude Kamphuis DM 3 0 (0) 2001-2002
0%
2633 Nika Piliev LM 3 0 (0) 2009-2010
0%
3026 Nikita Bazhenov ST 1 0 (0) 2006-2007
0%
1755 Nikola Lazetic RM 6 0 (1) 2001-2002
0%
1642 Nikolaos Dabizas CB 6 0 (0) 2002-2003
0%
2170 Nikolaos Frousos ST 4 1 (1) 2008-2009
0%
1595 Nikolaos Katsavakis CB 6 0 (0) 2008-2009
0%
1176 Nikolaos Kostenoglou CB 10 0 (0) 2002-2004
0%
1536 Nikolaos Spyropoulos LB 6 0 (1) 2008-2009
0%
2534 Nikolay Dimitrov RW 3 0 (0) 2006-2007
0%
3035 Nikolay Mihaylov GK 1 0 (0) 2006-2007
0%
2884 Nikolay Pisarev ST 2 0 (0) 2000-2001
0%
2221 Nikos Nikolaou CM 4 1 (0) 2008-2009
0%
1567 Nir Davidovitch GK 6 0 (0) 2009-2010
0%
3002 Nir Sivilia ST 1 0 (0) 2002-2003
0%
2178 Norbert Mészáros CB 4 0 (0) 2009-2010
0%
2131 Nordin Wooter RW 4 0 (0) 2005-2006
0%
3132 Nuno André Coelho CB 1 0 (0) 2009-2010
0%
985 Nuno Assis AM 11 0 (0) 2005-2008
0%
1370 Nuno Morais DM 7 0 (0) 2004-2005, 2009-2010
0%
894 Nuno Valente LB 13 0 (1) 2003-2005
0%
2073 Ogün Temizkanoğlu CB 5 0 (0) 2001-2002
0%
2541 Oktay Derelioğlu ST 3 2 (0) 2001-2002
0%
2007 Olaf Lindenbergh DM 5 0 (0) 2005-2006
0%
2474 Olaf Thon CM 3 0 (0) 2001-2002
0%
2863 Oleg Dopilka CB 2 0 (0) 2007-2008
0%
669 Oleg Pashinin CB 17 0 (0) 2002-2004
0%
1412 Oleksandr Gladkyi ST 7 2 (0) 2007-2009
0%
1172 Oleksandr Golovko CB 10 0 (0) 2000-2002
0%
1173 Oleksandr Melashchenko ST 10 2 (1) 2001-2004
0%
2706 Oleksandr Rybka GK 2 0 (0) 2006-2008
0%
849 Olivier De Cock RB 14 0 (2) 2002-2003, 2005-2006
0%
2306 Olivier Thomert LM 4 1 (0) 2002-2003
0%
1813 Ondrej Debnár CB 6 0 (0) 2005-2006
0%
2702 Ondrej Herzan CM 2 0 (0) 2005-2006
0%
2792 Ondrej Sourek CB 2 0 (0) 2007-2008
0%
2024 Onyekachi Okonkwo CM 5 0 (0) 2009-2010
0%
2205 Oren Zeitouni DM 4 0 (0) 2004-2005
0%
2182 Oscar Wendt LB 4 0 (0) 2006-2007
0%
2694 Osmar Ferreyra AM 2 0 (0) 2004-2006
0%
1720 Pablo Brandán CM 6 1 (1) 2009-2010
0%
2353 Pablo Cavallero GK 4 0 (0) 2003-2004
0%
2699 Panagiotis Lagos LM 2 0 (0) 2006-2007
0%
1505 Pantelis Kapetanos ST 6 0 (0) 2006-2007, 2008-2009
0%
1348 Pantelis Konstantinidis LM 8 1 (0) 2003-2005
0%
2857 Pantxi Sirieix CM 2 0 (0) 2002-2003
0%
2697 Paolo Castellini LB 2 0 (0) 2005-2006
0%
3056 Paolo Dellafiore CB 1 0 (0) 2004-2005
0%
1048 Paolo Negro RB 11 0 (0) 2000-2001, 2003-2004
0%
1675 Paolo Vanoli LB 6 0 (0) 2003-2004
0%
2965 Paolo Vernazza CM 1 0 (0) 2000-2001
0%
1282 Pape Diakhaté CB 8 0 (0) 2007-2009
0%
2723 Pape Omar Faye CF 2 0 (0) 2005-2006
0%
2040 Pascal Delhommeau CB 5 0 (0) 2001-2002
0%
2549 Pascal Nouma ST 3 1 (1) 2000-2001
0%
2980 Patrice Abanda CB 1 0 (0) 2001-2002
0%
2421 Patrice Loko ST 3 0 (0) 2000-2001
0%
2981 Patrick Collot CM 1 0 (0) 2001-2002
0%
2803 Patrick Kristensen RB 2 0 (0) 2008-2009
0%
1997 Patrick Lodewijks GK 5 0 (0) 2001-2003
0%
946 Patrick Paauwe CB 12 0 (1) 2001-2003
0%
1698 Patrick van Diemen DM 6 0 (1) 2000-2001
0%
2472 Patrik Jezek LM 3 0 (0) 2003-2004
0%
1141 Paul Bosvelt DM 10 1 (0) 2001-2003
0%
3212 Paul Caddis RB 1 0 (0) 2007-2008
0%
902 Paul Hartley CM 12 0 (0) 2007-2009
0%
1665 Paul Lambert DM 6 0 (0) 2001-2002
0%
3140 Paul McGowan CM 1 0 (0) 2008-2009
0%
1083 Paulo Turra CB 10 0 (0) 2001-2002
0%
1312 Paul Stalteri RB 8 0 (0) 2004-2005
0%
2190 Pavel Horvath CM 4 0 (0) 2000-2001
0%
2628 Pavel Krmas CB 3 0 (0) 2003-2004
0%
1030 Pavel Mamaev CM 11 0 (0) 2007-2008, 2009-2010
0%
1768 Pavel Nekhaychik LW 6 1 (1) 2008-2009
0%
2376 Pavel Novotny LB 3 0 (0) 2000-2001
0%
892 Pavel Pergl CB 13 0 (0) 2003-2006
0%
2448 Pavel Zavadil CM 3 0 (0) 2001-2002
0%
1628 Pavol Stano CB 6 0 (0) 2005-2006
0%
2488 Pawel Golanski RB 3 0 (0) 2007-2009
0%
2611 Pedro Barbosa AM 3 0 (0) 2000-2001
0%
2983 Pekka Lagerblom DM 1 0 (0) 2004-2005
0%
1098 Percy Olivares LB 10 0 (0) 2000-2001
0%
1041 Pereirinha RW 11 0 (0) 2007-2009
0%
2257 Perparim Hetemaj CM 4 0 (1) 2006-2007
0%
1910 Peter Babnic RW 5 1 (0) 2001-2002
0%
3087 Peter Burak RB 1 0 (0) 2005-2006
0%
1682 Péter Czvitkovics AM 6 1 (0) 2009-2010
0%
3160 Peter Niemeyer DM 1 0 (0) 2008-2009
0%
3170 Peter Pekarík RB 1 0 (0) 2009-2010
0%
1792 Péter Szakály CM 6 0 (1) 2009-2010
0%
1074 Peter Van der Heyden LB 11 0 (1) 2002-2004
0%
2730 Petr Bystrov LM 2 0 (0) 2009-2010
0%
2807 Petr Janda CM 2 0 (0) 2007-2008
0%
1274 Petr Papousek LM 8 0 (0) 2000-2002
0%
2134 Petter Belsvik ST 4 0 (0) 2000-2001
0%
2689 Phil Bardsley RB 2 0 (0) 2005-2006
0%
1777 Philippe Koch RB 6 0 (0) 2009-2010
0%
1298 Pierre-Alain Frau ST 8 2 (1) 2004-2005
0%
2953 Pierre Aristouy ST 1 0 (0) 2001-2002
0%
1891 Pierre Ducasse DM 5 0 (0) 2006-2007, 2008-2009
0%
1199 Pierre Ducrocq DM 9 0 (1) 2000-2001
0%
1998 Pieter Collen CB 5 0 (0) 2001-2002
0%
2254 Pontus Wernbloom CM 4 0 (0) 2009-2010
0%
2589 Predrag Ocokoljic RB 3 0 (0) 2008-2009
0%
3062 Przemyslaw Kazmierczak DM 1 0 (1) 2007-2008
0%
1965 Radek Bejbl DM 5 0 (0) 2005-2006
0%
1572 Radek Mynar RB 6 0 (0) 2000-2002
0%
1510 Radek Sirl LB 6 0 (0) 2008-2009
0%
2447 Radek Sloncik AM 3 0 (0) 2001-2002
0%
1924 Radim Holub ST 5 1 (0) 2001-2002
0%
2137 Radoslaw Kaluzny DM 4 0 (0) 2002-2003
0%
2346 Radu Niculescu ST 4 1 (0) 2001-2002
0%
2487 Rafal Murawski CM 3 0 (0) 2009-2010
0%
2698 Raffaele De Martino DM 2 0 (0) 2004-2005
0%
2670 Rafi Cohen ST 2 1 (0) 2002-2003
0%
3040 Ragnar Klavan CB 1 0 (0) 2009-2010
0%
2922 Rahim Zafer DF 2 0 (0) 2000-2001
0%
1175 Raimondas Žutautas DM 10 2 (1) 2002-2004
0%
3217 Raimund Hedl GK 1 0 (0) 2005-2006
0%
2767 Rami Shaaban GK 2 0 (0) 2002-2003
0%
1330 Ramiz Mamedov LB 8 0 (1) 2000-2001
0%
2829 Ramón AM 2 0 (0) 2007-2008
0%
2530 Ramon van Haaren LB 3 0 (0) 2001-2003
0%
1836 Ranko Popovic CB 5 0 (0) 2000-2001
0%
2719 Razak Pimpong RW 2 0 (0) 2006-2007
0%
2013 Răzvan Pădurețu AM 5 0 (0) 2009-2010
0%
2535 Réginal Goreux RB 3 0 (0) 2009-2010
0%
3223 Reimond Manco AM 1 0 (0) 2008-2009
0%
1680 Remco van der Schaaf CB 6 1 (0) 2002-2004
0%
1502 Rene Bolf CB 6 0 (0) 2000-2001
0%
2910 René Klingbeil CB 2 0 (0) 2006-2007
0%
3218 Rens van Eijden CB 1 0 (0) 2006-2007
0%
2066 Richard Dutruel GK 5 0 (0) 2000-2001
0%
2720 Róbert Feczesin ST 2 0 (0) 2009-2010
0%
2171 Robert Ibertsberger RB 4 0 (0) 2000-2001
0%
2479 Robert Jarni LB 3 0 (0) 2001-2002
0%
3264 Roberto Amarilla CB 1 0 (0) 2000-2001
0%
1754 Roberto Muzzi ST 6 1 (0) 2003-2004
0%
3151 Rob Wielaert CB 1 0 (0) 2001-2002
0%
3183 Rod Fanni RB 1 0 (0) 2002-2003
0%
1202 Rodolfo CB 9 0 (0) 2004-2005, 2006-2007
0%
1065 Rodolfo Arruabarrena LB 11 2 (0) 2005-2006
0%
2480 Rodolfo Cardoso AM 3 0 (1) 2000-2001
0%
3182 Rodrigo Archubi LM 1 0 (0) 2007-2008
0%
3014 Rodrigo Defendi CB 1 0 (0) 2006-2007
0%
2600 Rodrigo Fabri AM 3 0 (0) 2000-2001
0%
2546 Rodrigo Tabata AM 3 0 (0) 2009-2010
0%
2664 Rod Wallace ST 2 0 (0) 2000-2001
0%
2739 Rogério Gaúcho ST 2 0 (0) 2007-2008
0%
1293 Roland Juhász CB 8 1 (0) 2005-2007
0%
634 Rolando CB 17 2 (0) 2008-2010
0%
3103 Romain Beynié DM 1 0 (0) 2005-2006
0%
2948 Romain Sartre CB 1 0 (0) 2003-2004
0%
2071 Roman Dabrowski RM 5 0 (0) 2003-2004
0%
3243 Roman Kienast ST 1 0 (0) 2005-2006
0%
3020 Roman Konecny CB 1 0 (0) 2005-2006
0%
2484 Roman Mählich DM 3 0 (0) 2000-2001
0%
2526 Romano Denneboom RW 3 0 (0) 2000-2001
0%
1880 Roman Sharonov CB 5 0 (0) 2009-2010
0%
2836 Roman Shirokov CM 2 0 (1) 2008-2009
0%
1593 Roman Shishkin RB 6 0 (0) 2006-2007
0%
3235 Roman Zozulya ST 1 0 (0) 2008-2009
0%
2166 Romaric DM 4 0 (0) 2009-2010
0%
1679 Romeo Surdu LW 6 0 (0) 2007-2008
0%
3072 Ronald Maul LB 1 0 (0) 2000-2001
0%
1379 Ronald Zubar CB 7 0 (0) 2007-2009
0%
3076 Ronnie Wallwork CM 1 0 (0) 2000-2001
0%
3058 Ross McCormack CF 1 1 (0) 2005-2006
0%
2624 Ross Wallace RM 3 0 (0) 2003-2005
0%
2732 Roy Beerens RW 2 0 (0) 2006-2007
0%
2918 Rúben Micael CM 2 0 (1) 2009-2010
0%
2107 Rudi Skacel LM 5 1 (0) 2004-2005
0%
1823 Ruslan Nigmatullin GK 6 0 (0) 2001-2002
0%
2202 Ruslan Rotan CM 4 0 (0) 2006-2008
0%
967 Sabri Sarıoğlu RB 12 0 (1) 2003-2004, 2006-2007
0%
2123 Salaheddine Bassir ST 4 1 (0) 2001-2002
0%
2455 Salem Abu Siam LB 3 0 (0) 2004-2005
0%
2431 Salim Arrache LW 3 0 (0) 2007-2008
0%
1726 Salomon Olembé LM 6 0 (0) 2001-2002
0%
2289 Sander van Gessel DM 4 0 (0) 2000-2001
0%
1621 Sander Westerveld GK 6 0 (0) 2003-2004
0%
2026 Sándor Torghelle ST 5 0 (2) 2005-2006
0%
2425 Sascha Kirschstein GK 3 0 (0) 2006-2007
0%
1935 Savvas Poursaitidis RB 5 0 (0) 2009-2010
0%
3237 Sead Halilagic CB 1 0 (0) 2000-2001
0%
2256 Sebastian Boenisch LB 4 0 (1) 2008-2009
0%
1296 Sebastián Eguren DM 8 0 (0) 2005-2006, 2008-2009
0%
2573 Sebastiano Siviglia CB 3 0 (0) 2001-2002, 2007-2008
0%
2263 Sebastian Prödl CB 4 0 (0) 2008-2009
0%
1111 Sébastien Barberis RM 10 0 (1) 2002-2003
0%
3174 Sébastien Carole RW 1 0 (0) 2003-2004
0%
2564 Sébastien Puygrenier CB 3 0 (0) 2008-2009
0%
2632 Secretário RB 3 0 (0) 2001-2002
0%
3249 Sekou Oliseh RW 1 0 (0) 2009-2010
0%
2950 Selim Benachour AM 1 0 (0) 2000-2001
0%
2017 Selver Hodzic CB 5 1 (0) 2005-2006
0%
2249 Serdar Kurtuluş RB 4 0 (0) 2007-2008
0%
1251 Serdar Özkan LW 9 0 (0) 2007-2008, 2009-2010
0%
3241 Serge Branco RB 1 0 (0) 2003-2004
0%
839 Sergen Yalçın AM 14 4 (5) 2001-2002, 2003-2004
0%
2110 Sergey Gurenko RB 5 0 (0) 2003-2004
0%
1725 Sergey Krivets AM 6 1 (0) 2008-2009
0%
1574 Sergey Ryzhikov GK 6 0 (0) 2009-2010
0%
910 Sergey Semak CM 12 4 (1) 2004-2005, 2009-2010
0%
1809 Sergey Sosnovskiy CB 6 0 (0) 2008-2009
0%
1795 Sergey Veremko GK 6 0 (0) 2008-2009
0%
2709 Serghei Covalciuc CM 2 0 (0) 2006-2007
0%
2399 Sergio Almaguer CB 3 0 (0) 2002-2003
0%
2644 Sergio Porrini RB 2 0 (0) 2000-2001
0%
714 Sergiy Fedorov CB 16 1 (1) 2000-2001, 2003-2004, 2007-2008
0%
2147 Sergiy Kovalyov CM 4 0 (0) 2000-2001
0%
1254 Sergiy Serebrennikov CM 9 0 (0) 2000-2002, 2005-2006
0%
1334 Serkan Aykut ST 8 0 (0) 2000-2002
0%
1061 Serkan Balcı RB 11 0 (0) 2004-2006
0%
2076 Servet Çetin CB 5 0 (0) 2004-2006
0%
2142 Seyfo Soley DM 4 0 (0) 2002-2003
0%
3280 Seyi Samuel Ogunsania CB 1 0 (0) 2002-2003
0%
2943 Shai Maimon CB 1 0 (0) 2009-2010
0%
890 Shaun Maloney AM 13 1 (1) 2001-2002, 2003-2004, 2006-2007, 2008-2009
0%
3189 Shiva N'Zigou LW 1 0 (0) 2001-2002
0%
1685 Shlomi Arbeitman ST 6 0 (0) 2009-2010
0%
2105 Shota Arveladze ST 5 0 (0) 2003-2004
0%
2410 Shuki Nagar LB 3 0 (0) 2004-2005
0%
950 Silvan Aegerter DM 12 1 (0) 2005-2006, 2009-2010
0%
1086 Silvio Meißner DM 10 0 (0) 2003-2004, 2007-2008
0%
3220 Simone Esposito RW 1 0 (0) 2008-2009
0%
1108 Simon Vukcevic RW 10 0 (1) 2007-2009
0%
1620 Sinan Bolat GK 6 1 (0) 2009-2010
0%
2888 Sinan Kaloğlu ST 2 0 (0) 2003-2004
0%
2053 Sinisa Dobrasinovic DM 5 1 (0) 2008-2009
0%
3100 Slobodan Rajković CB 1 0 (0) 2007-2008
0%
1923 Sorin Frunză LM 5 0 (0) 2009-2010
0%
2634 Sotiris Konstantinidis LM 3 0 (0) 2003-2004
0%
2207 Sotiris Leontiou DM 4 0 (1) 2005-2006
0%
2916 Souleymane Diamoutene CB 2 0 (0) 2008-2009
0%
1321 Stanislav Bogush GK 8 0 (0) 2008-2010
0%
2621 Stanislav Cherchesov GK 3 0 (0) 2002-2003
0%
3037 Stanley Aborah CM 1 0 (0) 2004-2005
0%
1963 Stefano Celozzi RB 5 0 (0) 2009-2010
0%
2125 Stefan Wächter GK 4 0 (0) 2006-2007
0%
2567 Stef Nijland AM 3 0 (0) 2008-2009
0%
1766 Stepan Vachousek LM 6 0 (1) 2003-2004
0%
2417 Stéphane Dumont DM 3 0 (0) 2005-2007
0%
2855 Stéphane Grichting CB 2 0 (0) 2002-2003
0%
2218 Stéphane Mbia DM 4 0 (0) 2009-2010
0%
3184 Stéphane Pédron LM 1 0 (0) 2002-2003
0%
1721 Stéphane Porato GK 6 0 (0) 2000-2001
0%
2752 Stephen Darby RB 2 0 (0) 2008-2010
0%
2172 Stephen Makinwa ST 4 0 (0) 2007-2008
0%
2135 Stephen Pearson CM 4 1 (0) 2006-2007
0%
3265 Steve Guppy LM 1 0 (0) 2001-2002
0%
2790 Steve Harper GK 2 0 (0) 2002-2003
0%
1357 Steven Naismith CF 7 0 (1) 2007-2008, 2009-2010
0%
2649 Steven Pressley CB 2 0 (0) 2007-2008
0%
1179 Steven Whittaker RB 9 0 (0) 2007-2008, 2009-2010
0%
1522 Steve Olfers CB 6 0 (0) 2008-2009
0%
1615 Stig Tøfting DM 6 0 (0) 2000-2001
0%
1714 Stijn Schaars DM 6 0 (0) 2009-2010
0%
2583 Stijn Wuytens CB 3 0 (1) 2008-2009
0%
495 Suat Kaya DM 21 1 (0) 2000-2003
0%
3233 Suat Usta CB 1 0 (0) 2003-2004
0%
2136 Sunday Oliseh DM 4 0 (0) 2001-2002
0%
2839 Sunny DM 2 0 (0) 2007-2008
0%
2466 Sven Kmetsch DM 3 0 (0) 2001-2002
0%
642 Sylvain Armand LB 17 1 (3) 2001-2002, 2004-2005
0%
3011 Sylvain Idangar LW 1 1 (0) 2004-2005
0%
2852 Sylvain Monsoreau CB 2 0 (0) 2005-2006
0%
2140 Takayuki Suzuki ST 4 0 (1) 2002-2003
0%
343 Takis Fyssas LB 27 0 (0) 2000-2001, 2003-2004
0%
2627 Takis Gonias RM 3 0 (0) 2003-2004
0%
2273 Talal El Karkouri CB 4 1 (0) 2000-2001
0%
3211 Taleb Tawatha LB 1 0 (0) 2009-2010
0%
1561 Tamir Cohen CM 6 0 (0) 2004-2005
0%
2786 Taras Lutsenko GK 2 0 (0) 2006-2008
0%
2264 Tarek El Said LW 4 0 (0) 2001-2002
0%
1040 Tarik Sektioui RW 11 1 (2) 2006-2009
0%
962 Tayfur Havutçu DM 12 1 (0) 2000-2001, 2003-2004
0%
2014 Teemu Tainio DM 5 0 (1) 2002-2003
0%
1488 Thomas Augustinussen DM 6 0 (0) 2008-2009
0%
1039 Thomas Buffel RW 11 0 (3) 2002-2003, 2005-2006
0%
2658 Thomas Chatelle RW 2 0 (0) 2002-2003
0%
3229 Thomas Cruise LB 1 0 (0) 2009-2010
0%
1655 Thomas Enevoldsen CF 6 1 (0) 2008-2009
0%
1260 Thomas Kleine CB 8 0 (0) 2001-2003
0%
1115 Thorstein Helstad ST 10 3 (0) 2004-2006
0%
2233 Tiago Bernardini CB 4 0 (0) 2005-2006
0%
2932 Tiago Dutra DM 1 0 (0) 2009-2010
0%
2590 Tibor Dombi RM 3 0 (0) 2009-2010
0%
2827 Tieme Klompe CB 2 0 (0) 2000-2001
0%
1674 Timo Gebhart AM 6 0 (2) 2009-2010
0%
3258 Timothée Kolodziejczak CB 1 0 (0) 2009-2010
0%
2584 Timo Wenzel CB 3 1 (0) 2003-2004
0%
2927 Tim Smolders CM 2 0 (0) 2002-2004
0%
2168 Tomas Cizek AM 4 0 (0) 2001-2002
0%
2877 Tomas Hubocan CB 2 0 (0) 2008-2009
0%
2582 Tomas Jablonsky LB 3 0 (0) 2007-2008
0%
1631 Tomas Polacek LM 6 0 (0) 2005-2006
0%
1897 Tomas Postulka GK 5 0 (0) 2000-2001
0%
3053 Tomasz Iwan RM 1 0 (0) 2000-2001
0%
1445 Tomislav Butina GK 7 0 (0) 2003-2004, 2005-2006
0%
1242 Tomislav Kocijan CF 9 1 (2) 2000-2001
0%
2957 Tomislav Sokota ST 1 0 (0) 2005-2006
0%
2090 Toni Doblas GK 5 0 (0) 2005-2006
0%
2401 Toñito AM 3 0 (0) 2000-2001
0%
2662 Tony Hackworth AM 2 0 (0) 2000-2001
0%
2520 Tony Vidmar LB 3 0 (0) 2000-2001
0%
2860 Torben Hoffmann CB 2 0 (0) 2000-2001
0%
3042 Tor Eivind Trondsen CB 1 0 (0) 2000-2001
0%
2924 Tristan Peersman GK 2 0 (0) 2004-2005
0%
2153 Trond Ludvigsen RW 4 0 (0) 2002-2003
0%
1770 Tsepo Masilela LB 6 0 (0) 2009-2010
0%
1979 Tugay Kerimoğlu DM 5 0 (0) 2000-2001
0%
2640 Uche Okechukwu CB 2 0 (0) 2001-2002
0%
1062 Uğur Boral LM 11 2 (1) 2007-2009
0%
2367 Uğur İnceman CM 4 0 (0) 2009-2010
0%
3142 Uliano Courville MF 1 0 (0) 2000-2001
0%
2622 Ulrich van Gobbel RB 3 0 (0) 2001-2002
0%
1493 Ulrik Jansson DM 6 0 (0) 2000-2001
0%
1786 Ümit Bozkurt DF 6 0 (0) 2000-2001
0%
703 Ümit Özat LB 16 0 (1) 2001-2002, 2004-2006
0%
2428 Vaclav Kolousek MF 3 0 (0) 2000-2001
0%
2089 Vágner DM 5 1 (0) 2003-2004
0%
2898 Valdo RW 2 0 (0) 2001-2002
0%
2463 Valeriu Bordeanu LB 3 0 (0) 2009-2010
0%
2155 Valeriy Abramidze CB 4 0 (0) 2002-2003
0%
2647 Valeriy Kryventsov AM 2 0 (0) 2000-2001
0%
2197 Valon Behrami CM 4 0 (0) 2007-2008
0%
2162 Vangelis Koutsoures DM 4 0 (0) 2000-2001
0%
1081 Vangelis Mantzios ST 10 5 (1) 2005-2006, 2008-2009
0%
1351 Vangelis Moras CB 8 0 (0) 2003-2004, 2006-2007
0%
1969 Vasile Maftei CB 5 0 (0) 2009-2010
0%
1658 Vasilica Cristocea LW 6 0 (1) 2006-2008
0%
1451 Vasilios Borbokis RB 7 0 (0) 2002-2004
0%
897 Vasilios Lakis RM 13 2 (0) 2002-2003, 2006-2007
0%
976 Vasilios Tsiartas AM 12 2 (3) 2002-2004
0%
539 Vasiliy Baranov RM 19 1 (1) 2000-2003
0%
1781 Vedat İnceefe CB 6 0 (0) 2000-2003
0%
2029 Vedran Runje GK 5 0 (0) 2003-2004
0%
3112 Veli Lampi RB 1 0 (0) 2009-2010
0%
2418 Veniamin Mandrykin GK 3 0 (0) 2007-2008
0%
3148 Veselin Minev LB 1 0 (0) 2006-2007
0%
236 Vicente LW 33 2 (6) 2000-2001, 2002-2003, 2004-2005, 2006-2008
0%
2903 Vicente DM 2 0 (0) 2001-2002
0%
2413 Vicente Engonga CM 3 1 (0) 2001-2002
0%
2449 Victor Agali ST 3 0 (0) 2001-2002
0%
1677 Victor Sikora RW 6 0 (0) 2002-2004
0%
2653 Victor Simões ST 2 0 (0) 2005-2006
0%
3091 Vieirinha RB 1 0 (0) 2006-2007
0%
584 Viktor Bulatov DM 18 0 (2) 2000-2002
0%
2814 Viktor Fayzulin CM 2 0 (0) 2008-2009
0%
3028 Vincent Gragnic AM 1 0 (0) 2007-2008
0%
3129 Vincent Péricard ST 1 0 (0) 2001-2002
0%
1915 Vitaliy Kaleshin RB 5 0 (0) 2009-2010
0%
2036 Vitaliy Kazantsev RB 5 0 (0) 2008-2009
0%
3030 Vitaliy Lysytskyi CB 1 0 (0) 2000-2001
0%
3166 Vitaliy Mandzyuk RB 1 0 (0) 2006-2007
0%
1257 Vitaliy Reva GK 9 0 (0) 2001-2003
0%
2031 Vitaliy Rodionov ST 5 0 (0) 2008-2009
0%
3023 Vlada Avramov GK 1 0 (0) 2009-2010
0%
1576 Vladimer Dvalishvili ST 6 0 (0) 2009-2010
0%
1508 Vladimir Bystrov RW 6 0 (3) 2006-2007
0%
2793 Vladimir Gluscevic ST 2 0 (0) 2003-2004
0%
1730 Vladimir Kuzmichev LW 6 0 (2) 2000-2001
0%
364 Vladimir Maminov CM 26 2 (2) 2001-2004
0%
2363 Vladimir Rzhevski CB 4 0 (0) 2008-2009
0%
2777 Vladimir Stojkovic GK 2 0 (0) 2007-2008
0%
2365 Vladislav Mirchev ST 4 0 (0) 2008-2009
0%
2454 Volodymyr Yezerskyi RB 3 0 (0) 2007-2009
0%
2335 Vukasin Poleksic GK 4 0 (0) 2009-2010
0%
1504 Vyacheslav Malafeev GK 6 0 (0) 2008-2009
0%
2987 Vyacheslav Sviderskyi CB 1 0 (0) 2006-2007
0%
2691 Wagneau Eloi ST 2 0 (0) 2000-2001
0%
1565 Walid Badir DM 6 1 (1) 2002-2003
0%
285 Walter Baseggio CM 30 1 (1) 2000-2001, 2003-2006
0%
2251 Wálter Centeno AM 4 2 (1) 2002-2003
0%
2277 Wamberto RW 4 0 (0) 2002-2004
0%
1002 Wederson LB 11 0 (0) 2007-2009
0%
1652 William Kvist DM 6 0 (0) 2006-2007
0%
3186 Willy Grondin GK 1 0 (0) 2001-2002
0%
3126 Wilson Oruma AM 1 0 (0) 2007-2008
0%
1824 Winston Parks ST 6 1 (0) 2002-2004
0%
2440 Xavier Gravelaine ST 3 0 (0) 2000-2001
0%
1820 Xavier Margairaz AM 6 1 (0) 2009-2010
0%
1366 Xisco Muñoz CF 7 0 (0) 2004-2006
0%
1107 Yaniv Katan AM 10 3 (1) 2002-2003, 2009-2010
0%
762 Yannick Djaló LW 15 1 (1) 2006-2009
0%
1734 Yann Lachuer AM 6 0 (1) 2002-2003
0%
2261 Yasin Çakmak CB 4 0 (1) 2007-2009
0%
1426 Yasin Sülün DM 7 0 (0) 2000-2001, 2003-2004
0%
2341 Yevgen Khacheridi CB 4 0 (0) 2009-2010
0%
1283 Yohan Cabaye CM 8 0 (0) 2005-2007
0%
2217 Youri Mulder ST 4 1 (0) 2001-2002
0%
973 Yuriy Dmytrulin RB 12 0 (3) 2000-2001, 2002-2004
0%
1280 Yuriy Drozdov DM 8 0 (0) 2001-2003
0%
406 Yuriy Kovtun LB 23 0 (1) 2000-2003
0%
1226 Yuriy Nikiforov CB 9 0 (0) 2000-2002
0%
1559 Yuriy Virt GK 6 0 (0) 2000-2001
0%
2075 Yusuf Şimşek AM 5 0 (1) 2001-2002, 2009-2010
0%
1419 Yves Deroff RB 7 0 (0) 2001-2002
0%
3227 Zaza Janashia ST 1 0 (0) 2001-2002
0%
2143 Zdenek Svoboda AM 4 0 (0) 2000-2001
0%
1103 Zé Elias CM 10 0 (0) 2000-2003
0%
1870 Zhivko Milanov RB 5 0 (0) 2006-2007
0%
1600 Zoltán Kiss CM 6 0 (0) 2009-2010
0%
2776 Zoltán Nagy GK 2 0 (0) 2008-2009
0%
702 Zoltan Sebescen RB 16 2 (3) 2001-2003
0%
2180 Zoltán Szélesi RB 4 0 (0) 2009-2010
0%
1678 Zsolt Laczkó LB 6 0 (0) 2009-2010
0%
1822 Zurab Khizanishvili CB 6 0 (0) 2003-2004
0%
1477 Zvonimir Vukic AM 6 0 (1) 2004-2005
0%
2139 Zvonko Milojevic GK 4 0 (0) 2000-2001
0%
No matching quizzes found
Score Distribution
Percent of People with Each Score
Percentile by Number Answered
Your Score History
You have not taken this quiz